Top 4000 NBA PLayers - Statistics

General Stats
  • This quiz has been taken 42 times
  • The average score is 391 of 4000
Answer Stats
Player PSP PSPPG From To Team POS % Correct
1 LeBron James 96673 52.03 2004 2025 CLE,LAL,MIA SG,SF,PF,PG,C
100%
9 Michael Jordan 63354 50.64 1985 2003 CHI,WAS SG,SF
97%
243 DeAndre Jordan 26018 21.97 2009 2025 BRK,DAL,DEN,LAC,LAL,NYK,PHI C
94%
6 Kobe Bryant 65179 41.62 1997 2016 LAL SF,SG
94%
3809 Ha Seung-Jin 160 3.48 2005 2006 POR C
91%
5 John Stockton 66064 39.18 1985 2003 UTA PG
91%
248 Jeff Malone 25948 27.14 1984 1996 MIA,PHI,UTA,WSB SG
89%
2 Kareem Abdul-Jabbar 81938 45.60 1970 1989 LAL,MIL C
89%
3 Karl Malone 74058 44.37 1986 2004 LAL,UTA PF
89%
19 Magic Johnson 56926 51.94 1980 1996 LAL SG,PG,PF
89%
21 Moses Malone 53914 37.89 1975 1995 ATL,BUF,HOU,MIL,PHI,SAS,WSB C
89%
12 Shaquille O'Neal 60716 42.67 1993 2011 BOS,CLE,LAL,MIA,ORL,PHO C
89%
8 Chris Paul 63429 42.17 2006 2025 GSW,HOU,LAC,NOH,NOK,OKC,PHO,SAS PG
86%
416 Dell Curry 20916 18.44 1987 2002 CHH,CLE,MIL,TOR,UTA SG
86%
1237 Grayson Allen 7875 18.23 2019 2025 MEM,MIL,PHO,UTA SG
86%
1480 Jalen Duren 5859 27.64 2023 2025 DET C
86%
612 Jarrett Allen 16261 27.28 2018 2025 BRK,CLE C
86%
11 Kevin Garnett 60960 37.98 1996 2016 BOS,BRK,MIN PF,C,SF
86%
45 Ray Allen 44694 30.38 1997 2014 BOS,MIA,MIL,SEA SG
86%
1037 Seth Curry 9830 16.60 2014 2025 BRK,CHO,CLE,DAL,MEM,PHI,PHO,POR,SAC SG,PG
86%
26 Stephen Curry 52458 44.27 2010 2025 GSW PG
86%
7 Tim Duncan 64377 39.18 1998 2016 SAS PF,C
86%
695 Tony Allen 14582 15.65 2005 2018 BOS,MEM,NOP SG,PG,SF
86%
679 Amir Johnson 14855 16.08 2006 2019 BOS,DET,PHI,TOR PF,SF,C
83%
862 Anthony Johnson 12134 13.59 1998 2010 ATL,CLE,DAL,IND,NJN,ORL,SAC PG,SG
83%
255 Avery Johnson 25793 22.55 1989 2004 DAL,DEN,GSW,HOU,SAS,SEA PG
83%
1217 Cameron Johnson 8101 21.43 2020 2025 BRK,PHO PF
83%
1080 Charles Johnson 9390 15.50 1973 1979 GSW,WSB SG,PG
83%
3229 Chris Johnson 436 5.81 2011 2013 BOS,MIN,NOH,POR C
83%
179 David West 29473 25.58 2004 2018 GSW,IND,NOH,NOK,SAS C,PF,SF
83%
65 Dennis Johnson 39203 30.63 1977 1990 BOS,PHO,SEA SG,PG
83%
151 Eddie Johnson 31796 24.69 1982 1999 CHH,HOU,IND,KCK,PHO,SAC,SEA SF,SG
83%
782 James Johnson 13268 16.26 2010 2025 BRK,CHI,DAL,IND,MEM,MIA,MIN,NOP,SAC,TOR PF,SF,C
83%
30 Jerry West 50390 46.44 1961 1974 LAL SG,PG
83%
60 Joe Johnson 39986 28.62 2002 2022 ATL,BOS,BRK,HOU,MIA,PHO,UTA SG,SF
83%
1050 Keldon Johnson 9750 26.21 2020 2025 SAS SF
83%
110 Kevin Johnson 34618 41.21 1988 2000 CLE,PHO PG
83%
25 Larry Bird 52611 49.59 1980 1992 BOS PF,SF
83%
316 Larry Johnson 23741 30.71 1992 2001 CHH,NYK PF,SF
83%
222 Marques Johnson 27213 36.53 1978 1990 GSW,LAC,MIL SF,SG
83%
232 Mickey Johnson 26772 28.91 1975 1986 CHI,GSW,IND,MIL,NJN PF
83%
1435 Stanley Johnson 6135 13.45 2016 2023 DET,LAL,NOP,SAS,TOR SF,PF
83%
776 Steve Johnson 13355 20.90 1982 1991 CHI,GSW,KCK,MIN,POR,SAS,SEA C
83%
277 Vinnie Johnson 24913 22.65 1980 1992 DET,SAS,SEA SG,PG
83%
1175 Wesley Johnson 8366 13.54 2011 2019 LAC,LAL,MIN,NOP,PHO,WAS SF,SG
83%
4 Wilt Chamberlain 73495 60.99 1960 1973 LAL,PHI,PHW,SFW C
83%
569 Austin Carr 17068 24.38 1972 1981 CLE,DAL,WSB SG
80%
14 Hakeem Olajuwon 59811 43.25 1985 2002 HOU,TOR C
80%
17 Kevin Durant 58825 45.46 2008 2025 BRK,GSW,OKC,PHO,SEA PF,SF,SG
80%
10 Russell Westbrook 63314 46.08 2009 2025 DEN,HOU,LAC,LAL,OKC,WAS PG
80%
16 Dirk Nowitzki 58949 35.36 1999 2019 DAL PF,C
77%
531 Isaiah Thomas 17850 30.62 2012 2024 BOS,CHO,CLE,DAL,DEN,LAL,NOP,PHO,SAC,WAS PG,SG
77%
37 Isiah Thomas 47563 43.64 1982 1994 DET PG
77%
3927 Joe Thomas 132 3.38 1971 1971 PHO SF
77%
1789 Lance Thomas 3814 9.49 2012 2020 BRK,NOH,NOP,NYK,OKC PF,SF
77%
1571 Patrick Williams 5123 18.04 2021 2025 CHI PF
77%
29 Paul Pierce 51469 34.02 1999 2017 BOS,BRK,LAC,WAS SF,SG
77%
324 Ricky Pierce 23470 22.02 1983 1998 CHH,DEN,DET,GSW,IND,MIL,SDC,SEA SG,PG
77%
1488 Thomas Bryant 5784 16.20 2018 2025 DEN,IND,LAL,MIA,WAS C
77%
549 Tim Thomas 17510 19.92 1998 2010 CHI,DAL,LAC,MIL,NYK,PHI,PHO SF,PF
77%
188 A.C. Green 28988 20.26 1986 2001 DAL,LAL,MIA,PHO PF,SF
74%
2322 A.J. Green 1748 9.93 2023 2025 MIL SG
74%
2011 Ausar Thompson 2752 21.50 2024 2025 DET SF
74%
2343 Bernie Williams 1686 13.17 1970 1974 SDR SG
74%
74 Buck Williams 37811 26.72 1982 1998 NJN,NYK,POR PF
74%
590 Danny Green 16652 16.64 2010 2024 CLE,LAL,MEM,PHI,SAS,TOR SG,SF
74%
513 David Thompson 18300 34.14 1976 1984 DEN,SEA SG
74%
117 Deron Williams 34202 36.58 2006 2017 BRK,CLE,DAL,NJN,UTA PG
74%
152 Draymond Green 31777 30.15 2013 2025 GSW SF,PF
74%
988 Gerald Green 10297 14.18 2006 2019 BOS,DAL,HOU,IND,MIA,MIN,NJN,PHO SG,SF
74%
1409 Grant Williams 6275 14.20 2020 2025 BOS,CHO,DAL PF
74%
160 Gus Williams 30827 33.36 1976 1987 ATL,GSW,SEA,WSB SG,PG
74%
1807 Hollis Thompson 3697 13.95 2014 2017 NOP,PHI SG,SF
74%
1017 Jalen Green 10051 32.01 2022 2025 HOU SG
74%
1163 Jalen Williams 8513 33.92 2023 2025 OKC SG,PF
74%
13 James Harden 60635 45.80 2010 2025 BRK,HOU,LAC,OKC,PHI PG,SG
74%
1084 JaMychal Green 9304 15.51 2015 2023 DEN,GSW,LAC,MEM,SAS PF
74%
935 Jason Thompson 11079 18.53 2009 2016 GSW,SAC,TOR C,PF
74%
395 Jason Williams 21470 25.11 1999 2011 MEM,MIA,ORL,SAC PG
74%
256 Jeff Green 25776 19.48 2008 2025 BOS,BRK,CLE,DEN,HOU,LAC,MEM,OKC,ORL,SEA,UTA,WAS SF,PF,C
74%
208 Jermaine O'Neal 27753 25.05 1997 2014 BOS,GSW,IND,MIA,PHO,POR,TOR C,PF
74%
1063 Jerome Williams 9635 15.74 1997 2005 CHI,DET,NYK,TOR PF,SF
74%
1013 John Williams 10110 22.57 1987 1995 IND,LAC,WSB SF
74%
1453 Kenrich Williams 6008 14.48 2019 2025 NOP,OKC SF,PF
74%
181 Klay Thompson 29383 28.64 2012 2025 DAL,GSW SF,SG
74%
194 Lou Williams 28594 23.59 2006 2022 ATL,HOU,LAC,LAL,PHI,TOR SG,PG
74%
397 Marvin Williams 21462 18.98 2006 2020 ATL,CHO,MIL,UTA PF,SF
74%
1003 Michael Carter-Williams 10171 24.75 2014 2023 CHI,CHO,HOU,MIL,ORL,PHI PG,SG
74%
1483 Monty Williams 5822 11.98 1995 2003 DEN,NYK,ORL,PHI,SAS SF
74%
343 Mo Williams 22919 26.04 2004 2016 CHO,CLE,LAC,MIL,MIN,POR,UTA PG,SG
74%
204 Mychal Thompson 27990 26.94 1979 1991 LAL,POR,SAS PF,C
74%
1542 Robert Williams 5367 18.38 2019 2025 BOS,POR C
74%
1006 Scott Williams 10156 12.09 1991 2005 CHI,CLE,DAL,DEN,MIL,PHI,PHO PF,C
74%
1857 Shawne Williams 3501 11.01 2007 2015 DAL,DET,IND,LAL,MIA,NJN,NYK SF,SG,PF
74%
38 Steve Nash 47396 35.45 1997 2014 DAL,LAL,PHO PG
74%
550 Tristan Thompson 17507 18.89 2012 2025 BOS,CHI,CLE,IND,SAC,LAL C,PF
74%
998 Willie Green 10212 13.31 2004 2015 ATL,LAC,NOH,ORL,PHI SG
74%
732 Adrian Smith 13983 18.52 1962 1972 CIN,SFW SG
71%
3390 Anthony Brown 345 8.41 2016 2018 LAL,MIN,NOP,ORL SF
71%
985 Anthony Carter 10314 15.58 2000 2012 DEN,MIA,MIN,NYK,SAS,TOR PG
71%
24 Bill Russell 52659 46.68 1957 1969 BOS C
71%
2503 Bobby Brown 1325 8.13 2009 2018 HOU,LAC,MIN,NOH,SAC PG,SG
71%
1058 Bruce Brown 9684 19.41 2019 2025 BRK,DEN,DET,IND,NOP,TOR PG,SF,SG
71%
423 Cazzie Russell 20678 23.26 1967 1978 CHI,GSW,LAL,NYK SF
71%
78 Clifford Robinson 37657 24.76 1990 2007 DET,GSW,NJN,PHO,POR PF,C,SF
71%
443 Cliff Robinson 20115 31.14 1980 1992 CLE,KCK,LAL,NJN,PHI,WSB PF,C,SF
71%
52 Damian Lillard 42750 44.07 2013 2025 MIL,POR PG
71%
43 David Robinson 45056 40.59 1990 2003 SAS C
71%
702 Dee Brown 14456 22.62 1991 2002 BOS,ORL,TOR PG,SG
71%
1287 Dennis Smith Jr. 7375 22.62 2018 2024 BRK,CHO,DAL,DET,NYK,POR PG
71%
1380 Devin Brown 6534 13.12 2003 2010 CHI,CLE,DEN,NOH,NOK,SAS,UTA SG
71%
948 Dorian Finney-Smith 10873 17.23 2017 2025 BRK,DAL,LAL PF,SF
71%
1141 Duncan Robinson 8756 17.65 2019 2025 MIA SF,SG
71%
34 Dwyane Wade 49075 39.87 2004 2019 CHI,CLE,MIA SG,PG
71%
240 Fred Brown 26151 25.00 1972 1984 SEA SG,PG
71%
297 Glenn Robinson 24338 33.48 1995 2005 ATL,MIL,PHI,SAS SF
71%
1889 Glenn Robinson III 3320 10.51 2015 2021 DET,GSW,IND,MIN,PHI,SAC SF,SG
71%
687 Ish Smith 14698 17.71 2011 2024 CHO,DEN,DET,GSW,HOU,MEM,MIL,NOP,OKC,ORL,PHI,PHO,WAS PG
71%
1555 Jabari Smith Jr. 5289 24.15 2023 2025 HOU PF
71%
3857 Jackie Robinson 148 6.73 1979 1982 CHI,DET,SEA SF
71%
1667 Jalen Smith 4473 15.69 2021 2025 CHI,IND,PHO C,PF
71%
1268 Jason Smith 7543 11.75 2008 2019 MIL,NOH,NOP,NYK,ORL,PHI,WAS PF,C
71%
342 Jaylen Brown 22923 31.06 2017 2025 BOS SF,SG
71%
1646 Jevon Carter 4581 10.51 2019 2025 BRK,CHI,MEM,MIL,PHO PG
71%
104 Jimmy Butler 35111 35.01 2012 2025 CHI,GSW,MIA,MIN,PHI SG,SF,PF
71%
374 Joe Smith 21958 20.11 1996 2011 ATL,CHI,CLE,DEN,DET,GSW,LAL,MIL,MIN,NJN,OKC,PHI PF,C,SF
71%
1272 John Brown 7496 15.20 1974 1980 ATL,CHI,UTA SF,PF
71%
168 Josh Smith 30214 31.25 2005 2018 ATL,DET,HOU,LAC,NOP SF,PF
71%
339 J.R. Smith 23009 20.60 2005 2020 CLE,DEN,LAL,NOH,NOK,NYK SG,SF
71%
68 Julius Erving 38958 39.88 1972 1987 PHI SF,SG
71%
402 Kenny Smith 21421 26.61 1988 1997 ATL,DEN,DET,HOU,ORL,SAC PG
71%
1074 Kwame Brown 9477 15.16 2002 2013 CHA,DET,GSW,LAL,MEM,PHI,WAS C,PF
71%
100 Kyrie Irving 35442 40.46 2012 2025 BOS,BRK,CLE,DAL PG,SG
71%
1264 Mike Brown 7625 11.38 1987 1997 CHI,MIN,PHI,PHO,UTA C
71%
1305 Mitchell Robinson 7172 19.28 2019 2025 NYK C
71%
805 Nate Robinson 12975 19.96 2006 2016 BOS,CHI,DEN,GSW,LAC,NOP,NYK,OKC PG
71%
1201 Randy Brown 8204 11.69 1992 2003 BOS,CHI,PHO,SAC PG
71%
157 Randy Smith 31181 31.18 1972 1983 ATL,BUF,CLE,NYK,SDC SG,SF
71%
3591 Reggie Smith 252 3.82 1993 1994 POR C,PF
71%
2070 Robert Smith 2556 10.02 1978 1985 CLE,DEN,MIL,NJN,SAS,SDC,UTA PG
71%
3101 Sam Smith 541 11.76 1979 1980 CHI,MIL SF
71%
263 Steve Smith 25437 24.65 1992 2005 ATL,CHA,MIA,NOH,POR,SAS SG
71%
40 Vince Carter 46981 28.84 1999 2020 ATL,DAL,MEM,NJN,ORL,PHO,SAC,TOR PF,SG,SF
71%
1015 Wendell Carter Jr. 10073 25.44 2019 2025 CHI,ORL C,PF
71%
46 Allen Iverson 44552 45.23 1997 2010 DEN,DET,MEM,PHI SG,PG
69%
56 Andre Miller 41616 30.33 2000 2016 CLE,DEN,LAC,MIN,PHI,POR,SAC,SAS,WAS PG,SG
69%
80 Anthony Davis 37383 43.83 2013 2025 DAL,LAL,NOH,NOP PF,C
69%
2551 Anthony Miller 1245 6.59 1995 2005 ATL,HOU,LAL,PHI PF
69%
412 Antonio Davis 21063 21.15 1994 2006 CHI,IND,NYK,TOR C,PF
69%
145 Baron Davis 32485 36.71 2000 2012 CHH,CLE,GSW,LAC,NOH,NYK PG
69%
1954 Brandon Miller 2996 29.66 2024 2025 CHO SF
69%
1733 Brian Roberts 4089 12.62 2013 2017 CHO,NOH,NOP,POR PG
69%
320 Caron Butler 23616 24.96 2003 2016 DAL,DET,LAC,LAL,MIA,MIL,OKC,SAC,WAS SG,SF
69%
367 D'Angelo Russell 22060 33.17 2016 2025 BRK,GSW,LAL,MIN PG
69%
1113 Glen Davis 9033 14.81 2008 2015 BOS,LAC,ORL C,PF
69%
1232 Jabari Parker 7892 24.59 2015 2022 ATL,BOS,CHI,MIL,SAC,WAS PF
69%
15 Jason Kidd 59551 38.44 1995 2013 DAL,NJN,NYK,PHO PG,SG
69%
1117 Jim Davis 9009 14.30 1968 1975 ATL,DET,HOU,STL C
69%
202 Luka Doncic 28088 55.62 2019 2025 DAL,LAL SG,PG
69%
1995 Mark Davis 2821 12.27 1996 2000 GSW,MIA,MIN,PHI SF
69%
1876 Mike Davis 3389 16.61 1970 1973 BAL,BUF SG
69%
361 Mike Miller 22413 19.90 2001 2017 CLE,DEN,MEM,MIA,MIN,ORL,WAS SF,SG
69%
1112 Naz Reid 9038 20.40 2020 2025 MIN C,PF
69%
18 Oscar Robertson 58414 51.88 1961 1974 CIN,MIL PG
69%
49 Reggie Miller 43829 28.59 1988 2005 IND SG
69%
42 Tony Parker 45306 30.61 2002 2019 CHO,SAS PG
69%
118 Walter Davis 34161 30.75 1978 1992 DEN,PHO,POR SG,SF
69%
261 Willis Reed 25461 34.97 1965 1974 NYK C,PF
69%
257 Alvin Robertson 25772 32.54 1985 1996 DET,MIL,SAS,TOR SG
66%
1745 Andre Roberson 4018 12.07 2014 2021 BRK,OKC SG,SF
66%
237 Ben Wallace 26304 21.60 1997 2012 CHI,CLE,DET,ORL,WAS,WSB C,PF
66%
653 Bobby Jackson 15338 18.87 1998 2009 DEN,HOU,MEM,MIN,NOH,NOK,SAC PG,SG
66%
378 Bobby Jones 21898 24.36 1975 1986 DEN,PHI PF
66%
59 Bob Cousy 40094 38.81 1951 1970 BOS,CIN PG
66%
1449 Caleb Martin 6051 16.67 2020 2025 CHO,DAL,MIA,PHI SF
66%
31 Clyde Drexler 50181 40.76 1984 1998 HOU,POR SG
66%
882 Coby White 11790 27.29 2020 2025 CHI PG,SG
66%
1968 Damian Jones 2930 10.00 2017 2024 ATL,CLE,GSW,LAL,PHO,SAC,UTA C
66%
401 De'Aaron Fox 21436 39.70 2018 2025 SAC,SAS PG
66%
235 Derek Fisher 26637 17.23 1997 2014 DAL,GSW,LAL,OKC,UTA PG,SG
66%
1308 Derrick Jones Jr. 7149 13.00 2017 2025 CHI,DAL,LAC,MIA,PHO,POR PF,SF
66%
266 Derrick Rose 25315 32.66 2009 2024 CHI,CLE,DET,MEM,MIN,NYK PG
66%
662 Derrick White 15197 26.34 2018 2025 BOS,SAS SG,PG
66%
2404 D.J. White 1505 10.83 2009 2014 BOS,CHA,OKC PF,C
66%
44 Dwight Howard 44795 32.77 2005 2022 ATL,CHO,HOU,LAL,ORL,PHI,WAS C,PF
66%
207 Eddie Jones 27760 26.82 1995 2008 CHH,DAL,LAL,MEM,MIA SF,SG
66%
727 Elfrid Payton 14063 26.63 2015 2025 CHO,NOP,NYK,ORL,PHO PG
66%
577 Evan Turner 16900 22.01 2011 2020 ATL,BOS,IND,PHI,POR SG,SF,PG
66%
2012 Frank Jackson 2752 12.86 2019 2023 DET,NOP,UTA PG
66%
1329 Fred Jones 6956 15.02 2003 2009 IND,LAC,NYK,POR,TOR SG,SF
66%
27 Gary Payton 52344 35.15 1991 2007 BOS,LAL,MIA,MIL,SEA PG
66%
426 Gerald Wallace 20621 23.84 2002 2015 BOS,BRK,CHA,NJN,POR,SAC SF,PF
66%
48 Giannis Antetokounmpo 44118 46.74 2014 2025 MIL SF,SG,PG,PF
66%
1536 Herbert Jones 5411 21.22 2022 2025 NOP PF,SF
66%
2067 Isaiah Jackson 2560 14.30 2022 2025 IND C
66%
247 Jalen Rose 25975 26.45 1995 2007 CHI,DEN,IND,NYK,PHO,TOR SF,SG,PG
66%
1314 James Jones 7110 8.30 2004 2017 CLE,IND,MIA,PHO,POR SF,SG
66%
1600 Jaren Jackson 4896 10.42 1990 2002 GSW,HOU,LAC,NJN,ORL,PHI,POR,SAS,WSB SG
66%
801 Jaren Jackson Jr. 13019 29.72 2019 2025 MEM PF,C
66%
187 Jayson Tatum 29013 41.04 2018 2025 BOS SF,PF
66%
299 Jim Jackson 24303 26.05 1993 2006 ATL,CLE,DAL,GSW,HOU,LAL,MIA,NJN,PHI,PHO,POR,SAC SF,SG
66%
3636 John Turner 229 5.45 1992 1992 HOU SF
66%
177 John Wall 29548 43.20 2011 2023 HOU,LAC,WAS PG
66%
173 Jo Jo White 29774 32.47 1970 1981 BOS,GSW,KCK PG
66%
1473 Josh Jackson 5923 20.35 2018 2022 DET,MEM,PHO,SAC SG,SF
66%
1940 Justin Jackson 3055 10.61 2018 2024 BOS,DAL,MIL,MIN,OKC,PHO,SAC SF,PF
66%
163 Juwan Howard 30558 24.31 1995 2013 CHA,DAL,DEN,HOU,MIA,ORL,POR,WAS,WSB SF,PF,C
66%
671 K.C. Jones 15006 19.21 1959 1967 BOS PG
66%
372 Kenyon Martin 21981 25.29 2001 2015 DEN,LAC,MIL,NJN,NYK PF,C
66%
3684 Kevin Jones 207 6.47 2013 2013 CLE PF
66%
504 Kevin Martin 18478 25.11 2005 2016 HOU,MIN,OKC,SAC,SAS SG,PG
66%
900 Malik Rose 11558 12.91 1997 2009 CHH,NYK,OKC,SAS PF
66%
125 Manu Ginobili 33388 26.19 2003 2018 SAS SG
66%
169 Marc Gasol 30099 30.40 2009 2021 LAL,MEM,TOR C
66%
50 Mark Jackson 43456 30.45 1988 2004 DEN,HOU,IND,LAC,NYK,TOR,UTA PG
66%
2942 Michael Jackson 687 7.72 1988 1990 SAC PG
66%
502 Myles Turner 18520 26.12 2016 2025 IND C
66%
1327 Nickeil Alexander-Walker 6976 16.61 2020 2025 MIN,NOP,UTA SG
66%
55 Nikola Jokic 41963 50.02 2016 2025 DEN C
66%
39 Pau Gasol 47120 34.60 2002 2019 CHI,LAL,MEM,MIL,SAS PF,C
66%
2718 Perry Jones 947 6.11 2013 2015 OKC SF,PF
66%
866 Phil Jackson 12109 13.85 1968 1980 NJN,NYK PF
66%
1721 Randy White 4135 14.66 1990 1994 DAL PF
66%
114 Rasheed Wallace 34329 26.69 1996 2013 ATL,BOS,DET,NYK,POR,WSB PF,C
66%
338 Reggie Jackson 23034 23.67 2012 2025 DEN,DET,LAC,OKC,PHI PG,SG
66%
420 Rick Fox 20788 19.97 1992 2004 BOS,LAL SF
66%
2030 Rodney White 2697 12.09 2002 2005 DEN,DET,GSW SG,SF
66%
196 Sam Jones 28477 27.78 1958 1969 BOS SG
66%
284 Stephen Jackson 24776 26.64 2001 2014 ATL,CHA,GSW,IND,LAC,MIL,NJN,SAS SF,SG,PF
66%
2994 Steve Jones 638 9.97 1968 1976 POR SG
66%
1576 Terrence Jones 5098 19.68 2013 2019 HOU,MIL,NOP PF
66%
95 Tracy McGrady 35915 36.35 1998 2012 ATL,DET,HOU,NYK,ORL,TOR,SAS SF,SG
66%
1393 Tre Jones 6387 21.43 2021 2025 CHI,SAS PG
66%
36 Carmelo Anthony 47843 35.60 2004 2022 DEN,HOU,LAL,NYK,OKC,POR SF,PF
63%
1215 Devean George 8118 11.34 2000 2010 DAL,GSW,LAL SF
63%
119 Elton Brand 33975 30.94 2000 2016 ATL,CHI,DAL,LAC,PHI C,PF
63%
898 Gary Harris 11565 17.58 2015 2025 DEN,ORL SG
63%
1121 Joe Harris 9000 16.89 2015 2024 BRK,CLE,DET SG,SF
63%
287 Joel Embiid 24649 48.14 2017 2025 PHI C
63%
158 Kawhi Leonard 31087 35.37 2012 2025 LAC,SAS,TOR SF
63%
409 Kevin Porter 21200 30.64 1973 1983 BAL,CAP,DET,NJN,WSB PG
63%
1233 Kevin Porter Jr. 7888 28.58 2020 2025 CLE,HOU,LAC,MIL SF,SG,PG
63%
944 Michael Porter Jr. 10921 26.00 2020 2025 DEN SF
63%
923 Otto Porter Jr. 11305 19.59 2014 2024 CHI,GSW,ORL,TOR,WAS SF,PF
63%
32 Patrick Ewing 50105 37.90 1986 2002 NYK,ORL,SEA C,PF
63%
79 Paul George 37563 36.72 2011 2025 IND,LAC,OKC,PHI SG,SF,PF
63%
66 Terry Porter 39140 28.00 1986 2002 MIA,MIN,POR,SAS PG
63%
175 Tobias Harris 29593 28.51 2012 2025 DET,LAC,MIL,ORL,PHI PF,SF
63%
566 Anthony Edwards 17129 40.21 2021 2025 MIN SG
60%
147 Brook Lopez 32328 27.05 2009 2025 BRK,LAL,MIL,NJN C
60%
3012 Bud Grant 617 5.46 1950 1951 MNL
60%
1180 Cole Anthony 8336 25.03 2021 2025 ORL PG
60%
47 DeMar DeRozan 44267 35.24 2010 2025 CHI,SAC,SAS,TOR PF,SF,SG
60%
236 Dennis Rodman 26349 24.40 1987 2000 CHI,DAL,DET,LAL,SAS PF,SF
60%
20 Elvin Hayes 55150 39.42 1969 1984 BAL,CAP,HOU,SDR,WSB PF,C
60%
381 George Hill 21839 20.62 2009 2023 CLE,IND,MIL,OKC,PHI,SAC,SAS,UTA PG,SG
60%
462 George Mikan 19468 38.25 1949 1956 MNL C
60%
108 Grant Hill 34729 32.61 1995 2013 DET,LAC,ORL,PHO SF,SG
60%
115 Horace Grant 34296 25.69 1988 2004 CHI,LAL,ORL,SEA PF,C
60%
233 James Edwards 26766 20.93 1978 1996 CHI,CLE,DET,IND,LAC,LAL,PHO,POR C
60%
606 Jerami Grant 16411 21.77 2015 2025 DEN,DET,OKC,PHI,POR PF,SF
60%
1729 Jerian Grant 4117 14.34 2016 2020 CHI,NYK,ORL,WAS PG,SG
60%
3685 John Edwards 207 3.18 2005 2006 ATL,IND C
60%
22 John Havlicek 53911 37.39 1963 1978 BOS SF,SG
60%
1341 Jordan Hill 6868 16.01 2010 2017 HOU,IND,LAL,MIN,NYK PF,C
60%
1590 Killian Hayes 4983 23.07 2021 2025 BRK,DET PG
60%
57 Kyle Lowry 41540 31.66 2007 2025 HOU,MEM,MIA,PHI,TOR PG
60%
1513 Meyers Leonard 5608 11.54 2013 2023 MIA,MIL,POR C,PF
60%
28 Robert Parish 51496 28.69 1977 1997 BOS,CHH,CHI,GSW C
60%
602 Robin Lopez 16504 15.99 2009 2024 CHI,CLE,MIL,NOH,NYK,ORL,PHO,POR,WAS C
60%
33 Scottie Pippen 49859 35.97 1988 2004 CHI,HOU,POR SF
60%
1484 Solomon Hill 5819 11.97 2014 2022 ATL,IND,MEM,MIA,NOP PF,SF
60%
439 Spud Webb 20365 23.87 1986 1998 ATL,MIN,ORL,SAC PG
60%
874 Voshon Lenard 11878 19.93 1996 2006 DEN,MIA,POR,TOR SG
60%
417 Aaron Gordon 20900 26.59 2015 2025 DEN,ORL PF,SF
57%
69 Al Horford 38636 28.94 2008 2025 ATL,BOS,OKC,PHI C
57%
124 Alvan Adams 33431 31.36 1976 1988 PHO C,PF
57%
518 Ben Gordon 18185 23.53 2005 2015 CHA,CHI,DET,ORL SG
57%
2364 Butch Lee 1615 16.31 1979 1980 ATL,CLE,LAL PG
57%
632 Corliss Williamson 15800 17.79 1996 2007 DET,PHI,SAC,TOR SF,PF
57%
706 Courtney Lee 14370 16.69 2009 2020 BOS,CHO,DAL,HOU,MEM,NJN,NYK,ORL SG
57%
317 David Lee 23693 27.17 2006 2017 BOS,DAL,GSW,NYK,SAS PF,SF,C
57%
541 Dejounte Murray 17693 33.51 2017 2025 ATL,NOP,SAS SG,PG
57%
694 Derek Anderson 14594 22.84 1998 2008 CHA,CLE,HOU,LAC,MIA,POR,SAS SF,SG,PG
57%
294 Donovan Mitchell 24427 40.58 2018 2025 CLE,UTA SG,PG
57%
309 Eric Gordon 23850 24.12 2009 2025 HOU,LAC,NOH,NOP,PHI,PHO SG,SF
57%
421 Jamal Murray 20727 33.70 2017 2025 DEN SG,PG
57%
2006 James Anderson 2769 10.77 2011 2016 HOU,PHI,SAC,SAS SG,SF
57%
1507 Keegan Murray 5650 23.25 2023 2025 SAC SF,PF
57%
103 Kevin McHale 35160 30.84 1981 1993 BOS PF
57%
723 Kyle Anderson 14140 17.92 2015 2025 GSW,MEM,MIA,MIN,SAS PF,SF
57%
503 Marcus Morris 18480 20.31 2012 2024 BOS,CLE,DET,HOU,LAC,NYK,PHI,PHO PF,SF
57%
619 Markieff Morris 16096 19.12 2012 2025 BRK,DAL,DET,LAL,MIA,OKC,PHO,WAS PF
57%
333 Mike Mitchell 23223 29.25 1979 1988 CLE,SAS SF
57%
1082 Monte Morris 9328 19.56 2018 2025 DEN,DET,MIN,PHO,WAS PG
57%
360 Nick Anderson 22448 26.44 1990 2002 MEM,ORL,SAC SG,SF
57%
192 Red Kerr 28644 29.20 1955 1966 BAL,PHI,SYR C
57%
92 Rick Barry 36046 41.53 1966 1980 GSW,HOU,SFW SF
57%
758 Ryan Anderson 13658 19.65 2009 2020 HOU,MIA,NJN,NOH,NOP,ORL,PHO PF,C
57%
1310 Saddiq Bey 7119 23.81 2021 2024 ATL,DET SF
57%
630 Sam Mitchell 15858 15.06 1990 2002 IND,MIN SF,PF
57%
131 Shawn Kemp 32986 28.96 1990 2003 CLE,ORL,POR,SEA PF,C
57%
916 Steve Kerr 11376 10.96 1989 2003 CHI,CLE,ORL,PHO,POR,SAS PG,SG
57%
535 Steven Adams 17814 21.28 2014 2025 HOU,MEM,NOP,OKC C
57%
1126 Zion Williamson 8954 41.65 2020 2025 NOP PF
57%
1503 Adrian Griffin 5659 10.78 2000 2008 BOS,CHI,DAL,HOU,SEA SG,SF
54%
845 Albert King 12291 22.15 1982 1992 NJN,PHI,SAS,WSB SF
54%
41 Alex English 45450 36.04 1977 1991 DAL,DEN,IND,MIL SF
54%
195 Alonzo Mourning 28488 30.53 1993 2008 CHH,MIA,NJN C,PF
54%
1051 Anfernee Simons 9725 24.07 2019 2025 POR SG
54%
146 Antoine Walker 32392 33.85 1997 2008 ATL,BOS,DAL,MIA,MIN PF
54%
794 Arvydas Sabonis 13142 25.22 1996 2003 POR C
54%
809 Avery Bradley 12911 18.47 2011 2022 BOS,DET,HOU,LAC,LAL,MEM,MIA PG,SG
54%
639 Ben Simmons 15549 36.85 2018 2025 BRK,LAC,PHI PG
54%
141 Bernard King 32505 36.04 1978 1993 GSW,NJN,NYK,UTA,WSB SF
54%
479 Bill Bradley 19004 22.70 1968 1977 NYK SF
54%
128 Bill Laimbeer 33241 28.15 1981 1994 CLE,DET C
54%
567 Bill Walton 17109 33.09 1975 1987 BOS,LAC,POR,SDC C
54%
170 Blake Griffin 30078 36.11 2011 2023 BOS,BRK,DET,LAC C,PF
54%
349 Bob Love 22718 27.17 1967 1977 CHI,CIN,MIL,NYN,SEA PF,SF
54%
53 Bob Pettit 42493 48.29 1955 1965 MLH,STL PF,C
54%
164 Bradley Beal 30482 35.78 2013 2025 PHO,WAS SG
54%
467 Brent Barry 19307 19.31 1996 2009 CHI,HOU,LAC,MIA,SAS,SEA SG,SF
54%
23 Charles Barkley 52949 44.27 1985 2000 HOU,PHI,PHO PF,SF
54%
123 Chet Walker 33626 29.57 1963 1975 CHI,PHI,SYR SF
54%
77 Chris Webber 37711 41.40 1994 2008 DET,GSW,PHI,SAC,WAS,WSB PF,C
54%
185 Devin Booker 29095 40.41 2016 2025 PHO SG,PG
54%
272 Domantas Sabonis 25154 37.49 2017 2025 IND,OKC,SAC C,PF
54%
51 Dominique Wilkins 43403 38.41 1983 1999 ATL,BOS,LAC,ORL,SAS SF
54%
35 Elgin Baylor 48341 49.33 1959 1972 LAL,MNL SF
54%
134 George Gervin 32779 38.56 1973 1986 CHI,SAS SG,SF
54%
300 Harrison Barnes 24302 22.80 2013 2025 DAL,GSW,SAC,SAS PF,SF
54%
254 Jason Richardson 25805 28.86 2002 2015 CHA,GSW,ORL,PHI,PHO SF,SG
54%
485 Jimmy Walker 18907 26.63 1968 1976 DET,HOU,KCK,KCO SG,PG
54%
486 Joakim Noah 18897 25.75 2008 2020 CHI,LAC,MEM,NYK C
54%
836 Josh Richardson 12371 21.11 2016 2025 BOS,DAL,MIA,NOP,PHI,SAS SG,SF
54%
213 Kemba Walker 27514 35.18 2012 2023 BOS,CHA,CHO,DAL,NYK PG
54%
1415 Kenny Walker 6244 13.17 1987 1995 NYK,WSB SF,PF
54%
139 Kevin Love 32535 31.10 2009 2025 CLE,MIA,MIN PF,C
54%
101 Kevin Willis 35344 23.22 1985 2007 ATL,DAL,DEN,GSW,HOU,MIA,SAS,TOR PF,C
54%
135 Lamar Odom 32762 30.65 2000 2013 DAL,LAC,LAL,MIA SF,PF
54%
61 Lenny Wilkens 39572 34.68 1961 1975 CLE,POR,SEA,STL PG
54%
824 Lionel Simmons 12611 27.53 1991 1997 SAC SF
54%
1498 Lonnie Walker IV 5688 15.67 2019 2025 BRK,LAL,PHI,SAS SG
54%
1194 Luke Walton 8228 12.62 2004 2013 CLE,LAL PF,SF
54%
534 Matt Barnes 17817 17.40 2004 2017 GSW,LAC,LAL,MEM,NYK,ORL,PHI,PHO,SAC PF,SF
54%
396 Michael Ray Richardson 21469 37.40 1979 1986 GSW,NJN,NYK PG,SG
54%
3301 Michael Young 390 7.50 1985 1990 LAC,PHI,PHO SF
54%
885 Nick Young 11724 15.53 2008 2019 DEN,GSW,LAC,LAL,PHI,WAS SG
54%
304 Pascal Siakam 24051 33.27 2017 2025 IND,TOR PF
54%
334 Peja Stojakovic 23205 25.81 1999 2011 DAL,IND,NOH,NOK,SAC,TOR SF
54%
660 Quentin Richardson 15242 18.61 2001 2013 LAC,MIA,NYK,ORL,PHO SG,SF
54%
984 Scottie Barnes 10317 36.72 2022 2025 TOR PF,SF,SG
54%
400 Shai Gilgeous-Alexander 21449 41.97 2019 2025 LAC,OKC PG,SG
54%
614 Shawn Bradley 16166 18.48 1994 2005 DAL,NJN,PHI C
54%
1472 Stacey King 5934 11.89 1990 1997 BOS,CHI,DAL,MIA,MIN C,PF
54%
942 Taurean Prince 10934 17.84 2017 2025 ATL,BRK,CLE,LAL,MIL,MIN SF,PF
54%
285 Tayshaun Prince 24752 21.39 2003 2016 BOS,DET,MEM,MIN SF
54%
198 Thaddeus Young 28321 23.03 2008 2024 BRK,CHI,IND,MIN,PHI,PHO,SAS,TOR PF
54%
94 Tim Hardaway 35951 38.95 1990 2003 DAL,DEN,GSW,IND,MIA PG
54%
537 Tim Hardaway Jr. 17742 20.61 2014 2025 ATL,DAL,DET,NYK SG,SF
54%
259 Trae Young 25613 49.64 2019 2025 ATL PG
54%
1164 Trevor Booker 8509 15.53 2011 2018 BRK,IND,PHI,UTA,WAS PF
54%
558 Yao Ming 17313 33.68 2003 2011 HOU C
54%
228 Al Jefferson 26940 28.78 2005 2018 BOS,CHA,CHO,IND,MIN,UTA PF,C
51%
191 Amar'e Stoudemire 28746 31.11 2003 2016 DAL,MIA,NYK,PHO PF,C
51%
91 Chauncey Billups 36136 30.39 1998 2014 BOS,DEN,DET,LAC,MIN,NYK,TOR PG,SG
51%
142 Chris Bosh 32499 33.09 2004 2016 MIA,TOR PF,C
51%
138 Chris Mullin 32558 30.80 1986 2001 GSW,IND SG,SF
51%
206 Damon Stoudamire 27777 29.84 1996 2008 MEM,POR,SAS,TOR PG
51%
1945 Darvin Ham 3042 6.44 1997 2005 ATL,DEN,DET,IND,MIL,WAS SG,SF
51%
86 Derek Harper 36817 28.41 1984 1999 DAL,LAL,NYK,ORL PG,SG
51%
1033 Evan Mobley 9867 33.33 2022 2025 CLE PF
51%
127 James Worthy 33243 31.10 1983 1994 LAL SF,PF
51%
75 Jason Terry 37803 24.64 2000 2018 ATL,BOS,BRK,DAL,HOU,MIL PG,SG
51%
67 Jrue Holiday 39093 34.47 2010 2025 BOS,MIL,NOP,PHI PG,SG
51%
990 Justin Holiday 10280 14.62 2013 2024 ATL,CHI,DAL,DEN,GSW,IND,MEM,NYK,PHI,SAC SG,SF
51%
270 Mark Price 25164 32.72 1987 1998 CLE,GSW,ORL,WSB PG
51%
220 Metta World Peace 27254 25.33 2000 2017 CHI,HOU,IND,LAL,NYK,SAC SF
51%
70 Mike Conley 38398 29.95 2008 2025 MEM,MIN,UTA PG
51%
99 Rajon Rondo 35469 32.45 2007 2022 ATL,BOS,CHI,CLE,DAL,LAC,LAL,NOP,SAC PG
51%
199 Richard Jefferson 28314 21.43 2002 2018 CLE,DAL,DEN,GSW,MIL,NJN,SAS,UTA SF
51%
1426 Rondae Hollis-Jefferson 6178 19.37 2016 2021 BRK,POR,TOR SF,PF
51%
161 Ron Harper 30753 27.43 1987 2001 CHI,CLE,LAC,LAL SG,PG
51%
227 Rudy Gobert 27025 29.57 2014 2025 MIN,UTA C
51%
1637 Tim Frazier 4628 15.22 2015 2022 CLE,DET,MEM,MIL,NOP,ORL,PHI,POR,WAS PG
51%
105 Walt Frazier 35062 38.19 1968 1980 CLE,NYK PG
51%
357 Zach LaVine 22466 33.99 2015 2025 CHI,MIN,SAC SG,SF,PG
51%
327 Allan Houston 23399 25.94 1994 2005 DET,NYK SG
49%
113 Antawn Jamison 34496 30.55 1999 2014 CLE,DAL,GSW,LAC,LAL,WAS PF,SF
49%
154 Artis Gilmore 31531 33.16 1972 1988 BOS,CHI,SAS C
49%
210 CJ McCollum 27649 32.15 2014 2025 NOP,POR PG,SG
49%
180 Dale Ellis 29387 22.92 1984 2000 CHH,DAL,DEN,MIL,SAS,SEA SG,SF
49%
64 Dolph Schayes 39290 35.95 1950 1964 PHI,SYR PF,C
49%
405 Gilbert Arenas 21327 36.58 2002 2012 GSW,MEM,ORL,WAS PG
49%
178 Glen Rice 29532 27.99 1990 2004 CHH,HOU,LAC,LAL,MIA,NYK SF
49%
112 Jamal Crawford 34500 24.63 2001 2020 ATL,BRK,CHI,GSW,LAC,MIN,NYK,PHO,POR SG,PG
49%
688 Ja Morant 14663 43.90 2020 2025 MEM PG
49%
149 Joe Dumars 31943 28.27 1986 1999 DET SG,PG
49%
230 Khris Middleton 26835 31.35 2013 2025 DET,MIL,WAS SG,SF
49%
555 Kristaps Porzingis 17413 32.92 2016 2025 BOS,DAL,NYK,WAS C,PF
49%
73 LaMarcus Aldridge 37886 33.00 2007 2022 BRK,POR,SAS C,PF
49%
1008 LaMelo Ball 10145 43.54 2021 2025 CHO PG
49%
1139 Lonzo Ball 8800 30.66 2018 2025 CHI,LAL,NOP PG
49%
520 Michael Redd 18132 28.11 2001 2012 MIL,PHO SG,SF
49%
126 Mitch Richmond 33298 33.33 1989 2002 GSW,LAL,SAC,WAS SG
49%
203 Monta Ellis 28051 32.21 2006 2017 DAL,GSW,IND,MIL SG
49%
172 Richard Hamilton 29812 28.37 2000 2013 CHI,DET,WAS SG,SF
49%
291 Rik Smits 24549 25.28 1989 2000 IND C
49%
281 Robert Horry 24814 18.37 1993 2008 HOU,LAL,PHO,SAS SF,PF
49%
71 Shawn Marion 38218 30.05 2000 2015 CLE,DAL,MIA,PHO,TOR SF,PF
49%
344 Toni Kukoc 22919 24.25 1994 2006 ATL,CHI,MIL,PHI SF,PF
49%
93 Vlade Divac 35960 28.65 1990 2005 CHH,LAL,SAC C
49%
90 Zach Randolph 36141 30.47 2002 2018 LAC,MEM,NYK,POR,SAC PF,C
49%
855 Aaron Brooks 12192 17.80 2008 2018 CHI,DEN,HOU,IND,MIN,PHO,SAC PG
46%
87 Andre Iguodala 36685 26.05 2005 2023 DEN,GSW,MIA,PHI SG,SF,PF
46%
557 Antoine Carr 17349 15.86 1985 2000 ATL,HOU,SAC,SAS,UTA,VAN PF,C,SF
46%
226 Billy Cunningham 27037 39.01 1966 1976 PHI SF,PF
46%
2236 Bob Elliott 1993 14.13 1979 1981 NJN PF,C
46%
97 Bob McAdoo 35541 37.57 1973 1986 BOS,BUF,DET,LAL,NJN,NYK,PHI C,PF
46%
1077 Cade Cunningham 9432 44.07 2022 2025 DET SG,PG
46%
1143 Dante Cunningham 8741 11.88 2010 2019 BRK,CHA,MEM,MIN,NOP,POR,SAS SF,PF
46%
264 DeMarcus Cousins 25357 37.62 2011 2022 DEN,GSW,HOU,LAC,MIL,NOP,SAC C
46%
136 Dikembe Mutombo 32678 25.20 1992 2009 ATL,DEN,HOU,NJN,NYK,PHI C
46%
876 Dillon Brooks 11875 22.66 2018 2025 HOU,MEM SF,SG
46%
98 Jeff Hornacek 35493 29.16 1987 2000 PHI,PHO,UTA PG,SG
46%
183 Karl-Anthony Towns 29299 41.98 2016 2025 MIN,NYK C,PF
46%
107 Nikola Vucevic 34930 35.18 2012 2025 CHI,ORL,PHI C
46%
1227 Scott Brooks 7967 11.16 1989 1998 CLE,DAL,HOU,MIN,NYK,PHI PG
46%
438 Sean Elliott 20371 24.63 1990 2001 DET,SAS SF
46%
377 Steve Francis 21898 37.69 2000 2008 HOU,NYK,ORL PG,SG
46%
658 Tyrese Haliburton 15276 41.06 2021 2025 IND,SAC PG,SG
46%
269 Tyson Chandler 25219 20.40 2002 2020 CHA,CHI,DAL,HOU,LAL,NOH,NOK,NYK,PHO C,PF
46%
85 Wes Unseld 37097 33.63 1969 1981 BAL,CAP,WSB C
46%
641 Wilson Chandler 15547 22.50 2008 2020 BRK,DEN,LAC,NYK,PHI PF,SF,SG
46%
76 Adrian Dantley 37752 36.72 1977 1991 BUF,DAL,DET,IND,LAL,MIL,UTA SF
43%
2145 Andrew Harrison 2321 15.37 2017 2019 CLE,MEM,NOP PG
43%
253 Anthony Mason 25808 26.39 1990 2003 CHH,DEN,MIA,MIL,NJN,NYK PF,SF,C
43%
371 Bam Adebayo 21983 33.77 2018 2025 MIA C,PF
43%
1918 Bobby Lewis 3168 12.14 1968 1971 CLE,SFW SG
43%
540 Brandon Ingram 17716 34.74 2017 2025 LAL,NOP SF,PF
43%
186 Byron Scott 29065 23.14 1984 1997 IND,LAL,VAN SG,PG
43%
153 Calvin Murphy 31604 30.01 1971 1983 HOU,SDR PG,SG
43%
88 Charles Oakley 36572 25.65 1986 2004 CHI,HOU,NYK,TOR,WAS PF,C
43%
109 Dave Cowens 34636 40.51 1971 1983 BOS,MIL C,PF
43%
730 Dennis Scott 14029 20.81 1991 2000 DAL,MIN,NYK,ORL,PHO,VAN SF,SG
43%
745 Desmond Mason 13779 20.91 2001 2010 MIL,NOK,OKC,SAC,SEA SF,SG
43%
1292 Drazen Petrovic 7269 22.79 1990 1993 NJN,POR SG
43%
166 Earl Monroe 30326 30.09 1968 1980 BAL,NYK SG,PG
43%
2400 Frank Mason III 1515 14.43 2018 2021 MIL,ORL,SAC PG
43%
530 Greg Monroe 17853 26.45 2011 2022 BOS,DET,MIL,MIN,PHI,PHO,TOR,UTA,WAS C,PF
43%
62 Hal Greer 39498 32.54 1959 1973 PHI,SYR SG,PG
43%
2108 JaKarr Sampson 2427 10.07 2015 2021 CHI,DEN,IND,PHI,SAC SF,PF
43%
869 Jeremy Lin 12037 23.84 2011 2019 ATL,BRK,CHO,GSW,HOU,LAL,NYK,TOR PG,SG
43%
234 Jonas Valanciunas 26697 26.59 2013 2025 MEM,NOP,SAC,TOR,WAS C
43%
341 Kyle Korver 22989 16.69 2004 2020 ATL,CHI,CLE,MIL,PHI,UTA SF,SG,PF
43%
155 Latrell Sprewell 31471 32.28 1993 2005 GSW,MIN,NYK SG,SF
43%
133 Mike Bibby 32786 29.64 1999 2012 ATL,MIA,NYK,SAC,VAN,WAS PG
43%
1291 Mike Scott 7287 11.91 2013 2021 ATL,LAC,PHI,WAS PF
43%
218 Pete Maravich 27297 39.91 1971 1980 ATL,BOS,NOJ,UTA SG
43%
636 Ralph Sampson 15689 31.76 1984 1992 GSW,HOU,SAC,WSB C,PF
43%
200 Rashard Lewis 28260 24.75 1999 2014 MIA,ORL,SEA,WAS PF,SF
43%
96 Tom Chambers 35557 29.27 1982 1998 CHH,PHI,PHO,SDC,SEA,UTA PF
43%
760 Tyler Herro 13617 32.65 2020 2025 MIA SG
43%
897 Tyrese Maxey 11574 32.15 2021 2025 PHI SG,PG
43%
350 Vin Baker 22709 27.86 1994 2006 BOS,HOU,LAC,MIL,NYK,SEA C,PF
43%
189 World B. Free 28954 31.47 1976 1988 CLE,GSW,HOU,PHI,SDC SG,PG
43%
385 Andrei Kirilenko 21733 25.51 2002 2015 BRK,MIN,UTA PF,SF
40%
926 Andrew Bynum 11246 22.86 2006 2014 CLE,IND,LAL C
40%
314 Andrew Wiggins 23765 29.16 2015 2025 GSW,MIA,MIN SF,PF
40%
322 Bob Boozer 23570 25.56 1961 1971 CHI,CIN,LAL,MIL,NYK,SEA PF,SF
40%
1388 Brandon Clarke 6439 20.00 2020 2025 MEM PF
40%
171 Carlos Boozer 29949 31.73 2003 2015 CHI,CLE,LAL,UTA C,PF
40%
347 Cedric Maxwell 22735 24.26 1978 1988 BOS,HOU,LAC SF
40%
1218 De'Andre Hunter 8084 22.77 2020 2025 ATL,CLE SF
40%
2505 Gary Clark 1324 7.48 2019 2022 DEN,HOU,NOP,ORL,PHI SF,PF
40%
946 Gorgui Dieng 10897 17.05 2014 2023 ATL,MEM,MIN,SAS C,PF
40%
510 Jalen Brunson 18408 33.23 2019 2025 DAL,NYK PG,SG
40%
111 Jerry Lucas 34556 38.35 1964 1974 CIN,NYK,SFW PF,C
40%
3706 John Mills 199 4.23 1947 1947 PIT
40%
348 John Starks 22734 23.63 1989 2002 CHI,GSW,NYK,UTA SG
40%
768 Kendrick Perkins 13529 14.63 2004 2018 BOS,CLE,NOP,OKC C
40%
494 Kentavious Caldwell-Pope 18721 19.08 2014 2025 DEN,DET,LAL,ORL,WAS SG
40%
780 Lauri Markkanen 13308 29.44 2018 2025 CHI,CLE,UTA PF,SF
40%
551 Lindsey Hunter 17499 16.14 1994 2010 CHI,DET,LAL,MIL,TOR PG,SG
40%
244 Luol Deng 26009 26.98 2005 2019 CHI,CLE,LAL,MIA,MIN SF,PF
40%
215 Marcus Camby 27450 26.09 1997 2013 DEN,HOU,LAC,NYK,POR,TOR C,PF
40%
83 Maurice Cheeks 37218 30.16 1979 1993 ATL,NJN,NYK,PHI,SAS PG
40%
217 Maurice Lucas 27426 29.27 1975 1988 LAL,NJN,NYK,PHO,POR,SEA PF
40%
330 Michael Cooper 23246 22.33 1979 1990 LAL SG
40%
143 Michael Finley 32490 26.37 1996 2010 BOS,DAL,PHO,SAS SF,SG
40%
292 Muggsy Bogues 24504 26.99 1988 2001 CHH,GSW,TOR,WSB PG
40%
1441 Norris Cole 6090 14.23 2012 2017 MIA,NOP,OKC PG
40%
89 Otis Thorpe 36412 27.27 1985 2001 CHH,DET,HOU,KCK,MIA,POR,SAC,VAN,WAS PF,C
40%
650 Patty Mills 15361 15.02 2010 2025 ATL,BRK,LAC,MIA,POR,SAS,UTA PG,SG
40%
144 Paul Millsap 32487 26.74 2007 2022 ATL,BRK,DEN,PHI,UTA PF,C
40%
159 Rudy Gay 31033 27.22 2007 2023 MEM,SAC,SAS,TOR,UTA SF,PF
40%
140 Sam Perkins 32511 22.38 1985 2001 DAL,IND,LAL,SEA PF,SF,C
40%
121 Stephon Marbury 33703 38.39 1997 2009 BOS,MIN,NJN,NYK,PHO PG
40%
122 Tiny Archibald 33671 36.48 1971 1984 BOS,CIN,KCK,KCO,MIL,NYN PG
40%
605 Udonis Haslem 16438 15.99 2004 2023 MIA PF,C
40%
408 Vernon Maxwell 21227 23.48 1989 2001 CHH,DAL,HOU,ORL,PHI,SAC,SAS,SEA SG,PG
40%
54 Walt Bellamy 42172 38.73 1962 1975 ATL,BAL,CHP,CHZ,DET,NOJ,NYK C
40%
448 Wesley Matthews 19875 18.86 2010 2024 ATL,DAL,IND,LAL,MIL,NYK,POR,UTA SG,SF
40%
359 Zydrunas Ilgauskas 22453 24.33 1998 2011 CLE,MIA C
40%
616 Antonio Daniels 16127 16.94 1998 2011 NOH,PHI,POR,SAS,SEA,VAN,WAS PG,SG
37%
167 Bill Bridges 30225 29.09 1963 1975 ATL,GSW,LAL,PHI,STL PF
37%
633 B.J. Armstrong 15747 18.48 1990 2000 CHH,CHI,GSW,ORL PG
37%
63 Bob Lanier 39357 38.36 1971 1984 DET,MIL C
37%
369 Brad Daugherty 22033 37.41 1987 1994 CLE C
37%
306 Danny Manning 23923 25.83 1989 2003 ATL,DAL,DET,LAC,MIL,PHO,UTA PF
37%
689 Darius Garland 14628 36.03 2020 2025 CLE SG,PG
37%
120 Dave Bing 33960 36.44 1967 1978 BOS,DET,WSB PG,SG
37%
148 Dave DeBusschere 31979 32.93 1963 1974 DET,NYK SF,PF
37%
223 Derrick Coleman 27090 33.04 1991 2005 CHH,DET,NJN,PHI PF,C
37%
961 Desmond Bane 10679 31.04 2021 2025 MEM SG
37%
495 Fred VanVleet 18677 30.62 2017 2025 HOU,TOR PG,SG
37%
231 Goran Dragic 26787 26.55 2009 2023 BRK,CHI,HOU,MIA,MIL,PHO,TOR PG,SG
37%
308 Hedo Turkoglu 23868 21.58 2001 2015 LAC,ORL,PHO,SAC,SAS,TOR SF,PF
37%
2256 Jeremy Evans 1953 7.75 2011 2018 ATL,DAL,UTA SF,PF
37%
3151 Jimmy Collins 491 6.46 1971 1972 CHI SG
37%
719 John Collins 14191 28.27 2018 2025 ATL,UTA PF
37%
219 Julius Randle 27294 36.88 2015 2025 LAL,MIN,NOP,NYK PF,C
37%
295 Kiki Vandeweghe 24427 27.82 1981 1993 DEN,LAC,NYK,POR SF,PF
37%
870 Lance Stephenson 12033 19.69 2011 2022 ATL,CHO,IND,LAC,LAL,MEM,MIN,NOP SG,PG,SF
37%
496 Mark Eaton 18627 19.63 1983 1993 UTA C
37%
629 Mikal Bridges 15859 25.87 2019 2025 BRK,NYK,PHO SG,SF
37%
1034 Mike Evans 9850 15.18 1980 1988 CLE,DEN,MIL,SAS PG,SG
37%
851 Miles Bridges 12221 28.69 2019 2025 CHO SF,PF
37%
1160 Paolo Banchero 8544 40.49 2023 2025 ORL PF
37%
211 Paul Arizin 27571 36.18 1951 1962 PHW SF
37%
621 P.J. Tucker 16047 16.19 2007 2025 HOU,LAC,MIA,MIL,NYK,PHI,PHO,TOR PF,SF,SG
37%
225 Shareef Abdur-Rahim 27043 32.35 1997 2008 ATL,POR,SAC,VAN PF,C,SF
37%
482 Tyreke Evans 18921 31.43 2010 2019 IND,MEM,NOP,SAC SG,PG,SF
37%
1335 Zach Collins 6921 17.26 2018 2025 CHI,POR,SAS PF,C
37%
276 Bill Cartwright 24930 22.93 1980 1995 CHI,NYK,SEA C
34%
2096 Bol Bol 2452 11.57 2020 2025 DEN,ORL,PHO PF
34%
919 Brandon Roy 11357 33.30 2007 2013 MIN,POR SG
34%
822 Bruce Bowen 12644 12.54 1997 2009 BOS,MIA,PHI,SAS SF
34%
511 Buddy Hield 18391 25.09 2017 2025 GSW,IND,NOP,PHI,SAC SG,SF
34%
1172 Christian Wood 8399 24.78 2016 2024 CHO,DAL,DET,HOU,LAL,MIL,NOP,PHI PF,C
34%
386 Corey Maggette 21657 25.81 2000 2013 CHA,DET,GSW,LAC,MIL,ORL SF,PF,SG
34%
116 Detlef Schrempf 34295 27.44 1986 2001 DAL,IND,POR,SEA SF,PF
34%
205 Fat Lever 27787 34.73 1983 1994 DAL,DEN,POR SG,PG
34%
722 Ivica Zubac 14145 22.17 2017 2025 LAC,LAL C
34%
197 Jamaal Wilkes 28392 30.17 1975 1986 GSW,LAC,LAL SF,PF
34%
319 Jameer Nelson 23654 25.66 2005 2018 BOS,DAL,DEN,DET,NOP,ORL PG
34%
289 Jeff Mullins 24587 27.72 1965 1976 GSW,SFW,STL SG
34%
326 Kirk Hinrich 23453 24.69 2004 2016 ATL,CHI,WAS PG,SG
34%
132 Larry Nance 32852 33.25 1982 1994 CLE,PHO PF
34%
940 Larry Nance Jr. 11017 18.99 2016 2025 ATL,CLE,LAL,NOP,POR PF,C
34%
1185 Luguentz Dort 8271 20.42 2020 2025 OKC SF,SG
34%
1319 Manute Bol 7080 10.84 1986 1995 GSW,MIA,PHI,WSB C
34%
476 Marcus Smart 19041 25.59 2015 2025 BOS,MEM,WAS PG,SG
34%
472 Neil Johnston 19168 35.56 1952 1959 PHW C
34%
966 P.J. Washington 10544 25.35 2020 2025 CHO,DAL PF,C
34%
356 Ricky Rubio 22468 31.56 2012 2023 CLE,MIN,PHO,UTA PG
34%
811 RJ Barrett 12839 31.86 2020 2025 NYK,TOR SG,SF
34%
174 Rolando Blackman 29652 28.27 1982 1994 DAL,NYK SG
34%
102 Sam Cassell 35268 31.24 1994 2008 BOS,DAL,HOU,LAC,MIL,MIN,NJN,PHO PG
34%
274 Sidney Moncrief 24976 29.04 1980 1991 ATL,MIL SG,PG
34%
305 Tom Heinsohn 24021 31.69 1957 1965 BOS PF,SF
34%
1547 Victor Wembanyama 5353 45.75 2024 2025 SAS C
34%
268 Xavier McDaniel 25220 27.38 1986 1998 BOS,NJN,NYK,PHO,SEA PF,SF
34%
830 Andrea Bargnani 12557 22.38 2007 2016 BRK,NYK,TOR C,PF
31%
221 Andre Drummond 27243 29.39 2013 2025 BRK,CHI,CLE,DET,LAL,PHI C
31%
1146 Austin Reaves 8696 28.14 2022 2025 LAL SG
31%
383 Bill Sharman 21793 27.62 1951 1961 BOS,WSC SG
31%
769 Cliff Levingston 13501 14.80 1983 1995 ATL,CHI,DEN,DET PF
31%
561 Connie Hawkins 17193 33.65 1968 1976 ATL,LAL,PHO PF,SF
31%
1021 Franz Wagner 9998 32.89 2022 2025 ORL SF
31%
212 Hersey Hawkins 27535 26.05 1989 2001 CHH,CHI,PHI,SEA SG
31%
1168 Immanuel Quickley 8479 25.16 2021 2025 NYK,TOR PG,SG
31%
58 Jack Sikma 40360 33.38 1978 1991 MIL,SEA C,PF
31%
379 Jamal Mashburn 21896 33.03 1994 2004 CHH,DAL,MIA,NOH SF
31%
683 JaVale McGee 14728 14.97 2009 2024 CLE,DAL,DEN,GSW,LAL,PHI,PHO,SAC,WAS C
31%
293 Jeff Teague 24429 26.76 2010 2021 ATL,BOS,IND,MIL,MIN PG
31%
190 Jerry Stackhouse 28884 27.64 1996 2013 ATL,BRK,DAL,DET,MIA,MIL,PHI,WAS SF,SG
31%
446 JJ Redick 19953 19.00 2007 2021 DAL,LAC,MIL,NOP,ORL,PHI SG,PG
31%
697 Josh Hart 14576 25.48 2018 2025 LAL,NOP,NYK,POR SG,SF
31%
594 Kyle Kuzma 16570 28.87 2018 2025 LAL,MIL,WAS PF,SF
31%
137 Mark Aguirre 32662 31.87 1982 1994 DAL,DET,LAC SF
31%
150 Mookie Blaylock 31829 33.75 1990 2002 ATL,GSW,NJN PG
31%
1452 Moritz Wagner 6024 16.28 2019 2025 BOS,LAL,ORL,WAS C
31%
81 Nate Thurmond 37308 35.70 1964 1977 CHI,CLE,GSW,SFW C,PF
31%
176 Nick Van Exel 29582 30.94 1994 2006 DAL,DEN,GSW,LAL,POR,SAS SG,PG
31%
979 Patrick Patterson 10370 13.50 2011 2021 HOU,LAC,OKC,SAC,TOR PF
31%
1572 Robert Traylor 5115 11.12 1999 2005 CHH,CLE,MIL,NOH PF,C
31%
1837 Scoot Henderson 3581 27.98 2024 2025 POR PG
31%
489 Andrew Bogut 18814 24.03 2006 2019 CLE,DAL,GSW,LAL,MIL C,PF
29%
623 Bobby Portis 15973 22.53 2016 2025 CHI,MIL,NYK,WAS PF,C
29%
1652 Chet Holmgren 4558 31.01 2024 2025 OKC C
29%
258 Chuck Person 25759 25.91 1987 2000 CHH,IND,MIN,SAS,SEA SF,PF
29%
856 Collin Sexton 12182 29.93 2019 2025 CLE,UTA PG,SG
29%
728 Deandre Ayton 14050 31.72 2019 2025 PHO,POR C
29%
245 Doc Rivers 25996 27.51 1984 1996 ATL,LAC,NYK,SAS PG
29%
604 Earl Watson 16482 18.52 2002 2014 DEN,IND,MEM,OKC,POR,SEA,UTA PG
29%
1133 E'Twaun Moore 8820 14.09 2012 2021 BOS,CHI,NOP,ORL,PHO PG,SG
29%
2960 Fred Taylor 663 7.53 1971 1972 CIN,PHO SG
29%
796 Jakob Poeltl 13114 21.15 2017 2025 SAS,TOR C
29%
586 Johnny Moore 16671 29.72 1981 1990 NJN,SAS PG
29%
435 Jordan Clarkson 20455 25.70 2015 2025 CLE,LAL,UTA SG,PG
29%
575 Jusuf Nurkic 16956 27.75 2015 2025 CHO,DEN,PHO,POR C
29%
265 Kendall Gill 25340 25.52 1991 2005 CHH,CHI,MIA,MIL,MIN,NJN,SEA SG,SF
29%
959 Luc Longley 10723 16.40 1992 2001 CHI,MIN,NYK,PHO C
29%
665 Mario Chalmers 15103 20.27 2009 2018 MEM,MIA PG
29%
840 OG Anunoby 12330 22.54 2018 2025 NYK,TOR SF,PF
29%
302 Rudy Tomjanovich 24113 29.95 1971 1981 HOU,SDR PF,SF
29%
675 Shaun Livingston 14900 15.54 2005 2019 BRK,CHA,CLE,GSW,LAC,MIA,MIL,OKC,WAS PG,SG
29%
500 Taj Gibson 18597 17.33 2010 2025 CHI,CHO,DET,MIN,NYK,OKC,WAS PF,C
29%
2767 Terry Taylor 874 8.92 2022 2025 CHI,IND,SAC PF
29%
512 Tree Rollins 18390 14.72 1978 1995 ATL,CLE,DET,HOU,ORL C
29%
593 Victor Oladipo 16604 30.86 2014 2023 HOU,IND,MIA,OKC,ORL SG,PG
29%
307 Al Harrington 23890 23.06 1999 2014 ATL,DEN,GSW,IND,NYK,ORL,WAS SF,PF,C
26%
241 Antonio McDyess 26147 23.45 1996 2011 DEN,DET,NYK,PHO,SAS PF,C
26%
759 Bogdan Bogdanovic 13631 25.15 2018 2025 ATL,LAC,SAC SG
26%
543 Bojan Bogdanovic 17647 22.92 2015 2024 BRK,DET,IND,NYK,UTA,WAS SF,PF
26%
945 Chandler Parsons 10915 24.09 2012 2020 ATL,DAL,HOU,MEM PF,SF
26%
457 Clint Capela 19611 25.97 2015 2025 ATL,HOU C
26%
229 Dan Issel 26846 34.82 1971 1985 DEN C
26%
955 DeMarre Carroll 10794 16.81 2010 2020 ATL,BRK,DEN,HOU,MEM,SAS,TOR,UTA SF,PF,C
26%
278 Dennis Schroder 24895 27.12 2014 2025 ATL,BOS,BRK,DET,GSW,HOU,LAL,OKC,TOR PG,SG
26%
1001 Dwight Powell 10186 13.58 2015 2025 BOS,DAL PF,C
26%
328 Elden Campbell 23397 20.35 1991 2005 CHH,DET,LAL,NJN,NOH,SEA C,PF
26%
106 Gail Goodrich 35061 31.56 1966 1979 LAL,NOJ,PHO SG,PG
26%
182 Guy Rodgers 29357 31.30 1959 1970 CHI,CIN,MIL,PHW,SFW PG,SG
26%
1438 Isaiah Stewart 6096 19.79 2021 2025 DET C,PF
26%
579 Jae Crowder 16853 18.18 2013 2025 BOS,CLE,DAL,MEM,MIA,MIL,PHO,SAC,UTA SF,PF
26%
351 Joe Barry Carroll 22652 31.29 1981 1991 DEN,GSW,HOU,NJN,PHO C
26%
726 John Paxson 14080 15.80 1984 1994 CHI,SAS PG
26%
981 Kevon Looney 10348 14.95 2016 2025 GSW PF,C
26%
436 Larry Hughes 20427 26.32 1999 2012 CHA,CHI,CLE,GSW,NYK,ORL,PHI,WAS SG,SF,PG
26%
542 Luis Scola 17664 22.33 2008 2017 BRK,HOU,IND,PHO,TOR PF
26%
877 Malik Monk 11873 22.36 2018 2025 CHO,LAL,SAC SG
26%
747 Norman Powell 13757 19.38 2016 2025 LAC,POR,TOR SG,SF
26%
464 Rodney Rogers 19403 20.47 1994 2005 BOS,DEN,LAC,NJN,NOH,PHI,PHO SF,PF
26%
1351 Scott May 6801 18.79 1977 1983 CHI,DET,MIL SF
26%
298 Serge Ibaka 24315 22.70 2010 2023 LAC,MIL,OKC,ORL,TOR C,PF
26%
242 Spencer Haywood 26076 32.88 1970 1983 LAL,NOJ,NYK,SEA,WSB PF
26%
82 Terry Cummings 37287 28.84 1983 2000 GSW,MIL,NYK,PHI,SAS,SDC,SEA PF,SF
26%
795 Tony Campbell 13124 18.03 1985 1995 CLE,DAL,DET,LAL,MIN,NYK SF,SG
26%
2476 Anthony Bennett 1369 9.07 2014 2017 BRK,CLE,MIN,TOR PF
23%
559 Billy Knight 17301 25.41 1975 1985 BOS,BUF,IND,KCK,SAS SF,SG
23%
714 Bonzi Wells 14280 22.35 1999 2008 HOU,MEM,NOH,POR,SAC SF,SG
23%
886 Brandon Knight 11701 25.94 2012 2022 CLE,DAL,DET,HOU,MIL,PHO PG,SG
23%
310 Christian Laettner 23846 26.12 1993 2005 ATL,DAL,DET,MIA,MIN,WAS C,PF
23%
778 C.J. Miles 13334 14.93 2006 2022 BOS,CLE,IND,MEM,TOR,UTA,WAS SG,SF,PG
23%
444 Danilo Gallinari 20103 24.22 2009 2024 ATL,DEN,DET,LAC,MIL,NYK,OKC,WAS PF,SF,SG
23%
442 Darrell Griffith 20247 25.25 1981 1991 UTA SG
23%
1024 Delon Wright 9977 16.66 2016 2025 ATL,DAL,DET,MEM,MIA,MIL,NYK,SAC,TOR,WAS SG,PG
23%
628 Emeka Okafor 15883 25.49 2005 2018 CHA,NOH,NOP,WAS PF,C
23%
618 Evan Fournier 16117 22.26 2013 2024 BOS,DEN,DET,NYK,ORL SF,SG
23%
429 George McGinnis 20506 36.49 1972 1982 DEN,IND,PHI PF
23%
301 Gordon Hayward 24187 27.77 2011 2024 BOS,CHO,OKC,UTA SF,PF
23%
1670 Jahlil Okafor 4456 17.97 2016 2025 BRK,DET,IND,NOP,PHI C
23%
976 Jeremy Lamb 10416 17.74 2013 2022 CHO,IND,OKC,SAC SG,SF
23%
707 Johnny Dawkins 14360 25.92 1987 1995 DET,PHI,SAS PG
23%
753 John Salley 13711 15.55 1987 2000 CHI,DET,LAL,MIA,TOR PF,C
23%
829 Jordan Poole 12568 27.99 2020 2025 GSW,WAS SG,PG
23%
384 Jose Calderon 21733 23.24 2006 2019 ATL,CLE,DAL,DET,LAL,NYK,TOR PG,SG
23%
1158 Kris Dunn 8596 20.52 2017 2025 ATL,CHI,LAC,MIN,POR,UTA PG
23%
943 Malik Beasley 10925 17.54 2017 2025 DEN,DET,LAL,MIL,MIN,UTA SG
23%
560 Mehmet Okur 17200 24.40 2003 2012 DET,NJN,UTA PF,C
23%
224 Nicolas Batum 27063 22.37 2009 2025 CHO,LAC,PHI,POR SF,SG,PF
23%
279 Norm Van Lier 24883 31.74 1970 1979 CHI,CIN,MIL PG,SG
23%
271 Paul Westphal 25163 27.06 1973 1984 BOS,NYK,PHO,SEA SG,PG
23%
193 Richie Guerin 28607 32.14 1957 1970 ATL,NYK,STL SG
23%
72 Rod Strickland 38105 33.25 1989 2005 HOU,MIA,MIN,NYK,ORL,POR,SAS,TOR,WAS,WSB PG,SG
23%
452 Rony Seikaly 19748 28.54 1989 1999 GSW,MIA,NJN,ORL C
23%
656 Roy Hibbert 15306 21.38 2009 2017 CHO,DEN,IND,LAL C
23%
470 Shane Battier 19207 17.64 2002 2014 HOU,MEM,MIA SF,SG
23%
775 Terrence Ross 13367 17.14 2013 2023 ORL,PHO,TOR SF,SG
23%
2436 Tony Bennett 1437 8.98 1993 1995 CHH PG
23%
252 Trevor Ariza 25848 21.12 2005 2022 HOU,LAL,MIA,NOH,NYK,ORL,PHO,POR,SAC,WAS SF,SG
23%
589 Ty Lawson 16653 28.37 2010 2017 DEN,HOU,IND,SAC,WAS PG
23%
1000 Alperen Sengun 10202 34.82 2022 2025 HOU C
20%
156 Bob Dandridge 31460 33.58 1970 1982 MIL,WSB SF
20%
282 Boris Diaw 24804 20.97 2004 2017 ATL,CHA,PHO,SAS,UTA SG,PF
20%
574 Brandon Jennings 16965 29.25 2010 2018 DET,MIL,NYK,ORL,WAS PG
20%
1127 Cameron Payne 8952 16.28 2016 2025 CHI,CLE,MIL,NYK,OKC,PHI,PHO PG,SG
20%
667 Cedric Ceballos 15061 22.55 1991 2001 DAL,DET,LAL,MIA,PHO SF
20%
238 Cliff Hagan 26235 31.42 1957 1970 STL SF
20%
682 Cory Joseph 14731 15.44 2012 2025 DET,GSW,IND,ORL,SAC,SAS,TOR PG,SG
20%
1253 Daniel Gafford 7772 19.00 2020 2025 CHI,DAL,WAS C,PF
20%
591 Danny Granger 16645 26.80 2006 2015 IND,LAC,MIA SF
20%
972 Dario Saric 10465 20.16 2017 2025 DEN,GSW,MIN,OKC,PHI,PHO C,PF
20%
459 Darren Collison 19536 26.01 2010 2022 DAL,IND,LAC,LAL,NOH,SAC PG
20%
251 Dick Van Arsdale 25929 27.15 1966 1977 NYK,PHO SG
20%
1942 Donald Sloan 3052 13.75 2012 2016 ATL,BRK,CLE,IND,NOH PG,SG
20%
345 Eric Bledsoe 22883 28.46 2011 2022 LAC,MIL,NOP,PHO PG,SG
20%
1234 Jaden McDaniels 7887 19.52 2021 2025 MIN PF,SF
20%
1552 Jalen Suggs 5302 24.32 2022 2025 ORL PG,SG
20%
382 Jerry Sloan 21823 27.04 1966 1976 BAL,CHI SG,SF
20%
673 Joe Ingles 14939 19.15 2015 2025 MIL,MIN,ORL,UTA SF,PF
20%
922 Kenneth Faried 11313 22.81 2012 2019 BRK,DEN,HOU C,PF
20%
490 Marcin Gortat 18792 21.07 2008 2019 LAC,ORL,PHO,WAS C,PF
20%
1407 Markelle Fultz 6280 23.17 2018 2025 ORL,PHI,SAC PG,SG
20%
130 Paul Silas 33215 23.44 1965 1980 ATL,BOS,DEN,PHO,SEA,STL PF
20%
763 Phil Ford 13586 27.34 1979 1985 HOU,KCK,MIL,NJN PG
20%
239 Raymond Felton 26168 25.71 2006 2019 CHA,DAL,DEN,LAC,NYK,OKC,POR PG,SG
20%
1170 Richaun Holmes 8423 17.12 2016 2025 DAL,PHI,PHO,SAC,WAS C,PF
20%
2414 Roy Rogers 1484 10.83 1997 2000 BOS,DEN,TOR,VAN PF
20%
859 T.J. Ford 12145 27.17 2004 2012 IND,MIL,SAS,TOR PG
20%
352 Tom Van Arsdale 22590 24.32 1966 1977 ATL,CIN,DET,KCO,PHI,PHO SF,SG
20%
413 Vern Mikkelsen 21063 26.87 1950 1959 MNL PF
20%
654 Aaron McKie 15335 17.67 1995 2007 DET,LAL,PHI,POR SG,SF,PG
17%
978 Alex Len 10390 14.68 2014 2025 ATL,LAL,PHO,SAC,TOR,WAS C
17%
825 Anderson Varejao 12601 17.50 2005 2021 CLE,GSW PF,C
17%
1306 Bill Wennington 7157 9.06 1986 2000 CHI,DAL,SAC C
17%
814 Charlie Ward 12799 18.23 1995 2005 HOU,NYK,SAS PG
17%
563 Chris Kaman 17180 22.82 2004 2016 DAL,LAC,LAL,NOH,POR C
17%
748 Corey Brewer 13745 15.87 2008 2020 DAL,DEN,HOU,LAL,MIN,OKC,PHI,SAC SG,SF,PF
17%
1691 Danuel House Jr. 4305 13.33 2017 2024 HOU,NYK,PHI,PHO,UTA,WAS SF,SG
17%
2129 Dereck Lively II 2361 20.71 2024 2025 DAL C
17%
1275 Devin Vassell 7486 24.54 2021 2025 SAS SF,SG
17%
250 Dick Barnett 25935 24.17 1960 1974 LAL,NYK,SYR SG
17%
700 Hassan Whiteside 14521 26.99 2011 2022 MIA,POR,SAC,UTA C
17%
1212 Isaiah Hartenstein 8138 18.88 2019 2025 CLE,DEN,HOU,LAC,NYK,OKC C,PF
17%
246 Jack Twyman 25986 30.32 1956 1966 CIN,ROC SF,SG
17%
1535 Jaden Ivey 5412 29.90 2023 2025 DET SG
17%
2077 James Wiseman 2532 17.11 2021 2025 DET,GSW,IND C
17%
701 Kurt Rambis 14517 14.25 1982 1995 CHH,LAL,PHO,SAC PF
17%
313 Larry Foust 23772 26.71 1951 1962 FTW,MNL,STL C
17%
1769 Larry Sanders 3888 16.07 2011 2017 CLE,MIL C,PF
17%
184 Lou Hudson 29296 30.81 1967 1979 ATL,LAL,STL SF,SG
17%
1159 Luke Kennard 8554 17.49 2018 2025 DET,LAC,MEM SG
17%
690 Mahmoud Abdul-Rauf 14627 24.34 1991 2001 DEN,SAC,VAN PG
17%
677 Malcolm Brogdon 14874 29.28 2017 2025 BOS,IND,MIL,POR,WAS PG,SG
17%
681 Mario Elie 14797 17.45 1991 2001 GSW,HOU,PHI,PHO,POR,SAS SF,SG
17%
1419 Marvin Bagley III 6223 21.31 2019 2025 DET,MEM,SAC,WAS PF,C
17%
924 Montrezl Harrell 11280 20.55 2016 2023 CHO,HOU,LAC,LAL,PHI,WAS C,PF
17%
387 Nate McMillan 21657 24.22 1987 1998 SEA PG,SG
17%
318 Nene 23678 22.42 2003 2019 DEN,HOU,WAS C,PF
17%
362 Orlando Woolridge 22347 25.19 1982 1994 CHI,DEN,DET,LAL,MIL,NJN,PHI SF
17%
414 Otis Birdsong 21056 28.80 1978 1989 BOS,KCK,NJN SG
17%
1340 Payton Pritchard 6889 16.52 2021 2025 BOS SG,PG
17%
973 Randy Breuer 10464 14.12 1984 1994 ATL,MIL,MIN,SAC C
17%
84 Reggie Theus 37217 35.68 1979 1991 ATL,CHI,KCK,NJN,ORL,SAC SG,PG
17%
315 Rickey Green 23762 23.74 1978 1992 BOS,CHH,DET,GSW,IND,MIL,PHI,UTA PG
17%
603 Scott Skiles 16485 27.38 1987 1996 IND,MIL,ORL,PHI,WSB PG
17%
2162 Stephon Castle 2247 27.74 2025 2025 SAS PG
17%
507 Terry Rozier 18458 25.74 2016 2025 BOS,CHO,MIA PG,SG
17%
715 Theo Ratliff 14239 16.67 1996 2011 ATL,BOS,CHA,DET,LAL,MIN,PHI,POR,SAS C,PF
17%
1354 Tiago Splitter 6788 16.16 2011 2017 ATL,PHI,SAS C,PF
17%
1154 T.J. Warren 8615 21.65 2015 2024 BRK,IND,MIN,PHO PF,SF
17%
1071 Tyronn Lue 9513 16.54 1999 2009 ATL,DAL,HOU,LAL,MIL,ORL,WAS PG
17%
1633 Walker Kessler 4655 23.75 2023 2025 UTA C
17%
498 Zaza Pachulia 18614 15.87 2004 2019 ATL,DAL,DET,GSW,MIL,ORL C
17%
1200 Alex Caruso 8204 17.20 2018 2025 CHI,LAL,OKC SG,PG
14%
827 Danny Ferry 12577 12.78 1991 2003 CLE,SAS PF,SF
14%
370 Doug Christie 22010 24.87 1993 2007 DAL,LAC,LAL,NYK,ORL,SAC,TOR SG,SF
14%
1043 Garrett Temple 9803 12.22 2010 2025 BRK,CHA,CHI,HOU,LAC,MEM,MIL,NOP,SAC,SAS,TOR,WAS SG,PG,SF
14%
3658 George Karl 220 6.47 1974 1978 SAS PG
14%
600 George Yardley 16527 31.91 1954 1960 DET,FTW,SYR SF
14%
2292 Greg Oden 1835 16.10 2009 2014 MIA,POR C
14%
934 Greg Ostertag 11135 13.18 1996 2006 SAC,UTA C
14%
2191 Henry Sims 2121 15.71 2013 2016 BRK,CLE,NOH,PHI C
14%
365 Jack Marin 22076 24.53 1967 1977 BAL,BUF,CHI,HOU SF
14%
1563 Jae'Sean Tate 5217 17.63 2021 2025 HOU SF,PF
14%
1533 Jason Kapono 5413 10.43 2004 2012 CHA,CLE,LAL,MIA,PHI,TOR SF,SG
14%
576 J.J. Barea 16924 19.21 2007 2020 DAL,MIN PG,SG
14%
932 Joe Fulks 11194 21.53 1947 1954 PHW PF
14%
288 John Drew 24643 32.09 1975 1985 ATL,UTA PF,SF
14%
427 Johnny Newman 20619 17.21 1987 2002 CHH,CLE,DAL,DEN,MIL,NJN,NYK SF,SG
14%
1011 Josh Giddey 10127 34.56 2022 2025 CHI,OKC PG,SF,PF,SG
14%
433 Kelly Tripucka 20465 27.96 1982 1991 CHH,DET,UTA SF
14%
532 Larry Drew 17836 23.94 1981 1991 DET,KCK,LAC,LAL,SAC PG
14%
1105 Matt Bonner 9123 10.30 2005 2016 SAS,TOR PF,C
14%
3183 Matt Ryan 471 5.67 2022 2025 BOS,LAL,MIN,NOP,NYK SF
14%
1255 Nic Claxton 7745 23.33 2020 2025 BRK C
14%
311 Purvis Short 23845 27.73 1979 1990 GSW,HOU,NJN PF,SF,SG
14%
626 Rodney Stuckey 15935 23.47 2008 2017 DET,IND PG,SG
14%
1247 Rui Hachimura 7803 20.92 2020 2025 LAL,WAS PF
14%
565 Samuel Dalembert 17140 18.81 2002 2015 DAL,HOU,MIL,NYK,PHI,SAC C
14%
1604 Sergio Rodriguez 4885 13.65 2007 2017 NYK,PHI,POR,SAC PG
14%
214 Sleepy Floyd 27469 27.66 1983 1995 GSW,HOU,NJN,SAS PG,SG
14%
609 Wally Szczerbiak 16317 23.14 2000 2009 BOS,CLE,MIN,SEA SF
14%
2406 Zaccharie Risacher 1498 19.45 2025 2025 ATL SF
14%
1302 Aron Baynes 7188 12.48 2013 2021 BOS,DET,PHO,SAS,TOR C
11%
129 Bailey Howell 33217 32.06 1960 1971 BAL,BOS,DET,PHI PF,SF
11%
1824 Brandin Podziemski 3641 23.95 2024 2025 GSW SG
11%
1748 Brian Scalabrine 3980 7.12 2002 2012 BOS,CHI,NJN PF,C
11%
1773 Cam Reddish 3878 14.97 2020 2025 ATL,LAL,NYK,POR SF
11%
668 Caris LeVert 15028 27.18 2017 2025 ATL,BRK,CLE,IND SG,SF
11%
1806 Daequan Cook 3702 9.90 2008 2013 CHI,HOU,MIA,OKC SG,SF
11%
283 Dan Roundfield 24781 31.61 1976 1987 ATL,DET,IND,WSB PF
11%
1265 De'Anthony Melton 7601 19.69 2019 2025 GSW,MEM,PHI,PHO SG,PG
11%
1049 Dion Waiters 9756 22.07 2013 2020 CLE,LAL,MIA,OKC SG
11%
453 D.J. Augustin 19743 19.47 2009 2022 CHA,CHI,DEN,DET,HOU,IND,LAL,MIL,OKC,ORL,TOR PG
11%
986 Donte DiVincenzo 10312 21.94 2019 2025 GSW,MIL,MIN,NYK,SAC SG
11%
415 Ed Macauley 20962 30.47 1950 1959 BOS,STB,STL C,PF
11%
648 Geoff Petrie 15397 34.52 1971 1976 POR SG,PG
11%
2961 Henry Ellenson 662 7.98 2017 2021 BRK,DET,NYK,TOR C,PF
11%
451 James Donaldson 19759 19.60 1981 1995 DAL,LAC,NYK,SDC,SEA,UTA C
11%
1539 Jarred Vanderbilt 5392 15.81 2019 2025 DEN,LAL,MIN,UTA PF
11%
1664 Jeremy Sochan 4493 24.42 2023 2025 SAS PF
11%
209 Jerome Kersey 27658 21.62 1985 2001 GSW,LAL,MIL,POR,SAS,SEA SF
11%
1623 Jonathan Isaac 4752 16.16 2018 2025 ORL PF
11%
525 Kelly Olynyk 17972 21.19 2014 2025 BOS,DET,HOU,MIA,NOP,TOR,UTA C,PF
11%
585 Leandro Barbosa 16678 17.21 2004 2017 BOS,GSW,IND,PHO,TOR PG,SG
11%
2073 Malachi Flynn 2541 11.39 2021 2025 CHO,DET,NYK,TOR PG
11%
703 Marco Belinelli 14448 15.62 2008 2020 ATL,CHI,CHO,GSW,NOH,PHI,SAC,SAS,TOR SG,SF
11%
1091 Michael Olowokandi 9226 17.91 1999 2007 BOS,LAC,MIN C
11%
792 Nazr Mohammed 13152 12.03 1999 2016 ATL,CHA,CHI,DET,NYK,OKC,PHI,SAS C
11%
1475 Nikola Pekovic 5901 21.77 2011 2016 MIN C
11%
1396 Obi Toppin 6373 15.21 2021 2025 IND,NYK PF
11%
1010 Pervis Ellison 10143 21.22 1990 2001 BOS,SAC,SEA,WSB C,PF
11%
1262 Reggie Bullock 7640 13.10 2014 2024 DAL,DET,HOU,LAC,LAL,NYK,PHO SF,SG
11%
790 Sam Bowie 13187 24.42 1985 1995 LAL,NJN,POR C
11%
1371 Sasha Vujacic 6605 10.22 2005 2017 LAC,LAL,NJN,NYK SG,PG
11%
260 Sidney Wicks 25569 33.25 1972 1981 BOS,POR,SDC PF
11%
581 T.J. McConnell 16756 21.73 2016 2025 IND,PHI PG
11%
3556 Tom Kelly 267 9.89 1949 1949 BOS
11%
659 Alec Burks 15266 18.57 2012 2025 CLE,DET,GSW,MIA,NYK,PHI,SAC,UTA SG,SF
9%
432 Brian Shaw 20487 19.15 1989 2003 BOS,GSW,LAL,MIA,ORL,PHI,POR SG,PG
9%
3778 Cassius Stanley 169 4.83 2021 2022 DET,IND SG
9%
1205 Cedi Osman 8183 16.50 2018 2024 CLE,SAS SF
9%
1347 Chris Boucher 6823 16.13 2018 2025 GSW,TOR PF,C,SF
9%
1027 Cody Zeller 9916 16.92 2014 2024 CHA,CHO,MIA,NOP,POR C
9%
838 Craig Hodges 12346 15.51 1983 1992 CHI,MIL,PHO,SDC SG,PG
9%
2630 Dalton Knecht 1094 13.68 2025 2025 LAL SF
9%
1381 Darko Milicic 6512 13.32 2004 2013 BOS,DET,MEM,MIN,NYK,ORL C,PF
9%
1142 Deni Avdija 8743 24.35 2021 2025 POR,WAS SF
9%
527 Derrick Favors 17879 21.49 2011 2022 NJN,NOP,OKC,UTA PF,C
9%
1254 Devonte' Graham 7759 22.49 2019 2024 CHO,NOP,SAS PG
9%
1102 Doug McDermott 9147 12.62 2015 2025 CHI,DAL,IND,NYK,OKC,SAC,SAS SF,PF
9%
891 Earl Boykins 11624 17.43 1999 2012 CHA,CLE,DEN,GSW,HOU,LAC,MIL,NJN,ORL,WAS PG,SG
9%
2062 Eric Paschall 2581 15.93 2020 2022 GSW,UTA PF
9%
599 Ersan Ilyasova 16527 18.84 2007 2021 ATL,DET,MIL,OKC,ORL,PHI,UTA PF
9%
1859 Fabricio Oberto 3490 9.14 2006 2011 POR,SAS,WAS C
9%
1137 Gary Trent Jr. 8804 20.29 2019 2025 MIL,POR,TOR SG,SF
9%
1471 Gheorghe Muresan 5940 19.16 1994 2000 NJN,WSB C
9%
1983 Harold Miner 2875 14.09 1993 1996 CLE,MIA SG
9%
1209 Iman Shumpert 8154 15.10 2012 2021 BRK,CLE,HOU,NYK,SAC SF,SG,PG
9%
1544 Isaac Okoro 5361 14.81 2021 2025 CLE SG,SF
9%
3510 Jalen Hood-Schifino 287 7.76 2024 2025 LAL,PHI SG
9%
765 Jared Dudley 13557 14.30 2008 2021 BRK,CHA,LAC,LAL,MIL,PHO,WAS PF,SF,SG
9%
1400 Jared Sullinger 6349 22.76 2013 2017 BOS,TOR PF
9%
1527 Josh Okogie 5514 12.76 2019 2025 CHO,MIN,PHO SG
9%
1728 Kendrick Nunn 4123 19.45 2020 2023 LAL,MIA,WAS SG,PG
9%
918 Kevin Huerter 11371 22.08 2019 2025 ATL,CHI,SAC SG,SF
9%
1458 Landry Shamet 5968 12.92 2019 2025 BRK,LAC,NYK,PHI,PHO,WAS SG
9%
1640 Marquese Chriss 4605 15.35 2017 2022 CLE,DAL,GSW,HOU,PHO PF
9%
478 Mason Plumlee 19008 20.39 2014 2025 BRK,CHO,DEN,DET,LAC,PHO,POR C
9%
1231 Michael Kidd-Gilchrist 7902 17.33 2013 2020 CHA,CHO,DAL SF,PF
9%
1742 Miles Plumlee 4036 11.63 2013 2019 ATL,CHO,IND,MIL,PHO C
9%
1155 Nerlens Noel 8609 17.79 2015 2023 BRK,DAL,DET,NYK,OKC,PHI C
9%
1245 Nikola Mirotic 7815 21.77 2015 2019 CHI,MIL,NOP PF
9%
661 Patrick Beverley 15238 20.59 2013 2024 CHI,HOU,LAC,LAL,MIL,MIN,PHI PG,SG
9%
2254 Patrick McCaw 1954 8.46 2017 2021 CLE,GSW,TOR SG,SF
9%
1525 Precious Achiuwa 5517 15.90 2021 2025 MIA,NYK,TOR PF,C
9%
445 Rick Mahorn 19964 16.32 1981 1999 DET,NJN,PHI,WSB PF,C
9%
735 Robert Covington 13952 21.60 2014 2024 HOU,LAC,MIN,PHI,POR SF,C,PF
9%
1196 Rodney Hood 8224 16.72 2015 2022 CLE,LAC,MIL,POR,TOR,UTA SG,SF,PF
9%
1171 Roy Tarpley 8416 27.68 1987 1995 DAL PF,C
9%
849 Slick Watts 12260 27.00 1974 1979 HOU,NOJ,SEA PG
9%
2381 Treveon Graham 1564 8.45 2017 2020 ATL,BRK,CHO,MIN SF,SG
9%
1092 Trey Burke 9225 17.77 2014 2022 DAL,NYK,PHI,UTA,WAS PG
9%
1045 Trey Lyles 9792 14.72 2016 2025 DEN,DET,SAC,SAS,UTA PF
9%
1457 Tyler Zeller 5977 13.62 2013 2020 ATL,BOS,BRK,CLE,MEM,MIL,SAS C
9%
971 Will Perdue 10470 11.63 1989 2001 CHI,POR,SAS C
9%
337 Armen Gilliam 23088 23.98 1988 2000 CHH,MIL,NJN,PHI,PHO,UTA PF,SF
6%
731 Arron Afflalo 13998 17.56 2008 2018 DEN,DET,NYK,ORL,POR,SAC SG,SF
6%
1470 Ayo Dosunmu 5945 20.64 2022 2025 CHI SG
6%
1781 Boban Marjanovic 3845 10.62 2016 2024 DAL,DET,HOU,LAC,PHI,SAS C
6%
717 Calbert Cheaney 14206 17.05 1994 2006 BOS,DEN,GSW,UTA,WAS,WSB SG,SF
6%
201 Danny Ainge 28243 22.87 1982 1995 BOS,PHO,POR,SAC SG,PG
6%
1391 Davis Bertans 6423 12.30 2017 2024 CHO,DAL,OKC,SAS,WAS PF
6%
1499 Don MacLean 5677 17.80 1993 2001 DEN,MIA,NJN,PHI,PHO,SEA,WSB SF,PF
6%
516 Drew Gooden 18248 21.37 2003 2016 CHI,CLE,DAL,LAC,MEM,MIL,ORL,SAC,SAS,WAS PF,C,SF
6%
1688 Dyson Daniels 4317 21.27 2023 2025 ATL,NOP SG,PG
6%
2468 Hasheem Thabeet 1384 6.02 2010 2014 HOU,MEM,OKC,POR C
6%
1813 Ime Udoka 3673 10.90 2004 2011 LAL,NYK,POR,SAC,SAS SF,SG,PF
6%
634 Isaiah Rider 15715 26.91 1994 2002 ATL,DEN,LAL,MIN,POR SG
6%
1098 Jacque Vaughn 9188 10.80 1998 2009 ATL,NJN,ORL,SAS,UTA PG,SG
6%
1665 Jalen Johnson 4492 23.15 2022 2025 ATL PF,SF
6%
1344 Jason Caffey 6846 13.77 1996 2003 CHI,GSW,MIL PF
6%
1962 Jim Palmer 2965 15.13 1959 1961 CIN,NYK C
6%
692 Kelly Oubre Jr. 14621 21.47 2016 2025 CHO,GSW,PHI,PHO,WAS SF
6%
499 Lionel Hollins 18598 24.80 1976 1985 DET,HOU,PHI,POR,SDC PG,SG
6%
1125 Maurice Stokes 8962 44.15 1956 1958 CIN,ROC PF,C
6%
1334 Maxi Kleber 6925 14.28 2018 2025 DAL,LAL PF,C
6%
2504 Mike D'Antoni 1325 9.89 1974 1977 KCK,KCO,SAS SG
6%
1023 Mitch Kupchak 9987 17.28 1977 1986 LAL,WSB PF,C
6%
1135 Pat Connaughton 8812 12.92 2016 2025 MIL,POR SG,SF
6%
1309 Pat Riley 7137 12.48 1968 1976 LAL,PHO,SDR SG,SF
6%
2611 P.J. Hairston 1131 10.01 2015 2016 CHO,MEM SG,SF
6%
643 Ramon Sessions 15512 21.76 2008 2018 CHA,CHO,CLE,LAL,MIL,MIN,NYK,SAC,WAS SG,PG
6%
786 Rasho Nesterovic 13208 15.09 1999 2010 IND,MIN,SAS,TOR C
6%
720 Ray Felix 14189 21.02 1954 1962 BLB,LAL,MNL,NYK C
6%
895 Royce O'Neale 11594 17.89 2018 2025 BRK,PHO,UTA SF
6%
545 Spencer Dinwiddie 17590 26.77 2015 2025 BRK,DAL,DET,LAL,WAS PG,SG
6%
666 Terry Dischinger 15063 22.89 1963 1973 BAL,CHZ,DET,POR SF,SG
6%
807 Thabo Sefolosha 12959 13.43 2007 2020 ATL,CHI,HOU,OKC,UTA SF,SG,PF
6%
1343 Timofey Mozgov 6858 13.88 2011 2018 BRK,CLE,DEN,LAL,NYK C
6%
403 Wayman Tisdale 21378 24.80 1986 1997 IND,PHO,SAC PF
6%
1009 Wayne Ellington 10145 12.99 2010 2022 BRK,CLE,DAL,DET,LAL,MEM,MIA,MIN,NYK SG
6%
651 Will Barton 15359 21.66 2013 2023 DEN,POR,TOR,WAS SG,SF
6%
1220 Willie Cauley-Stein 8069 18.85 2016 2022 DAL,GSW,PHI,SAC C
6%
2382 Zach Edey 1554 21.58 2025 2025 MEM C
6%
3263 Alan Ogg 412 4.96 1991 1993 MIA,MIL,WSB C
3%
1972 Aleksej Pokusevski 2915 17.35 2021 2024 CHO,OKC PF
3%
774 Al-Farouq Aminu 13388 17.83 2011 2021 CHI,DAL,LAC,NOH,NOP,ORL,POR PF,SF
3%
598 Allen Leavell 16529 21.66 1980 1989 HOU PG,SG
3%
1764 Amen Thompson 3915 28.37 2024 2025 HOU SF
3%
670 Andrew Toney 15015 27.81 1981 1988 PHI SG
3%
554 Andy Phillip 17414 22.67 1948 1958 BOS,CHS,FTW,PHW PG,SG
3%
280 Anfernee Hardaway 24879 32.39 1994 2008 MIA,NYK,ORL,PHO SF,SG,PG
3%
611 Arnie Risen 16283 23.33 1949 1958 BOS,ROC C
3%
1228 Ben McLemore 7956 13.93 2014 2022 HOU,LAL,MEM,POR,SAC SF,SG
3%
645 Beno Udrih 15463 17.49 2005 2017 DET,MEM,MIA,MIL,NYK,ORL,SAC,SAS PG,SG
3%
3440 Billy Donovan 321 7.30 1988 1988 NYK PG
3%
912 Bob Gross 11419 21.22 1976 1983 POR,SDC SF
3%
450 Brian Winters 19762 28.60 1975 1983 LAL,MIL SG
3%
2204 Bruno Fernando 2081 9.17 2020 2025 ATL,BOS,HOU,TOR C
3%
685 Bryon Russell 14714 15.55 1994 2006 DEN,LAL,UTA,WAS SF,SG
3%
1356 Corie Blount 6769 9.94 1994 2004 CHI,CLE,GSW,LAL,PHI,PHO,TOR PF,C
3%
425 Cuttino Mobley 20662 26.73 1999 2009 HOU,LAC,ORL,SAC PG,SG
3%
321 Dale Davis 23598 19.17 1992 2007 DET,GSW,IND,POR C,PF
3%
273 Dan Majerle 25128 23.31 1989 2002 CLE,MIA,PHO SF,SG
3%
1682 Darius Bazley 4344 17.80 2020 2024 OKC,PHI,PHO,UTA PF,C
3%
1460 Darnell Hillman 5957 19.53 1972 1980 DEN,GSW,IND,KCK,NJN PF,C
3%
487 Darryl Dawkins 18857 22.58 1976 1989 DET,NJN,PHI,UTA C
3%
1545 Davion Mitchell 5356 16.95 2022 2025 MIA,SAC,TOR PG
3%
1238 Dewayne Dedmon 7872 14.42 2014 2023 ATL,GSW,MIA,ORL,PHI,SAC,SAS C
3%
1882 Dickey Simpkins 3374 9.92 1995 2002 ATL,CHI,GSW PF,C
3%
418 Dick Snyder 20877 20.98 1967 1979 CLE,PHO,SEA,STL SG,SF
3%
755 Don Buse 13700 20.06 1973 1985 IND,KCK,PHO,POR PG,SG
3%
468 Eric Snow 19291 20.33 1996 2008 CLE,PHI,SEA SG,PG
3%
1286 Ernie DiGregorio 7380 22.57 1974 1978 BOS,BUF,LAL PG
3%
1169 Felton Spencer 8433 12.47 1991 2002 GSW,MIN,NYK,ORL,SAS,UTA C
3%
1326 Frank Kaminsky 7007 16.30 2016 2023 ATL,CHO,HOU,PHO C,PF
3%
1787 Frank Ntilikina 3822 11.38 2018 2024 CHO,DAL,NYK PG,SG
3%
517 Gar Heard 18217 21.53 1971 1981 BUF,CHI,PHO,SDC,SEA PF
3%
740 George McCloud 13852 17.76 1990 2002 DAL,DEN,IND,LAL,PHO SF
3%
398 Grant Long 21454 20.53 1989 2003 ATL,BOS,DET,MEM,MIA,VAN PF
3%
669 Greg Anthony 15021 17.49 1992 2002 CHI,MIL,NYK,POR,SEA,VAN PG
3%
1934 Jaime Jaquez Jr. 3095 20.50 2024 2025 MIA SF
3%
2223 Jake Layman 2046 8.12 2017 2022 MIN,POR SF
3%
684 Jamaal Tinsley 14720 25.03 2002 2014 IND,MEM,UTA PG
3%
1541 James Ennis III 5373 12.88 2015 2022 BRK,DEN,DET,HOU,LAC,MEM,MIA,NOP,ORL,PHI SF,SG
3%
1056 Jerry Sichting 9693 15.03 1981 1990 BOS,CHH,IND,MIL,POR PG
3%
852 Jim Brewer 12213 16.64 1974 1982 CLE,DET,LAL,POR PF
3%
587 Jim Chones 16665 25.29 1973 1982 CLE,LAL,WSB C,PF
3%
2099 Jimmer Fredette 2448 10.16 2012 2019 CHI,NOP,NYK,PHO,SAC SG,PG
3%
1771 John Konchar 3881 11.87 2020 2025 MEM SG,SF
3%
1481 Jonathan Kuminga 5833 19.91 2022 2025 GSW SF,PF
3%
582 Jon McGlocklin 16735 19.76 1966 1976 CIN,MIL,SDR SG,SF
3%
1257 Jon Sundvold 7723 15.08 1984 1992 MIA,SAS,SEA SG,PG
3%
424 Junior Bridgeman 20675 23.02 1976 1987 LAC,MIL SF,SG
3%
1313 Justise Winslow 7111 19.59 2016 2023 LAC,MEM,MIA,POR PF,SF,SG
3%
584 Keith Van Horn 16694 26.41 1998 2006 DAL,MIL,NJN,NYK,PHI PF,SF
3%
249 Kenny Anderson 25935 29.01 1992 2005 ATL,BOS,CHH,IND,LAC,NJN,NOH,POR,SEA PG
3%
2514 Kenny Battle 1309 9.22 1990 1993 BOS,DEN,GSW,PHO SG
3%
3514 Kenny Natt 285 5.82 1981 1985 IND,KCK,UTA SG
3%
781 Kenny Sears 13275 24.67 1956 1964 NYK,SFW PF,SF
3%
917 Kent Bazemore 11375 16.25 2013 2022 ATL,GSW,LAL,POR,SAC SG,SF
3%
657 Kevin Duckworth 15281 20.35 1987 1997 LAC,MIL,POR,SAS,WSB C
3%
823 Kevin Edwards 12616 20.65 1989 2001 MIA,NJN,ORL,VAN SG,PG
3%
391 Kurt Thomas 21543 17.86 1996 2013 CHI,DAL,MIA,MIL,NYK,PHO,POR,SAS,SEA PF,C
3%
1700 Kyle Singler 4226 11.64 2013 2018 DET,OKC SF
3%
1744 Landry Fields 4027 15.08 2011 2015 NYK,TOR SG,SF
3%
578 Larry Kenon 16855 31.56 1974 1983 CHI,CLE,GSW,SAS SF,PF
3%
906 Larry Steele 11525 18.09 1972 1980 POR SG,SF
3%
484 LaSalle Thompson 18909 18.67 1983 1997 DEN,IND,KCK,PHI,SAC C
3%
1065 Luc Mbah a Moute 9612 13.33 2009 2020 HOU,LAC,MIL,MIN,PHI,SAC PF,SF
3%
2655 Luka Garza 1045 7.68 2022 2025 DET,MIN C
3%
2421 Mateen Cleaves 1476 8.84 2001 2006 CLE,DET,SAC,SEA PG
3%
1706 Matisse Thybulle 4199 11.29 2020 2025 PHI,POR SG,SF
3%
1267 Matthew Dellavedova 7575 14.27 2014 2023 CLE,MIL,SAC SG,PG
3%
1099 Maurice Harkless 9170 14.02 2013 2022 LAC,MIA,NYK,ORL,POR,SAC PF,SF
3%
848 Max Zaslofsky 12262 20.33 1947 1956 BLB,CHS,FTW,MLH,NYK SG
3%
1401 Michael Curry 6325 9.00 1994 2005 DET,IND,MIL,PHI,TOR,WSB SG,SF
3%
2710 Michael Phelps 961 7.28 1986 1988 LAC,SEA SG
3%
864 Mike James 12120 19.30 2002 2014 BOS,CHI,DAL,DET,HOU,MIA,MIL,MIN,NOH,TOR,WAS PG
3%
1167 Mike McGee 8489 14.44 1982 1990 ATL,LAL,NJN,PHO,SAC SF,SG
3%
336 Mike Newlin 23122 26.92 1972 1982 HOU,NJN,NYK SG
3%
2609 Milos Teodosic 1133 18.88 2018 2019 LAC PG
3%
738 Nat Clifton 13902 23.29 1951 1958 DET,NYK PF
3%
1252 Nemanja Bjelica 7778 16.51 2016 2022 GSW,MIA,MIN,SAC C,PF
3%
1210 Nick Weatherspoon 8152 16.84 1974 1980 CAP,CHI,SDC,SEA,WSB SF
3%
165 Norm Nixon 30335 36.73 1978 1989 LAC,LAL,SDC PG
3%
1284 Otis Smith 7384 19.33 1987 1992 DEN,GSW,ORL SG,SF
3%
392 Paul Pressey 21519 26.93 1983 1993 GSW,MIL,SAS SG,SF
3%
2674 Paul Zipser 1017 9.78 2017 2018 CHI SF
3%
521 Phil Chenier 18063 28.31 1972 1981 BAL,CAP,GSW,IND,WSB SG
3%
3561 Randolph Childress 265 5.20 1996 1997 DET,POR PG
3%
1531 Raul Neto 5465 11.73 2016 2023 CLE,PHI,UTA,WAS PG
3%
332 Robert Reid 23225 23.27 1978 1991 CHH,HOU,PHI,POR SF,SG
3%
752 Rod Higgins 13717 16.89 1983 1995 CHI,CLE,GSW,NJN,SAC,SAS,SEA SF,PF
3%
846 Ron Anderson 12283 17.78 1985 1994 CLE,IND,NJN,PHI,WSB SF
3%
303 Rudy LaRusso 24066 29.03 1960 1969 LAL,MNL,SFW PF,SF
3%
1596 Santi Aldama 4915 19.90 2022 2025 MEM PF
3%
1443 Scot Pollard 6085 10.75 1998 2008 BOS,CLE,DET,IND,SAC C
3%
353 Scott Wedman 22547 22.75 1975 1987 BOS,CLE,KCK,KCO SF
3%
430 Sherman Douglas 20493 26.21 1990 2001 BOS,LAC,MIA,MIL,NJN PG
3%
913 Sidney Green 11417 15.81 1984 1993 CHH,CHI,DET,NYK,ORL,SAS PF,C
3%
544 Steve Mix 17599 20.09 1970 1983 DET,LAL,MIL,PHI SF,PF
3%
3652 Tacko Fall 221 5.53 2020 2022 BOS,CLE C
3%
2347 Terrance Ferguson 1680 7.78 2018 2021 OKC,PHI SG,SF
3%
331 Terrell Brandon 23236 30.49 1992 2002 CLE,MIL,MIN PG
3%
2013 Thon Maker 2749 9.85 2017 2021 CLE,DET,MIL C,PF
3%
1285 Tomas Satoransky 7382 18.27 2017 2022 CHI,NOP,SAS,WAS SG,SF,PG
3%
428 Tom Gola 20593 27.94 1956 1966 NYK,PHW,SFW SF,SG
3%
1323 Tony Snell 7044 10.85 2014 2022 ATL,CHI,DET,MIL,NOP,POR SG,SF
3%
1949 Tony Wroten 3023 20.02 2013 2016 MEM,PHI SG,PG
3%
1492 Tyler Hansbrough 5741 12.16 2010 2016 CHO,IND,TOR PF
3%
329 Vern Fleming 23381 25.14 1985 1996 IND,NJN PG
3%
1557 Willie Burton 5275 16.59 1991 1999 ATL,CHH,MIA,PHI,SAS SF
3%
434 Willie Naulls 20465 27.25 1957 1966 BOS,NYK,SFW,STL SF,PF
3%
1757 Yogi Ferrell 3942 14.71 2017 2021 BRK,CLE,DAL,LAC,SAC PG,SG
3%
493 Zelmo Beaty 18771 29.65 1963 1975 ATL,LAL,STL C
3%
1974 Aaron Gray 2902 8.90 2008 2014 CHI,NOH,SAC,TOR C
0%
3773 Aaron Harrison 171 4.62 2016 2018 CHO,DAL SG
0%
1474 Aaron Holiday 5906 12.65 2019 2025 ATL,HOU,IND,PHO,WAS PG
0%
1411 Aaron James 6266 17.60 1975 1979 NOJ SF
0%
1538 Aaron Nesmith 5398 15.42 2021 2025 BOS,IND SF
0%
1644 Aaron Wiggins 4582 14.83 2022 2025 OKC SG
0%
1083 Aaron Williams 9309 12.12 1994 2008 DEN,LAC,MIL,NJN,NOK,SEA,TOR,UTA,VAN,WAS C,PF
0%
2338 Abdel Nader 1698 7.58 2018 2022 BOS,OKC,PHO SF
0%
2159 Abdul Jeelani 2265 15.84 1980 1981 DAL,POR SF
0%
2301 Acie Earl 1813 9.35 1994 1997 BOS,MIL,TOR C
0%
2342 Acie Law 1688 8.40 2008 2011 ATL,CHA,CHI,GSW,MEM PG
0%
3899 Adam Flagler 138 3.54 2024 2025 OKC SG
0%
1281 Adam Keefe 7404 10.87 1993 2001 ATL,GSW,UTA PF,SF,C
0%
2218 Adam Morrison 2053 12.60 2007 2010 CHA,LAL PF,SF
0%
2900 Adem Bona 731 12.60 2025 2025 PHI C
0%
2812 Admiral Schofield 832 6.35 2020 2024 ORL,WAS SF,PF
0%
1157 Adonal Foyle 8605 11.61 1998 2009 GSW,MEM,ORL C
0%
2716 Adreian Payne 948 8.86 2015 2018 ATL,MIN,ORL PF
0%
2446 Adrian Branch 1422 10.01 1987 1990 LAL,MIN,NJN,POR SF
0%
2652 Adrian Caldwell 1052 5.29 1990 1998 DAL,HOU,IND,NJN,PHI PF
0%
3102 Ajay Mitchell 540 11.02 2025 2025 OKC SG
0%
2075 A.J. English 2538 16.81 1991 1992 WSB SG
0%
2643 AJ Griffin 1071 11.64 2023 2024 ATL SF
0%
2796 A.J. Guyton 848 10.60 2001 2003 CHI,GSW PG
0%
3209 AJ Johnson 447 14.90 2025 2025 MIL,WAS SG
0%
2888 A.J. Lawson 740 7.96 2023 2025 DAL,MIN,TOR SG
0%
1907 A.J. Price 3238 11.99 2010 2015 CLE,IND,MIN,PHO,WAS PG,SG
0%
2032 Alaa Abdelnaby 2686 9.84 1991 1995 BOS,MIL,PHI,POR,SAC PF
0%
1684 Alan Anderson 4339 12.47 2006 2017 BRK,CHA,LAC,TOR,WAS SF,SG
0%
3492 Alando Tucker 299 5.86 2008 2010 MIN,PHO SF,SG
0%
3455 Alan Hardy 315 5.25 1981 1982 DET,LAL SG
0%
1012 Alan Henderson 10118 14.71 1996 2007 ATL,CLE,DAL,PHI PF,SF,C
0%
3306 Alan Sawyer 388 11.76 1951 1951 WSC
0%
2725 Alan Williams 937 13.99 2016 2019 BRK,PHO PF,C
0%
680 Al Attles 14808 19.16 1961 1971 PHW,SFW PG
0%
938 Al Bianchi 11041 14.86 1957 1966 PHI,SYR PG,SG
0%
2943 Al Brightman 687 11.84 1947 1947 BOS
0%
1741 Al Butler 4038 17.26 1962 1965 BAL,BOS,NYK PG
0%
3728 Al Carlson 189 6.75 1976 1976 SEA C
0%
1832 Al Cervi 3619 15.80 1950 1953 SYR PG
0%
1973 Al Eberhard 2914 12.61 1975 1978 DET SF
0%
2195 Alec Kessler 2110 9.95 1991 1994 MIA C,PF
0%
3861 Alec Peters 147 7.35 2018 2018 PHO PF
0%
3754 Alen Smailagic 179 6.17 2020 2021 GSW C,PF
0%
2383 Alex Abrines 1554 8.40 2017 2019 OKC SG
0%
3839 Alex Acker 152 5.07 2006 2009 DET,LAC SG
0%
2787 Alexander Johnson 857 8.40 2007 2008 MEM,MIA PF
0%
2168 Alexander Volkov 2223 14.92 1990 1992 ATL C
0%
3612 Alex Bradley 241 6.18 1982 1982 NYK SF
0%
2003 Alexey Shved 2783 15.29 2013 2015 HOU,MIN,NYK,PHI SG
0%
1648 Alex Groza 4574 32.91 1950 1951 INO
0%
1290 Alex Hannum 7323 13.10 1950 1957 BLB,FTW,MLH,ROC,STL,SYR PF
0%
1896 Alexis Ajinca 3284 11.09 2009 2017 CHA,DAL,NOP,TOR PF,C
0%
3300 Alex Poythress 390 7.50 2017 2019 ATL,IND,PHI PF
0%
3842 Alex Reese 151 10.07 2025 2025 OKC,PHI PF
0%
2310 Alex Sarr 1771 26.43 2025 2025 WAS C
0%
1496 Al Ferrari 5726 14.17 1956 1963 CHZ,STL SF,SG
0%
2408 Alfonzo McKinnie 1495 7.26 2018 2022 CHI,CLE,GSW,LAL,TOR SF
0%
3000 Alfredrick Hughes 633 8.92 1986 1986 SAS SG
0%
3250 Al Guokas 420 7.12 1950 1950 DNN,PHW
0%
3659 Al Hairston 220 5.24 1969 1970 SEA SG
0%
3362 Al Henry 358 7.31 1971 1972 PHI C
0%
3108 Alize Johnson 530 6.46 2019 2023 BRK,CHI,IND,NOP,SAS,WAS PF
0%
820 Allan Bristow 12691 19.00 1974 1983 DAL,PHI,SAS,UTA SF
0%
3186 Allan Ray 468 9.96 2007 2007 BOS SG
0%
1464 Allen Crabbe 5953 14.96 2014 2020 ATL,BRK,MIN,POR SG,SF
0%
2451 Allonzo Trier 1419 16.13 2019 2020 NYK SG
0%
2632 Al Masino 1088 9.71 1953 1954 MLH,ROC,SYR PG
0%
2208 Al McGuire 2073 9.64 1952 1955 BLB,NYK PG
0%
2849 Alonzo Bradley 792 7.62 1978 1980 HOU SF
0%
1530 Alonzo Gee 5479 13.11 2010 2017 CLE,DEN,NOP,POR,SAS,WAS SG,SF
0%
2565 Al Roges 1226 14.60 1954 1955 BLB,FTW SF,SG
0%
1755 Al Skinner 3947 18.98 1975 1980 DET,NJN,NYN,PHI SG
0%
1486 Al Thornton 5803 19.60 2008 2011 GSW,LAC,WAS PF,SF
0%
3386 Alton Ford 346 4.74 2002 2004 HOU,PHO PF
0%
556 Alton Lister 17390 16.72 1982 1998 BOS,GSW,MIL,POR,SEA C,PF
0%
1711 Al Tucker 4178 16.01 1968 1972 BAL,CHI,CIN,SEA PF
0%
1208 Alvin Scott 8158 11.86 1978 1985 PHO SF
0%
1002 Alvin Williams 10184 21.31 1998 2007 LAC,POR,TOR PG,SG
0%
1192 Al Wood 8233 19.51 1982 1987 ATL,DAL,SDC,SEA SG,SF
0%
3081 Amal McCaskill 559 4.82 1997 2004 ATL,ORL,PHI,SAS C
0%
3996 Amile Jefferson 110 3.67 2019 2020 ORL PF
0%
1800 Amir Coffey 3740 10.84 2020 2025 LAC SG,SF
0%
3581 Andrae Patterson 254 6.05 1999 2000 MIN PF
0%
890 Andray Blatche 11626 19.67 2006 2014 BRK,WAS C,PF
0%
3043 Andre Barrett 590 8.81 2005 2008 CHI,HOU,LAC,ORL,PHO,TOR PG
0%
3252 Andre Brown 419 5.59 2007 2009 CHA,MEM,SEA PF
0%
2656 Andre Jackson Jr. 1042 7.89 2024 2025 MIL SG
0%
2774 Andre McCarter 868 8.43 1977 1981 KCK,WSB PG
0%
3296 Andre Owens 391 7.24 2006 2008 IND,UTA PG
0%
3828 Andres Guibert 155 7.05 1994 1995 MIN C,PF
0%
1030 Andres Nocioni 9902 18.44 2005 2012 CHI,PHI,SAC SF,PF
0%
2990 Andre Spencer 642 13.38 1993 1994 ATL,GSW,SAC SF
0%
2123 Andre Turner 2392 13.44 1987 1992 BOS,CHH,HOU,LAC,MIL,PHI,WSB PG
0%
3231 Andre Wakefield 435 5.37 1979 1980 CHI,DET,UTA SG
0%
1355 Andrew DeClercq 6776 11.29 1996 2005 BOS,CLE,GSW,ORL C
0%
3363 Andrew Goudelock 357 6.16 2012 2016 HOU,LAL PG,SG
0%
965 Andrew Lang 10638 13.66 1989 2000 ATL,CHI,MIL,MIN,NYK,PHI,PHO C
0%
2727 Andrew Levane 937 8.37 1949 1953 MLH,ROC,SYR SG
0%
1487 Andrew Nembhard 5802 23.40 2023 2025 IND SG,PG
0%
1959 Andrew Nicholson 2978 10.45 2013 2017 BRK,ORL,WAS PF
0%
3965 Andrew White 119 7.93 2018 2018 ATL SF
0%
1130 Andris Biedrins 8908 16.81 2005 2014 GSW,UTA C
0%
2688 Andy Duncan 996 7.01 1949 1951 BOS,ROC
0%
1517 Andy Johnson 5586 18.38 1959 1962 CHP,PHW SF,PF
0%
3805 Andy Kostecka 163 7.76 1949 1949 INJ
0%
3949 Andy O'Donnell 124 4.96 1950 1950 BLB
0%
3453 Andy Toolson 315 5.08 1991 1996 UTA SF
0%
3388 Andy Walker 346 8.65 1977 1977 NOJ SF
0%
2297 Angelo Musi 1823 9.80 1947 1949 PHW
0%
2793 Ansu Sesay 849 6.48 2002 2005 GSW,SEA SF
0%
2499 Ante Zizic 1332 11.01 2018 2020 CLE C
0%
1658 Anthony Avent 4525 12.53 1993 2000 LAC,MIL,ORL,UTA,VAN PF
0%
2125 Anthony Black 2384 15.38 2024 2025 ORL PG
0%
1549 Anthony Bonner 5339 15.66 1991 1996 NYK,ORL,SAC SF,PF
0%
1417 Anthony Bowie 6232 12.44 1989 1998 HOU,NYK,ORL,SAS SG
0%
2654 Anthony Cook 1048 9.03 1991 1996 DEN,MIL,ORL,POR PF
0%
2465 Anthony Frederick 1389 9.45 1989 1992 CHH,IND,SAC SF
0%
2399 Anthony Gill 1515 6.42 2021 2025 WAS PF
0%
1812 Anthony Goldwire 3676 13.82 1996 2006 CHH,DEN,DET,LAC,MIL,MIN,NJN,SAS,WAS PG
0%
2587 Anthony Jones 1169 7.08 1987 1990 CHI,DAL,SAS,WSB SG,SF
0%
2599 Anthony Lamb 1148 12.21 2021 2023 GSW,HOU,SAS SF
0%
1224 Anthony Morrow 7983 13.74 2009 2017 ATL,CHI,DAL,GSW,NJN,NOP,OKC SG
0%
1088 Anthony Parker 9250 17.93 1998 2012 CLE,ORL,PHI,TOR SG,SF
0%
631 Anthony Peeler 15843 17.92 1993 2005 LAL,MIN,SAC,VAN,WAS SG
0%
1822 Anthony Randolph 3649 14.20 2009 2014 DEN,GSW,MIN,NYK PF,C
0%
3251 Anthony Roberson 419 6.35 2006 2009 CHI,GSW,MEM,NYK PG
0%
1836 Anthony Roberts 3585 15.66 1978 1984 DEN,WSB SF
0%
3503 Anthony Taylor 291 13.86 1989 1989 MIA PG
0%
1144 Anthony Tolliver 8725 11.71 2009 2021 ATL,CHA,DET,GSW,MEM,MIN,PHI,PHO,POR,SAC,SAS SF,PF
0%
3026 Anthony Tucker 606 9.77 1995 1995 WSB SF
0%
1898 Antoine Wright 3278 10.09 2006 2011 DAL,NJN,SAC,TOR SG,SF
0%
2780 Antonio Blakeney 861 11.33 2018 2019 CHI SG
0%
3155 Antonio Burks 488 5.81 2005 2006 MEM PG
0%
2526 Antonio Harvey 1293 6.73 1994 2003 ATL,LAC,LAL,POR,SEA,VAN PF
0%
2889 Antonio Lang 740 5.14 1995 2000 CLE,MIA,PHI,PHO,TOR SF,PF
0%
3182 Antonio Reeves 471 10.70 2025 2025 NOP SG
0%
3679 Antonis Fotsis 210 7.50 2002 2002 MEM PF
0%
3435 Anzejs Pasecniks 323 11.54 2020 2021 WAS C
0%
325 Archie Clark 23454 29.46 1967 1976 BAL,CAP,DET,LAL,PHI,SEA PG,SG
0%
2018 Archie Dees 2738 14.26 1959 1962 CHP,CIN,DET,STL PF,C
0%
2273 Archie Goodwin 1890 11.45 2014 2017 BRK,NOP,PHO SG,PG
0%
3875 Ariel Hukporti 143 5.11 2025 2025 NYK C
0%
1976 Ariel Maughan 2896 10.81 1947 1951 DTF,PRO,STB,WSC
0%
1076 Armond Hill 9435 19.49 1977 1984 ATL,MIL,SDC,SEA PG
0%
2687 Armoni Brooks 996 11.32 2021 2024 BRK,HOU,TOR PG,SG
0%
3420 Armon Johnson 330 6.73 2011 2012 NJN,POR PG
0%
3203 Arnett Moultrie 453 7.68 2013 2014 PHI PF
0%
2166 Arnie Ferrin 2236 10.80 1949 1951 MNL
0%
1416 Arnie Johnson 6239 17.28 1949 1953 ROC SF
0%
3144 Art Burris 500 6.76 1951 1952 FTW,MLH SF
0%
3715 Art Collins 197 6.79 1981 1981 ATL SG
0%
1732 Art Harris 4091 16.70 1969 1972 PHO,SEA SG,PG
0%
2047 Art Heyman 2625 17.86 1964 1970 CIN,NYK,PHI SG
0%
3020 Art Hillhouse 609 7.52 1947 1948 PHW
0%
2816 Art Long 829 8.46 2001 2003 PHI,SAC,SEA,TOR PF
0%
2605 Art Spector 1144 6.65 1947 1950 BOS
0%
1782 Art Spoelstra 3841 13.67 1955 1958 MNL,NYK,ROC C
0%
3758 Art Stolkey 178 7.74 1947 1947 DTF
0%
1028 Art Williams 9916 17.10 1968 1975 BOS,SDR PG
0%
2797 Ashraf Amaya 848 9.98 1996 1997 VAN,WSB PF
0%
3586 Ashton Hagans 253 12.05 2021 2024 MIN,POR PG
0%
3439 Aubrey Davis 322 5.19 1947 1947 STB
0%
2227 Audie Norris 2032 9.82 1983 1985 POR C
0%
1057 Austin Croshere 9687 13.32 1998 2009 DAL,GSW,IND,MIL,SAS PF
0%
1963 Austin Daye 2953 9.91 2010 2015 ATL,DET,MEM,SAS,TOR SF
0%
875 Austin Rivers 11876 15.38 2013 2023 DEN,HOU,LAC,MIN,NOH,NOP,NYK,WAS SG,PG
0%
3532 Awvee Storey 278 4.63 2005 2008 MIL,NJN,WAS SG,SF
0%
3688 Axel Toupane 206 5.57 2016 2021 DEN,MIL,NOP SF
0%
1566 Barney Cable 5199 13.94 1959 1964 BAL,CHP,CHZ,DET,STL,SYR SF,PF
0%
1036 Barry Clemens 9841 12.35 1966 1976 CHI,CLE,NYK,POR,SEA SF
0%
3342 Barry Kramer 368 7.08 1965 1970 NYK,SFW SF
0%
3225 Barry Orms 438 6.54 1969 1970 BAL PG
0%
3953 Barry Yates 123 5.13 1972 1972 PHI PF
0%
3120 Bart Kofoed 515 4.26 1988 1993 BOS,GSW,SEA,UTA SG
0%
3885 Bato Govedarica 141 6.13 1954 1954 SYR PG
0%
2264 Bayard Forrest 1930 12.53 1978 1979 PHO C
0%
3539 Baylor Scheierman 275 7.86 2025 2025 BOS SG
0%
1609 Belus Smawley 4836 17.78 1947 1952 BLB,STB,SYR SG
0%
3933 Ben Clyde 128 5.12 1975 1975 BOS SF
0%
1977 Ben Coleman 2891 12.57 1987 1994 DET,MIL,NJN,PHI PF,C
0%
3943 Ben Davis 125 3.13 1997 2000 NYK,PHO PF
0%
3401 Ben Handlogten 340 8.95 2004 2005 UTA C
0%
3909 Ben Hansbrough 136 4.00 2013 2013 IND PG
0%
3785 Ben Kelso 168 3.57 1974 1974 DET SG
0%
2164 Ben McDonald 2243 12.06 1986 1989 CLE,GSW SF,PF
0%
1520 Bennedict Mathurin 5566 23.99 2023 2025 IND SG,SF
0%
3027 Bennie Swain 606 9.62 1959 1959 BOS PF
0%
449 Benoit Benjamin 19832 24.04 1986 2000 CLE,LAC,LAL,MIL,NJN,PHI,SEA,TOR,VAN C
0%
893 Ben Poquette 11606 16.07 1978 1987 CHI,CLE,DET,UTA PF,C
0%
3806 Ben Scharnus 162 2.95 1947 1949 CLR,PRO
0%
2396 Ben Sheppard 1526 9.60 2024 2025 IND SG
0%
2958 Ben Uzoh 668 11.13 2011 2012 CLE,NJN,TOR PG
0%
1792 Ben Warley 3775 12.67 1963 1970 BAL,PHI,SYR SF,PF
0%
3112 Bernard James 521 5.48 2013 2015 DAL C
0%
2538 Bernard Robinson 1274 9.88 2005 2007 CHA,NJN SG,SF
0%
2189 Bernard Thompson 2126 10.32 1985 1989 HOU,PHO,POR PF,SG,SF
0%
3944 Bernard Toone 125 4.63 1980 1980 PHI PF
0%
2348 Bernie Fryer 1677 15.11 1974 1975 NOJ,POR SG
0%
3552 Bert Cook 268 7.05 1955 1955 NYK SG
0%
2561 Bevo Nordmann 1236 9.16 1962 1965 BOS,CIN,NYK,STL C
0%
2043 Bilal Coulibaly 2651 21.73 2024 2025 WAS SF
0%
3984 Bill Bolger 114 5.70 1954 1954 BLB SF
0%
2978 Bill Buntin 648 15.43 1966 1966 DET C
0%
1325 Bill Calhoun 7013 15.25 1949 1955 BLB,MLH,ROC,SYR SG,SF
0%
3404 Bill Chamberlain 339 12.11 1973 1974 PHO SF
0%
1928 Bill Closs 3131 15.89 1950 1952 AND,FTW,PHW SF
0%
2746 Bill Curley 909 6.10 1995 2001 DAL,DET,GSW,HOU,MIN PF,SF
0%
3995 Bill Davis 112 2.07 1947 1947 CHS
0%
2257 Bill Dinwiddie 1952 8.87 1968 1972 BOS,CIN,MIL PF,SF
0%
1569 Bill Gabor 5169 15.07 1950 1955 SYR SG
0%
1727 Bill Garnett 4124 13.39 1983 1986 DAL,IND C,PF
0%
766 Bill Hanzlik 13554 16.73 1981 1990 DEN,SEA SF,PF
0%
2805 Bill Henry 838 8.55 1949 1950 FTW,TRI
0%
1559 Bill Hewitt 5265 14.00 1969 1975 BUF,CHI,DET,LAL PF
0%
2595 Bill Hosket 1153 7.59 1969 1972 BUF,NYK PF
0%
3615 Bill Jones 239 6.46 1989 1989 NJN PF
0%
3654 Bill Ligon 221 5.53 1975 1975 DET SG
0%
2939 Bill Martin 688 8.19 1986 1988 IND,NYK,PHO SF
0%
2523 Bill Melchionni 1295 8.41 1967 1976 PHI PG
0%
3273 Bill Mlkvy 406 13.10 1953 1953 PHW SF
0%
3078 Bill Roberts 560 4.71 1949 1950 BOS,CHS,STB
0%
963 Bill Robinzine 10676 19.88 1976 1982 CLE,DAL,KCK,UTA PF
0%
2948 Bill Thieben 683 7.85 1957 1958 DET,FTW PF
0%
1783 Bill Tosheff 3838 18.54 1952 1954 INO,MLH PG
0%
1919 Bill Turner 3164 10.01 1968 1973 CIN,GSW,LAL,POR,SFW PF,SF
0%
1386 Bill Willoughby 6441 12.58 1976 1984 ATL,BUF,CLE,HOU,NJN,SAS SF
0%
2823 Billy Hassett 824 8.41 1950 1951 BLB,MNL,TRI
0%
1515 Billy Kenville 5590 14.48 1954 1960 DET,FTW,SYR SG,PG
0%
2060 Billy McGill 2584 15.85 1963 1970 BAL,CHZ,LAL,NYK,STL C
0%
1162 Billy McKinney 8518 17.21 1979 1986 CHI,DEN,KCK,SDC,UTA PG
0%
635 Billy Owens 15699 25.69 1992 2001 DET,GSW,MIA,PHI,SAC,SEA PF,SF,SG
0%
783 Billy Paultz 13243 18.73 1971 1985 ATL,HOU,SAS,UTA C,PF
0%
1831 Billy Ray Bates 3620 18.76 1980 1983 LAL,POR,WSB SG
0%
3241 Billy Reid 430 7.29 1981 1981 GSW SG
0%
3513 Billy Thomas 285 4.67 2005 2008 CLE,NJN,WAS SF,SG
0%
1501 Billy Thompson 5667 18.70 1987 1992 GSW,LAL,MIA SF
0%
3468 Bill Zopf 310 5.85 1971 1971 MIL PG
0%
617 Bimbo Coles 16118 18.68 1991 2004 ATL,BOS,CLE,GSW,MIA PG
0%
483 Bingo Smith 18921 21.43 1970 1980 CLE,SDC,SDR SG,SF
0%
2240 Bird Averitt 1989 15.30 1974 1978 BUF,NJN SG
0%
832 Bismack Biyombo 12518 13.79 2012 2025 CHA,CHO,MEM,OKC,ORL,PHO,SAS,TOR C
0%
1085 Bison Dele 9267 20.50 1992 1999 CHI,DEN,DET,LAC,ORL C,PF
0%
3914 B.J. Johnson 134 6.09 2019 2022 ATL,ORL,SAC SF
0%
2986 B.J. Tyler 643 11.69 1995 1995 PHI PG
0%
2296 Blackie Towery 1824 14.25 1949 1950 BLB,FTW,INJ
0%
980 Blair Rasmussen 10365 18.48 1986 1993 ATL,DEN C
0%
3776 Blake Ahearn 170 7.73 2008 2012 MIA,SAS,UTA PG
0%
2308 Blake Wesley 1772 11.36 2023 2025 SAS SG
0%
712 Blue Edwards 14306 19.38 1990 1999 BOS,MIA,MIL,UTA,VAN SF,SG
0%
3916 Bob Allen 134 4.47 1969 1969 SFW PF
0%
3569 Bob Anderegg 260 7.88 1960 1960 NYK SF
0%
3140 Bob Arnzen 501 9.11 1970 1974 CIN SF
0%
3204 Bob Bigelow 452 4.81 1976 1979 BOS,KCK,SDC SF
0%
1422 Bob Brannum 6220 17.13 1950 1955 BOS,SHE PF
0%
2649 Bob Brown 1062 12.95 1949 1950 DNN,PRO
0%
2745 Bob Burrow 910 11.23 1957 1958 MNL,ROC C
0%
3310 Bobby Cattage 384 4.92 1982 1986 NJN,UTA PF
0%
2735 Bobby Cook 924 17.11 1950 1950 SHE
0%
1914 Bobby Hurley 3202 11.86 1994 1998 SAC,VAN PG
0%
997 Bobby Phills 10215 20.72 1992 2000 CHH,CLE SG
0%
3085 Bobby Ray Jones 555 6.10 2007 2008 DEN,HOU,MEM,MIA,PHI,SAS SF
0%
1226 Bobby Simmons 7972 16.78 2002 2012 LAC,MIL,NJN,SAS,WAS SF,PF,SG
0%
764 Bobby Wanzer 13571 22.36 1949 1957 ROC SG,PG
0%
2319 Bobby Washington 1760 15.17 1970 1972 CLE PG
0%
3249 Bobby Watson 420 6.67 1955 1955 MLH,MNL PG
0%
2518 Bobby Wilson 1302 8.51 1975 1978 BOS,CHI,IND SG
0%
3790 Bob Carney 167 6.42 1955 1955 MNL SG
0%
2389 Bob Carpenter 1544 12.25 1950 1951 FTW,TRI
0%
2575 Bob Carrington 1192 14.54 1978 1980 IND,NJN,SDC SG
0%
2115 Bob Christian 2415 9.58 1970 1974 ATL,PHO C
0%
3504 Bob Cluggish 290 4.92 1947 1947 NYK
0%
804 Bob Davies 12982 25.96 1949 1955 ROC PG
0%
3326 Bob Dille 376 6.60 1947 1947 DTF
0%
2153 Bob Doll 2279 11.06 1947 1950 BOS,STB
0%
1659 Bob Donham 4524 15.60 1951 1954 BOS SG
0%
2781 Bob Duffy 861 8.70 1963 1965 DET,NYK,STL PG
0%
3585 Bob Evans 254 5.18 1950 1950 INO
0%
3230 Bob Faught 436 8.07 1947 1947 CLR
0%
1756 Bob Feerick 3943 17.14 1947 1950 WSC
0%
903 Bob Ferry 11545 17.08 1960 1969 BAL,DET,STL PF,C
0%
3398 Bob Fitzgerald 341 4.06 1947 1949 NYK,ROC,TRH
0%
3520 Bob Greacen 283 5.55 1970 1972 MIL SF
0%
1188 Bob Hansen 8260 13.24 1984 1992 CHI,SAC,UTA SG
0%
1540 Bob Harris 5379 15.55 1950 1954 BOS,FTW PF,SF
0%
1042 Bob Harrison 9807 14.55 1950 1958 MLH,MNL,STL,SYR SG,PG
0%
1677 Bob Hopkins 4383 15.06 1957 1960 SYR C,PF
0%
1518 Bob Houbregs 5572 18.33 1954 1958 BLB,BOS,DET,FTW,MLH PF,C
0%
3526 Bob Hubbard 282 4.55 1948 1949 PRO
0%
819 Bob Kauffman 12692 23.95 1969 1975 ATL,BUF,CHI,SEA PF,C,SF
0%
2419 Bob Kinney 1479 12.53 1949 1950 BOS,FTW
0%
1597 Bob Lavoy 4908 17.28 1951 1954 INO,MLH,SYR PF
0%
3137 Bob Lochmueller 502 7.84 1953 1953 SYR SF
0%
3466 Bob Martin 310 5.74 1994 1995 LAC C
0%
2375 Bob McCann 1583 8.84 1990 1998 DAL,DET,MIN,TOR,WSB SF,PF
0%
2440 Bob McNeill 1433 11.02 1961 1962 LAL,NYK,PHW PG
0%
3247 Bob Mullens 422 7.81 1947 1947 NYK,TRH
0%
2255 Bob Nash 1954 8.72 1973 1979 DET,KCK SF
0%
3912 Bob O'Brien 135 2.45 1948 1949 PHW,STB
0%
2641 Bob Peterson 1074 10.13 1954 1956 BLB,MLH,NYK PF,SF
0%
2140 Bob Portman 2334 10.06 1970 1973 GSW,SFW SG,SF
0%
2463 Bob Quick 1394 10.10 1969 1972 BAL,DET SF
0%
3346 Bob Royer 367 8.74 1950 1950 DNN
0%
902 Bob Rule 11550 28.66 1968 1975 CLE,MIL,PHI,SEA C
0%
3124 Bob Schafer 513 7.43 1956 1957 PHW,STL,SYR SG
0%
2685 Bob Sims 1000 15.38 1962 1968 LAL,STL SG
0%
746 Bob Sura 13770 20.55 1996 2005 ATL,CLE,DET,GSW,HOU SG,PG
0%
2266 Bob Thornton 1926 6.44 1986 1996 MIN,NYK,PHI,UTA,WSB PF
0%
2790 Bob Tough 853 10.40 1949 1950 BLB,FTW,WAT
0%
3784 Bob Verga 168 8.00 1968 1974 POR SG
0%
2084 Bob Warlick 2499 14.79 1966 1970 DET,MIL,PHO,SFW SG
0%
705 Bob Weiss 14428 17.26 1966 1977 BUF,CHI,MIL,PHI,SEA,WSB PG,SG
0%
3524 Bob Wiesenhahn 282 4.55 1962 1962 CIN SF
0%
818 Bob Wilkerson 12706 22.77 1977 1983 CHI,CLE,DEN,SEA SG,SF
0%
3880 Bob Williams 143 5.96 1956 1957 MNL
0%
2963 Bob Wilson 662 10.51 1952 1952 MLH PG
0%
2368 Bo Ellis 1608 8.79 1978 1980 DEN PF
0%
3521 Bo Erias 283 15.72 1958 1958 MNL SF
0%
2693 Bo Kimble 989 9.16 1991 1993 LAC,NYK SG
0%
2634 Bo Lamar 1083 13.37 1974 1977 LAL PG
0%
1861 Bones Hyland 3478 17.48 2022 2025 DEN,LAC,MIN SG,PG
0%
1631 Bones McKinney 4671 13.70 1947 1952 BOS,WSC SF
0%
2362 Boo Ellis 1632 12.18 1959 1960 MNL PF
0%
696 Bo Outlaw 14582 15.58 1994 2008 LAC,MEM,ORL,PHO SF,PF,C
0%
1731 Bostjan Nachbar 4096 12.23 2003 2008 HOU,NJN,NOH,NOK SF,PF
0%
3661 Bracey Wright 219 8.42 2006 2007 MIN SG
0%
2874 Brad Branson 763 10.60 1982 1983 CLE,IND PF
0%
422 Brad Davis 20696 20.57 1978 1992 DAL,IND,LAL,UTA PG
0%
3074 Brad Holland 562 5.40 1980 1982 LAL,MIL,WSB SG
0%
1216 Brad Lohaus 8104 11.99 1988 1998 BOS,MIA,MIL,MIN,NYK,SAC,SAS,TOR PF
0%
335 Brad Miller 23150 25.22 1999 2012 CHH,CHI,HOU,IND,MIN,SAC C,PF
0%
1580 Brad Sellers 5078 11.92 1987 1993 CHI,DET,MIN,SEA PF,SF
0%
2036 Brad Wanamaker 2671 12.60 2019 2022 BOS,CHO,GSW,IND,WAS PG
0%
3969 Brad Wright 119 7.44 1987 1988 DEN,NYK PF
0%
1997 Brady Walker 2808 12.32 1949 1952 BLB,BOS,PRO PF
0%
1508 Brandan Wright 5646 12.83 2008 2018 BOS,DAL,GSW,HOU,MEM,NJN,PHO PF,C
0%
3635 Branden Carlson 231 7.00 2025 2025 OKC C
0%
3297 Brandon Armstrong 391 3.37 2002 2004 NJN SG
0%
808 Brandon Bass 12918 15.81 2006 2017 BOS,DAL,LAC,LAL,NOK,ORL PF,C
0%
2270 Brandon Boston Jr. 1918 12.70 2022 2025 LAC,NOP SG,SF
0%
2971 Brandon Davies 651 8.35 2014 2015 BRK,PHI PF
0%
2460 Brandon Goodwin 1400 10.53 2019 2022 ATL,CLE,DEN PG
0%
3161 Brandon Hunter 484 6.91 2004 2005 BOS,ORL PF
0%
3434 Brandon Paul 324 4.98 2018 2018 SAS SG
0%
1427 Brandon Rush 6176 12.28 2009 2017 GSW,IND,MIN,UTA SF,SG
0%
3971 Brandon Sampson 118 8.43 2019 2019 CHI SG
0%
2535 Brandon Williams 1283 16.88 2022 2025 DAL,POR PG
0%
3565 Braxton Key 262 6.24 2022 2025 DEN,DET,GSW,PHI SF
0%
770 Brendan Haywood 13487 15.50 2002 2015 CHA,CLE,DAL,WAS C
0%
3583 Brendan McCann 254 6.20 1958 1960 NYK PG
0%
1444 Brent Price 6084 14.25 1993 2002 HOU,SAC,VAN,WSB PG
0%
3282 Brett Szabo 400 5.71 1997 1997 BOS C
0%
546 Brevin Knight 17585 23.67 1998 2009 ATL,CHA,CLE,LAC,MEM,MIL,PHO,UTA,WAS PG
0%
1655 Brian Cardinal 4531 9.56 2001 2012 DAL,DET,GSW,MEM,MIN,WAS SF,PF
0%
1678 Brian Cook 4366 9.66 2004 2012 HOU,LAC,LAL,ORL,WAS PF,C
0%
3595 Brian Davis 250 3.68 1994 1994 MIN SF
0%
2879 Brian Evans 754 7.05 1997 1999 MIN,NJN,ORL SF
0%
552 Brian Grant 17463 21.45 1995 2006 LAL,MIA,PHO,POR,SAC C,PF,SF
0%
2624 Brian Howard 1103 11.61 1992 1993 DAL SF
0%
2840 Brian Oliver 800 6.56 1991 1998 ATL,PHI,WSB SG
0%
2715 Brian Quinnett 950 6.60 1990 1992 DAL,NYK SG
0%
2766 Brian Rowsom 876 10.68 1988 1990 CHH,IND PF
0%
1300 Brian Skinner 7190 11.43 1999 2012 CLE,LAC,MEM,MIL,PHI,PHO,POR,SAC PF,C
0%
1165 Brian Taylor 8501 25.76 1973 1982 DEN,KCK,SDC PG
0%
3269 Briante Weber 408 8.68 2016 2018 CHO,GSW,HOU,MEM,MIA PG
0%
2330 Brice Sensabaugh 1728 16.78 2024 2025 UTA SF
0%
3849 Britton Johnsen 150 5.77 2004 2005 IND,ORL SF,C
0%
3446 Brodric Thomas 318 7.23 2021 2022 BOS,CLE,HOU SG
0%
3904 Bronny James 136 4.69 2025 2025 LAL SG
0%
2137 Brook Steppe 2339 9.67 1983 1989 DET,IND,KCK,POR,SAC SG,PG
0%
2360 Brooks Thompson 1639 9.31 1995 1998 DEN,NYK,ORL,PHO,UTA PG
0%
3068 Bruce Flowers 566 10.68 1983 1983 CLE PF
0%
2157 Bruce Hale 2271 15.24 1949 1951 FTW,INJ,INO
0%
1645 Bruce Seals 4582 18.33 1974 1978 SEA SF,PF
0%
2712 Bruno Caboclo 955 8.93 2015 2021 HOU,MEM,SAC,TOR C,PF,SF
0%
3382 Bruno Sundov 347 3.37 1999 2005 BOS,CLE,DAL,IND,NYK C
0%
1075 Bryant Reeves 9438 23.89 1996 2001 VAN C
0%
920 Bryant Stith 11341 18.87 1993 2002 BOS,CLE,DEN SG
0%
2282 Bryan Warrick 1868 11.05 1983 1986 IND,LAC,MIL,WSB PG
0%
3852 Bryce Cotton 149 6.48 2015 2016 MEM,PHO,UTA PG
0%
3779 Bryce Dejean-Jones 169 12.07 2016 2016 NOP SG
0%
2063 Bryce Drew 2572 10.46 1999 2004 CHH,CHI,HOU,NOH PG
0%
2664 Bryce McGowens 1026 8.69 2023 2025 CHO,POR SG
0%
1437 Bryn Forbes 6103 12.90 2017 2023 DEN,MIL,MIN,SAS SG
0%
3518 Bubba Wells 283 7.26 1998 1998 DAL SG
0%
2229 Bubbles Hawkins 2029 18.79 1976 1979 DET,GSW,NJN,NYN SG
0%
2258 Bub Carrington 1951 23.79 2025 2025 WAS PG
0%
1120 Buck Johnson 9001 17.14 1987 1993 HOU,WSB SF
0%
901 Bucky Bockhorn 11553 23.11 1959 1965 CIN SG
0%
3743 Bucky McConnell 184 13.14 1953 1953 MLH PG
0%
3869 Bud Acton 146 6.35 1968 1968 SDR SF
0%
2333 Buddy Jeannette 1710 11.18 1948 1950 BLB
0%
2872 Buddy O'Grady 765 4.81 1947 1949 PRO,STB,WSC
0%
3291 Bud Koper 394 7.30 1965 1965 SFW SG
0%
3157 Bud Ogden 486 6.39 1970 1971 PHI SF
0%
1879 Bud Olsen 3379 8.80 1963 1970 BOS,CIN,DET,SEA,SFW PF
0%
2136 Bud Palmer 2340 14.44 1947 1949 NYK
0%
1776 Bud Stallworth 3870 12.36 1973 1977 NOJ,SEA SF
0%
2593 Bulbs Ehlers 1154 11.66 1948 1949 BOS
0%
789 Butch Beard 13199 20.72 1970 1979 ATL,CLE,GSW,NYK,SEA PG
0%
1534 Butch Carter 5413 14.99 1981 1986 IND,LAL,NYK,PHI SG,SF
0%
3264 Butch Feher 412 8.58 1977 1977 PHO SG
0%
2428 Butch van Breda Kolff 1456 7.66 1947 1950 NYK
0%
3216 Byron Beck 444 7.66 1968 1977 DEN PF
0%
3262 Byron Dinkins 414 9.20 1990 1991 HOU,IND,SAS PG
0%
2265 Byron Houston 1929 8.85 1993 1996 GSW,SAC,SEA PF
0%
2838 Byron Irvin 802 8.81 1990 1993 POR,WSB SG
0%
2038 Byron Mullens 2667 14.04 2010 2014 CHA,LAC,OKC,PHI C,PF
0%
2803 Cal Bowdler 841 5.92 2000 2002 ATL SF,PF
0%
1725 Cal Christensen 4133 13.69 1951 1955 MLH,ROC,TRI SF
0%
406 Caldwell Jones 21324 17.96 1974 1990 CHI,HOU,PHI,POR,SAS C,PF
0%
2567 Caleb Houstan 1218 6.88 2023 2025 ORL SF
0%
3106 Caleb Swanigan 531 6.99 2018 2020 POR,SAC PF,C
0%
3701 Cal Ramsey 200 15.38 1960 1961 NYK,STL,SYR SF
0%
1941 Calvin Booth 3055 8.10 2000 2009 DAL,MIL,MIN,PHI,SAC,SEA,WAS C
0%
2259 Calvin Garrett 1945 10.81 1981 1984 HOU,LAL SF
0%
474 Calvin Natt 19098 29.66 1980 1990 DEN,IND,NJN,POR,SAS PF,SF
0%
3973 Cameron Oliver 117 19.50 2021 2022 ATL,HOU SF
0%
3741 Cameron Reynolds 184 7.67 2019 2021 HOU,MIN,SAS SF,SG
0%
610 Campy Russell 16293 27.80 1975 1985 CLE,NYK SF
0%
3669 Cam Spencer 214 8.56 2025 2025 MEM SG
0%
1608 Cam Thomas 4847 22.23 2022 2025 BRK SG
0%
2358 Cam Whitmore 1643 16.27 2024 2025 HOU SF
0%
2181 Carey Scurry 2171 11.55 1986 1988 NYK,UTA SF
0%
465 Carl Braun 19389 23.42 1948 1962 BOS,NYK PG,SG
0%
3988 Carl Henry 113 3.90 1986 1986 SAC SG
0%
1537 Carl Herrera 5411 10.69 1992 1999 DEN,HOU,SAS,VAN PF
0%
1038 Carl Landry 9829 17.87 2008 2016 GSW,HOU,NOH,PHI,SAC PF
0%
2949 Carl Meinhold 682 6.26 1948 1949 BLB,CHS,PRO
0%
2233 Carl Nicks 2001 12.83 1981 1983 CLE,DEN,UTA SG,PG
0%
1132 Carlos Arroyo 8834 14.65 2002 2011 BOS,DEN,DET,MIA,ORL,TOR,UTA PG,SG
0%
3116 Carlos Clark 517 4.97 1984 1985 BOS SG
0%
1149 Carlos Delfino 8662 15.81 2005 2013 DET,HOU,MIL,TOR SG,SF
0%
1708 Carlos Rogers 4195 14.08 1995 2002 GSW,HOU,IND,POR,TOR C,PF
0%
2802 Carlos Terry 842 8.68 1981 1983 WSB SG
0%
3485 Carl Shaeffer 302 5.12 1950 1951 INO
0%
3418 Carl Thomas 332 5.19 1992 1998 CLE,GSW,ORL,SAC SG
0%
3159 Carsen Edwards 485 6.38 2020 2022 BOS,DET SG
0%
2212 Cartier Martin 2067 8.40 2009 2015 ATL,CHA,CHI,DET,GSW,WAS SF
0%
2005 Casey Jacobsen 2773 9.46 2003 2008 MEM,NOH,PHO SG,SF
0%
1994 Cason Wallace 2823 15.34 2024 2025 OKC SG
0%
3960 Cassius Winston 120 3.75 2021 2022 WAS PG
0%
3217 Cecil Hankins 443 5.40 1947 1948 BOS,STB
0%
1767 Cedric E. Henderson 3892 14.74 1998 2002 CLE,GSW SF
0%
2110 Cedrick Hordges 2424 16.38 1981 1982 DEN PF
0%
3328 Cedric Simmons 375 5.00 2007 2009 CHI,CLE,NOK,SAC PF
0%
3572 Chad Kinch 258 6.29 1981 1981 CLE,DAL SG
0%
2571 Chandler Hutchison 1198 11.20 2019 2022 CHI,PHO,WAS SF
0%
664 Channing Frye 15125 16.11 2006 2019 CLE,LAL,NYK,ORL,PHO,POR C,PF
0%
2114 Charles A. Jones 2416 11.79 1985 1989 PHO,POR,WSB C,PF
0%
2516 Charles Bassey 1307 11.27 2022 2025 PHI,SAS C
0%
2959 Charles Bradley 668 5.61 1982 1984 BOS,SEA SG
0%
2488 Charles C. Smith 1349 9.24 1998 2006 DEN,LAC,MIA,POR,SAS SG
0%
1685 Charles Davis 4338 9.35 1982 1990 CHI,MIL,SAS,WSB SF
0%
1404 Charles Dudley 6297 15.86 1973 1979 CHI,GSW,SEA PG
0%
2690 Charles Jenkins 992 9.02 2012 2013 GSW,PHI PG,SG
0%
1211 Charles Jones 8145 10.58 1984 1998 CHI,DET,HOU,PHI,WSB PF,C
0%
3554 Charles O'Bannon 267 5.13 1998 1999 DET SG
0%
2059 Charles Pittman 2586 10.14 1983 1986 PHO PF,SF
0%
2905 Charles R. Jones 728 8.56 1999 2000 CHI,LAC SG,PG
0%
1811 Charles Shackleford 3680 12.15 1989 1999 CHH,MIN,NJN,PHI C,PF
0%
652 Charles Smith 15354 24.37 1989 1997 LAC,NYK,SAS PF,SF
0%
3968 Charles Thomas 119 3.31 1992 1992 DET SG
0%
3705 Charley Shipp 199 8.65 1950 1950 WAT
0%
1436 Charlie Bell 6134 15.97 2002 2011 DAL,GSW,MIL,PHO SG
0%
2237 Charlie Black 1991 13.83 1949 1952 AND,FTW,INJ,MLH
0%
3675 Charlie Brown Jr. 211 4.31 2020 2024 ATL,DAL,NYK,OKC,PHI SG
0%
1271 Charlie Criss 7517 16.97 1978 1985 ATL,MIL,SDC PG
0%
2185 Charlie Davis 2146 14.90 1972 1974 CLE,POR SG
0%
2135 Charlie Hardnett 2354 13.93 1963 1965 BAL,CHZ PF
0%
3235 Charlie Hoefer 433 6.66 1947 1948 BOS,TRH
0%
2522 Charlie Paulk 1296 10.20 1969 1972 CHI,CIN,MIL,NYK PF
0%
471 Charlie Scott 19185 32.35 1971 1980 BOS,DEN,LAL,PHO SG,PG
0%
3664 Charlie Sitton 216 5.02 1985 1985 DAL SF
0%
3099 Charlie Smith 542 7.13 1990 1996 BOS,MIN PG
0%
1399 Charlie Tyra 6351 18.15 1958 1962 CHP,NYK PF,C
0%
887 Charlie Villanueva 11667 17.54 2006 2016 DAL,DET,MIL,TOR PF
0%
2748 Charlie Yelverton 908 13.16 1972 1972 POR SG
0%
1502 Chase Budinger 5662 13.91 2010 2016 HOU,IND,MIN,PHO SF
0%
2494 Chasson Randle 1339 11.25 2017 2021 GSW,NYK,ORL,PHI,WAS PG
0%
2230 Cheick Diallo 2023 10.65 2017 2022 DET,NOP,PHO C,PF
0%
1610 Cherokee Parks 4833 10.09 1996 2004 DAL,GSW,LAC,MIN,SAS,VAN,WAS C,PF
0%
3378 Chet Carlisle 350 5.74 1947 1947 CHS
0%
1674 Chick Halbert 4429 13.46 1947 1951 BLB,BOS,CHS,PHW,PRO,WSC
0%
2039 Chick Reiser 2661 14.23 1948 1950 BLB,WSC
0%
1516 Chico Vaughn 5586 15.78 1963 1970 DET,STL PG,SG
0%
1938 Chimezie Metu 3061 11.64 2019 2024 DET,PHO,SAC,SAS C,PF
0%
2539 Chink Crossin 1271 7.89 1948 1950 PHW
0%
3059 Chips Sobek 574 9.11 1950 1950 SHE
0%
1007 Chris Andersen 10146 13.21 2002 2017 CLE,DEN,MEM,MIA,NOH,NOK C,PF
0%
2325 Chris Anstey 1744 11.25 1998 2000 CHI,DAL C
0%
1873 Chris Carr 3419 11.36 1996 2001 BOS,CHI,GSW,MIN,NJN,PHO SG,SF
0%
847 Chris Childs 12263 19.97 1995 2003 NJN,NYK,TOR PG
0%
2696 Chris Chiozza 984 9.74 2019 2022 BRK,GSW,HOU,WAS PG
0%
3549 Chris Clemons 269 7.69 2020 2020 HOU SG
0%
2355 Chris Copeland 1648 8.58 2013 2016 IND,MIL,NYK SF,PF
0%
2622 Chris Corchiani 1108 9.89 1992 1994 BOS,ORL,WSB PG
0%
2001 Chris Crawford 2785 10.75 1998 2004 ATL PF
0%
2002 Chris Douglas-Roberts 2784 12.32 2009 2015 CHA,DAL,LAC,MIL,NJN SF,SG
0%
2116 Chris Duarte 2413 13.63 2022 2025 CHI,IND,SAC SG,SF
0%
907 Chris Dudley 11484 12.15 1988 2003 CLE,NJN,NYK,PHO,POR C,PF
0%
904 Chris Duhon 11542 18.18 2005 2013 CHI,LAL,NYK,ORL PG
0%
2752 Chris Engler 897 4.58 1983 1988 CHI,GSW,MIL,NJN,POR C
0%
553 Chris Ford 17461 20.49 1973 1982 BOS,DET SG
0%
3553 Chris Garner 267 5.80 1998 2001 GSW,TOR PG
0%
802 Chris Gatling 12989 18.17 1992 2002 CLE,DAL,DEN,GSW,MIA,MIL,NJN,ORL PF,C
0%
1986 Chris G. Smith 2859 12.76 1993 1995 MIN SG,PG
0%
3631 Chris Harris 233 5.68 1956 1956 ROC,STL SG
0%
2962 Chris Herren 662 9.46 2000 2001 BOS,DEN PG
0%
3080 Chris Hunter 559 9.32 2010 2010 GSW C
0%
3178 Chris Jefferies 473 6.57 2003 2004 CHI,TOR SF,SG
0%
2491 Chris King 1345 12.81 1994 1999 SEA,UTA,VAN SF
0%
3876 Chris Livingston 143 3.04 2024 2025 MIL SF
0%
3309 Chris McCullough 385 6.53 2016 2018 BRK,WAS PF
0%
2519 Chris McNealy 1300 12.04 1986 1988 NYK PF
0%
1368 Chris Mihm 6628 15.03 2001 2009 BOS,CLE,LAL C,PF
0%
843 Chris Mills 12297 20.95 1994 2003 CLE,GSW,NYK SF,PF
0%
608 Chris Morris 16405 20.10 1989 1999 NJN,PHO,UTA SF,SG
0%
2837 Chris Porter 802 15.73 2001 2001 GSW SF
0%
2120 Chris Quinn 2399 9.75 2007 2013 CLE,MIA,NJN,SAS SG,PG
0%
3258 Chris Richard 416 5.78 2008 2010 CHI,MIN PF,C
0%
2896 Chris Robinson 735 9.67 1997 1998 SAC,VAN SG
0%
3148 Chris Silva 492 7.03 2020 2023 DAL,MIA,MIN,SAC PF
0%
2435 Chris Singleton 1442 9.74 2012 2014 WAS SF,PF
0%
2546 Christapher Johnson 1251 8.51 2013 2016 BOS,MEM,MIL,PHI,UTA SF
0%
1624 Christian Braun 4741 16.81 2023 2025 DEN SG
0%
3010 Christian Eyenga 617 11.43 2011 2012 CLE,LAL SF
0%
2901 Christian Koloko 731 7.69 2023 2025 LAL,TOR C
0%
3160 Chris Washburn 485 6.22 1987 1988 ATL,GSW C
0%
2834 Chris Welp 807 7.21 1988 1990 GSW,PHI,SAS C
0%
1195 Chris Whitney 8226 13.97 1994 2004 DEN,ORL,SAS,WAS,WSB PG
0%
1054 Chris Wilcox 9706 15.41 2003 2013 BOS,DET,LAC,NYK,OKC,SEA C,PF
0%
3628 Chris Wright 233 7.28 2012 2014 GSW,MIL SF
0%
2881 Chuck Aleksinas 749 10.12 1985 1985 GSW C
0%
3442 Chuck Connors 321 6.06 1947 1948 BOS
0%
1332 Chuck Cooper 6933 15.94 1951 1956 BOS,FTW,MLH,STL SF,PF
0%
2148 Chuck Gilmur 2302 8.96 1947 1951 CHS,WSC
0%
1202 Chuck Hayes 8195 12.14 2006 2016 HOU,SAC,TOR PF,C
0%
2202 Chuck Mencel 2093 14.05 1956 1957 MNL PG
0%
3846 Chuck Mrazovich 151 6.04 1951 1951 INO
0%
2922 Chuck Nevitt 704 4.12 1983 1994 CHI,DET,HOU,LAL,SAS C
0%
1276 Chuck Noble 7460 16.95 1956 1962 DET,FTW SG
0%
835 Chuck Share 12385 19.05 1952 1960 FTW,MLH,MNL,STL C
0%
2700 Chuck Terry 979 6.99 1973 1977 MIL,NYN SF
0%
2246 Chuck Williams 1977 14.33 1971 1978 BUF,DEN PG
0%
737 Chucky Atkins 13916 19.01 2000 2010 BOS,DEN,DET,LAL,MEM,OKC,ORL,WAS PG,SG
0%
1198 Chucky Brown 8209 11.17 1990 2002 ATL,CHH,CLE,DAL,GSW,HOU,LAL,MIL,NJN,PHO,SAC,SAS SF,PF
0%
1987 Chuma Okeke 2853 14.05 2021 2025 CLE,ORL,PHI PF,SF
0%
2732 CJ Elleby 928 10.31 2021 2022 POR SF
0%
2566 C.J. Kupec 1221 7.73 1976 1978 HOU,LAL SF
0%
1059 C.J. Watson 9668 14.92 2008 2017 BRK,CHI,GSW,IND,ORL PG
0%
3605 C.J. Wilcox 245 3.60 2015 2017 LAC,ORL SG
0%
3180 C.J. Williams 472 8.91 2018 2019 LAC,MIN SG
0%
3934 Clarence Glover 128 4.57 1972 1972 BOS PF
0%
3324 Clarence Kea 378 7.41 1981 1982 DAL PF
0%
380 Clarence Weatherspoon 21882 23.45 1993 2005 CLE,GSW,HOU,MIA,NYK,PHI PF,SF
0%
1079 Clark Kellogg 9414 36.21 1983 1987 IND PF
0%
3509 Claude Gregory 288 11.52 1986 1988 LAC,WSB PF
0%
3990 Claude Overton 113 7.53 1953 1953 PHW SG
0%
3134 Claude Terry 505 7.01 1973 1978 ATL,BUF SG
0%
3153 Clay Johnson 490 5.05 1982 1984 LAL,SEA SG
0%
3154 Cleanthony Early 489 8.73 2015 2016 NYK SF
0%
622 Clem Haskins 16031 22.61 1968 1976 CHI,PHO,WSB PG,SG
0%
954 Clemon Johnson 10809 13.07 1979 1988 IND,PHI,POR,SEA C
0%
2908 Cleo Hill 726 12.52 1962 1962 STL SG
0%
2890 Cleveland Buckner 739 10.87 1962 1963 NYK PF
0%
3152 Cliff Anderson 491 5.85 1968 1971 CLE,LAL,PHI SG
0%
2443 Cliff Barker 1429 9.04 1950 1952 INO SG
0%
1548 Cliff Meely 5351 16.83 1972 1976 HOU,LAL PF
0%
488 Clifford Ray 18844 22.33 1972 1981 CHI,GSW C
0%
2194 Clifford Rozier 2111 12.20 1995 1998 GSW,MIN,TOR C
0%
2201 Cliff Pondexter 2101 10.51 1976 1978 CHI PF
0%
3473 Clinton Smith 307 6.67 1987 1991 GSW,WSB SG
0%
2923 Clinton Wheeler 704 8.09 1988 1989 IND,MIA,POR PG
0%
1048 Clint Richardson 9762 14.84 1980 1987 IND,PHI SG
0%
3341 Clint Wager 369 5.51 1950 1950 FTW
0%
620 Clyde Lee 16081 20.28 1967 1976 ATL,GSW,PHI,SFW PF,C
0%
354 Clyde Lovellette 22502 29.11 1954 1964 BOS,CIN,MNL,STL C
0%
2906 Clyde Mayes 726 9.43 1976 1977 BUF,IND,MIL,POR PF
0%
1241 Coby Dietrick 7855 15.46 1971 1983 CHI,SAS C,PF
0%
3848 Coby Karl 150 6.00 2008 2010 CLE,GSW,LAL SG,SF
0%
1734 Cody Martin 4086 15.72 2020 2025 CHO,PHO SF
0%
3141 Cody Williams 500 10.00 2025 2025 UTA SG
0%
3110 Colby Jones 529 7.56 2024 2025 SAC,WAS SG
0%
1952 Cole Aldrich 3008 8.59 2011 2018 HOU,LAC,MIN,NYK,OKC,SAC C
0%
3745 Cole Swider 183 5.23 2023 2025 DET,LAL,MIA,TOR SF
0%
3351 Colin Castleton 363 8.64 2024 2025 LAL,MEM,PHI,TOR C
0%
3002 Collin Gillespie 629 11.04 2024 2025 DEN,PHO PG
0%
2979 Conner Henry 647 6.22 1987 1988 BOS,HOU,MIL,SAC SG
0%
713 Connie Dierking 14285 19.68 1959 1971 CIN,PHI,SFW,SYR C
0%
2697 Connie Norman 983 9.83 1975 1979 PHI,SDC SG
0%
915 Connie Simmons 11384 17.25 1947 1956 BLB,BOS,NYK,ROC,SYR C,PF
0%
2946 Corey Beck 684 7.28 1996 1999 CHH,DET PG
0%
2405 Corey Benjamin 1499 9.80 1999 2003 ATL,CHI SG,PG
0%
3646 Corey Crowder 225 3.63 1992 1995 SAS,UTA SF
0%
2782 Corey Gaines 860 10.24 1989 1995 DEN,NJN,NYK,PHI SG
0%
1573 Corey Kispert 5108 17.49 2022 2025 WAS SF
0%
3718 Corey Williams 195 5.00 1993 1994 CHI,MIN PG
0%
1373 Corky Calhoun 6598 11.78 1973 1980 IND,LAL,PHO,POR SF
0%
1948 Corky Devlin 3029 13.71 1956 1958 FTW,MNL SG
0%
1242 Cornell Warner 7844 16.83 1971 1977 BUF,CLE,LAL,MIL C,PF
0%
3422 Corny Thompson 329 7.48 1983 1983 DAL PF
0%
1710 Cory Alexander 4181 13.23 1996 2005 CHA,DEN,ORL,SAS SG,PG
0%
3323 Cory Blackwell 378 6.30 1985 1985 SEA SF
0%
3316 Cory Carr 380 9.05 1999 1999 CHI SG
0%
3494 Cory Higgins 298 6.77 2012 2013 CHA PG,SG
0%
3240 Cory Jefferson 430 7.41 2015 2016 BRK,PHO PF
0%
3573 Cotton Nash 258 5.73 1965 1968 LAL,SFW SF
0%
2669 Coulby Gunther 1023 12.04 1947 1949 PIT,STB
0%
2028 Courtney Alexander 2708 14.10 2001 2003 DAL,NOH,WAS PG,SG
0%
519 Craig Ehlo 18136 19.11 1984 1997 ATL,CLE,HOU,SEA SG
0%
3095 Craig Neal 545 8.65 1989 1991 DEN,MIA,POR PG
0%
2607 Craig Porter Jr. 1136 10.52 2024 2025 CLE PG
0%
3898 Craig Raymond 139 5.15 1969 1973 PHI C
0%
3198 Craig Shelton 459 7.78 1981 1982 ATL SF
0%
1521 Craig Smith 5565 13.81 2007 2012 LAC,MIN,POR PF
0%
2050 Cristiano Felicio 2612 10.12 2016 2021 CHI C
0%
2272 Curly Armstrong 1898 11.94 1949 1951 FTW
0%
2910 Curtis Borchardt 724 8.72 2004 2005 UTA C
0%
834 Curtis Perry 12425 23.36 1971 1978 HOU,MIL,PHO,SDR C,PF
0%
724 Curtis Rowe 14094 22.81 1972 1979 BOS,DET PF
0%
1408 Dahntay Jones 6277 8.99 2004 2017 ATL,CLE,DAL,DEN,IND,LAC,MEM,SAC SF,SG
0%
2758 Daishen Nix 889 8.98 2022 2025 HOU,MIN SG,PG
0%
3215 DaJuan Summers 444 5.35 2010 2013 DET,LAC,NOH SF,PF
0%
2376 Dajuan Wagner 1579 15.33 2003 2007 CLE,GSW SG
0%
3966 Dakari Johnson 119 3.61 2018 2018 OKC C
0%
1955 Dalano Banton 2995 13.61 2022 2025 BOS,POR,TOR PG
0%
2454 Dalen Terry 1409 8.14 2023 2025 CHI SG
0%
1189 Dale Schlueter 8259 13.70 1969 1978 ATL,BUF,PHI,PHO,POR,SFW C
0%
2998 Dalibor Bagaric 635 6.68 2001 2003 CHI C
0%
2334 Dallas Comegys 1709 12.04 1988 1989 NJN,SAS PF
0%
1296 Damien Wilkins 7221 12.10 2005 2018 ATL,DET,IND,MIN,OKC,PHI,SEA SF,SG
0%
3508 Damion Baugh 288 19.20 2025 2025 CHO SG
0%
3325 Damion James 376 9.64 2011 2014 BRK,NJN,SAS SF
0%
1634 Damion Lee 4647 13.71 2018 2025 ATL,GSW,PHO SG
0%
2865 Damjan Rudez 778 5.33 2015 2017 IND,MIN,ORL SF
0%
3677 Damone Brown 210 5.38 2002 2005 NJN,PHI,TOR,WAS PF,SF
0%
1018 Damon Jones 10037 14.02 1999 2009 BOS,CLE,DAL,DET,GSW,MIA,MIL,NJN,SAC,VAN PG,SG
0%
1979 Damyean Dotson 2885 13.54 2018 2022 CLE,NYK SG
0%
562 Dana Barros 17189 19.51 1990 2004 BOS,DET,PHI,SEA PG,SG
0%
2832 Dan Anderson 809 8.52 1975 1976 POR SG,PG
0%
1785 Dan Dickau 3829 12.76 2003 2008 ATL,BOS,DAL,LAC,NOH,POR PG
0%
3224 Dane Suttle 438 9.52 1984 1985 KCK SG
0%
1462 Dan Gadzuric 5956 11.05 2003 2012 GSW,MIL,NJN,NYK C,PF
0%
3114 Daniel Brown 520 6.84 2007 2009 PHO,UTA,WAS PG
0%
2673 Daniel Ewing 1018 7.65 2006 2007 LAC SG,PG
0%
1403 Daniel Gibson 6304 14.10 2007 2013 CLE PG,SG
0%
3727 Daniel Hamilton 189 7.56 2018 2019 ATL,OKC SG
0%
3339 Daniel Orton 369 6.71 2012 2014 OKC,ORL,PHI C,PF
0%
3812 Daniel Oturu 159 3.88 2021 2022 LAC,TOR C
0%
2795 Daniel Santiago 848 6.84 2001 2005 MIL,PHO C
0%
1331 Daniel Theis 6933 15.34 2018 2025 BOS,CHI,HOU,IND,LAC,NOP C
0%
2918 Dan Langhi 712 5.35 2001 2004 GSW,HOU,MIL,PHO SF
0%
2024 Danny Finn 2722 19.17 1953 1955 PHW SG,PG
0%
1256 Danny Fortson 7743 17.17 1998 2007 BOS,DAL,DEN,GSW,SEA PF,C
0%
458 Danny Schayes 19546 16.19 1982 1999 DEN,LAL,MIA,MIL,ORL,PHO,UTA C,PF
0%
1377 Danny Vranes 6550 12.48 1982 1988 PHI,SEA SF
0%
1251 Danny Young 7780 12.41 1985 1995 DET,LAC,MIL,POR,SEA PG
0%
3765 Dan O'Sullivan 174 3.87 1991 1996 DET,MIL,NJN,TOR,UTA C
0%
3479 Dan Swartz 305 7.63 1963 1963 BOS SF
0%
1656 Dante Exum 4526 12.57 2015 2025 CLE,DAL,UTA SG,PG
0%
3999 Dan Tieman 110 3.79 1963 1963 CIN PG
0%
2679 DaQuan Jeffries 1010 8.63 2020 2025 CHO,HOU,MEM,NYK,SAC SG
0%
3729 Dariq Whitehead 188 8.55 2024 2025 BRK SF
0%
1087 Darius Miles 9256 20.75 2001 2009 CLE,LAC,MEM,POR SF
0%
1939 Darius Miller 3057 10.92 2013 2021 NOH,NOP,OKC SF
0%
2645 Darius Morris 1070 7.59 2012 2015 BRK,LAC,LAL,MEM,PHI PG
0%
1337 Darius Songaila 6917 13.41 2004 2011 CHI,NOH,PHI,SAC,WAS PF,C
0%
3022 Darnell Jackson 607 4.24 2009 2011 CLE,MIL,SAC PF
0%
3724 Darnell Mee 193 4.49 1994 1995 DEN SG
0%
693 Darnell Valentine 14607 22.61 1982 1991 CLE,LAC,POR SG,PG
0%
637 Darrall Imhoff 15666 18.32 1961 1972 CIN,DET,LAL,NYK,PHI,POR C
0%
3733 Darrell Allums 187 8.50 1981 1981 DAL PF
0%
492 Darrell Armstrong 18771 21.07 1995 2008 DAL,IND,NJN,NOH,ORL PG
0%
1360 Darrell Arthur 6752 12.72 2009 2018 DEN,MEM SF,PF
0%
536 Darrell Walker 17785 23.59 1984 1993 CHI,DEN,DET,NYK,WSB PG,SG
0%
1593 Darren Daye 4950 13.67 1984 1988 BOS,CHI,WSB SF
0%
3647 Darren Morningstar 223 9.70 1994 1994 DAL,UTA C
0%
2729 Darren Tillis 933 7.52 1983 1984 BOS,CLE,GSW C
0%
1263 Darrick Martin 7631 14.16 1995 2008 DAL,LAC,MIN,SAC,TOR,VAN PG
0%
2750 Darrin Hancock 904 6.37 1995 1997 ATL,CHH,MIL,SAS SF
0%
3092 Darrun Hilliard 547 6.01 2016 2018 DET,SAS SG
0%
779 Darwin Cook 13331 20.93 1981 1989 DEN,NJN,SAS,WSB SG,PG
0%
3271 Dave Batton 406 7.00 1983 1984 SAS,WSB C
0%
1613 Dave Budd 4802 13.60 1961 1965 NYK SF
0%
522 Dave Corzine 18010 18.78 1979 1991 CHI,ORL,SAS,SEA,WSB C
0%
2134 Dave Feitl 2355 8.35 1987 1992 GSW,HOU,NJN,WSB C
0%
734 Dave Gambee 13967 17.61 1959 1970 CIN,DET,MIL,PHI,SDR,SFW,STL,SYR SF,PF
0%
447 Dave Greenwood 19890 23.54 1980 1991 CHI,DEN,DET,SAS PF
0%
3603 Dave Henderson 246 11.18 1988 1988 PHI SG
0%
2314 Dave Hoppen 1765 10.26 1988 1993 CHH,GSW,MIL,NJN,PHI C
0%
3082 Dave Jamerson 557 6.05 1991 1994 HOU,NJN,UTA SG
0%
3454 Dave Johnson 315 5.34 1993 1994 CHI,POR SG
0%
2644 Dave Lattin 1071 9.15 1968 1973 PHO,SFW PF
0%
1316 Dave Meyers 7104 23.68 1976 1980 MIL PF
0%
2245 Dave Minor 1980 17.07 1952 1953 BLB,MLH SG,PG
0%
2391 Dave Newmark 1540 10.20 1969 1971 ATL,CHI C
0%
1477 Dave Piontek 5895 13.46 1957 1963 CHP,CIN,ROC,STL PF,SF
0%
3817 Dave Popson 158 3.85 1989 1992 BOS,LAC,MIA,MIL PF
0%
1097 Dave Robisch 9196 17.62 1972 1984 CLE,DEN,IND,KCK,LAL,SAS C
0%
3270 Dave Schellhase 408 5.37 1967 1968 CHI PG
0%
1894 Dave Sorenson 3291 15.45 1971 1973 CLE,PHI PF
0%
1070 Dave Stallworth 9540 16.98 1966 1975 BAL,CAP,NYK SF
0%
1456 Dave Twardzik 5988 19.63 1973 1980 POR PG
0%
1429 Dave Wohl 6154 14.86 1972 1978 BUF,HOU,NJN,NYN,PHI,POR PG
0%
3616 Dave Zeller 238 3.78 1962 1962 CIN PG
0%
2717 David Andersen 948 9.20 2010 2011 HOU,NOH,TOR C,PF
0%
1297 David Benoit 7215 13.14 1992 2001 NJN,ORL,UTA SF
0%
3176 David Duke Jr. 473 8.45 2022 2025 BRK,SAS PG,SG
0%
2284 David Harrison 1861 9.54 2005 2008 IND C
0%
3184 David Noel 471 6.93 2007 2007 MIL PF
0%
1902 David Nwaba 3263 13.77 2017 2022 BRK,CHI,CLE,HOU,LAL SF,SG
0%
3972 David Pope 118 3.58 1985 1986 KCK,SEA SF
0%
2573 David Rivers 1196 9.97 1989 1992 LAC,LAL PG
0%
2225 David Roddy 2039 11.59 2023 2025 ATL,HOU,MEM,PHI,PHO PF
0%
2692 David Thirdkill 990 5.03 1983 1987 BOS,DET,MIL,PHO,SAS PF,SF
0%
3450 David Vanterpool 317 14.41 2001 2001 WAS PG
0%
2789 David Vaughn III 854 7.18 1996 1999 CHI,GSW,NJN,ORL PF
0%
267 David Wesley 25269 25.17 1994 2007 BOS,CHH,CLE,HOU,NJN,NOH PG,SG
0%
1055 David Wingate 9706 12.15 1987 2001 CHH,NYK,PHI,SAS,SEA,WSB SF,SG
0%
1866 David Wood 3459 8.24 1989 1997 CHI,DAL,DET,GSW,HOU,MIL,PHO,SAS PF,SF
0%
2811 Davon Reed 834 6.84 2018 2023 DEN,IND,LAL,PHO SG
0%
1950 Day'Ron Sharpe 3022 15.58 2022 2025 BRK PF,C
0%
3486 D.C. Wilcutt 302 4.95 1949 1950 STB
0%
1712 DeAndre' Bembry 4177 14.11 2017 2022 ATL,BRK,MIL,TOR SF,SG
0%
2676 DeAndre Liggins 1015 5.40 2012 2018 CLE,DAL,MIA,MIL,NOP,OKC,ORL SG,SF
0%
1632 Dean Garrett 4664 12.54 1997 2002 DEN,GSW,MIN C
0%
1387 Dean Meminger 6441 13.97 1972 1977 ATL,NYK PG,SG
0%
3735 Dean Oliver 186 5.31 2002 2003 GSW PG
0%
2909 Dean Tolson 725 8.63 1975 1978 SEA PF
0%
1871 Dean Wade 3429 11.55 2020 2025 CLE PF
0%
3284 Dedric Willoughby 398 15.92 2000 2000 CHI PG
0%
3090 Dee Gibson 548 11.66 1950 1950 TRI
0%
3859 DeJon Jarreau 147 14.70 2022 2024 IND,MEM SG
0%
1379 DeJuan Blair 6539 14.03 2010 2016 DAL,SAS,WAS PF,C
0%
3018 DeJuan Wheat 614 7.58 1998 1999 MIN,VAN PG
0%
2149 Delaney Rudd 2297 8.73 1990 1993 POR,UTA PG,SG
0%
2977 Del Beshore 648 9.39 1979 1980 CHI,MIL PG
0%
992 Delonte West 10264 20.95 2005 2012 BOS,CLE,DAL,SEA SG,PG
0%
3980 DeMarcus Nelson 114 8.77 2009 2009 GSW PG
0%
951 Dennis Awtrey 10856 13.67 1971 1982 BOS,CHI,PHI,PHO,POR,SEA C
0%
3290 Dennis Bell 394 5.97 1974 1976 NYK SF
0%
3619 Dennis DuVal 237 4.31 1975 1976 ATL,WSB PG
0%
3318 Dennis Hamilton 380 5.35 1968 1971 ATL,LAL PF
0%
1432 Dennis Hopson 6143 18.12 1988 1992 CHI,NJN,SAC SF,SG
0%
3997 Dennis Nutt 110 4.23 1987 1987 DAL PG
0%
1790 Denzel Valentine 3792 14.58 2017 2022 CHI,CLE,UTA SG,SF
0%
3360 Deonte Burton 358 4.65 2019 2023 OKC,SAC SG,SF,PF
0%
3265 DeQuan Jones 411 6.52 2013 2013 ORL SF
0%
1138 Derek Smith 8803 20.86 1983 1991 BOS,GSW,LAC,PHI,SAC,SDC SF,SG
0%
1398 Derek Strong 6353 13.63 1992 2001 BOS,LAC,LAL,MIL,ORL,WSB PF
0%
1762 DerMarr Johnson 3921 11.08 2001 2008 ATL,DEN,NYK,SAS SF,SG
0%
2855 Dermie O'Connell 785 9.57 1949 1950 BOS,STB
0%
1622 Derrek Dickey 4757 13.67 1974 1978 CHI,GSW PF
0%
2357 Derrick Alston 1646 11.84 1995 1997 ATL,PHI C
0%
2352 Derrick Brown 1669 9.65 2010 2012 CHA,NYK SF
0%
3838 Derrick Caracter 152 3.71 2011 2011 LAL C
0%
2298 Derrick Chievous 1821 11.31 1989 1991 CLE,HOU SF
0%
3087 Derrick Dial 551 6.56 2000 2004 NJN,ORL,SAS,TOR SG
0%
2691 Derrick Gervin 992 12.88 1990 1991 NJN PF
0%
323 Derrick McKey 23483 21.76 1988 2002 IND,PHI,SEA SF
0%
3490 Derrick Walton 299 6.64 2018 2022 DET,LAC,MIA PG
0%
1390 Derrick Williams 6428 14.74 2012 2018 CLE,LAL,MIA,MIN,NYK,SAC PF,SF
0%
1578 DeSagana Diop 5094 8.10 2002 2013 CHA,CLE,DAL,NJN C,PF
0%
911 DeShawn Stevenson 11419 13.19 2001 2013 ATL,DAL,NJN,ORL,UTA,WAS SG,SF
0%
3929 Devin Cannady 131 10.08 2021 2022 ORL PG
0%
3399 Devin Carter 340 9.19 2025 2025 SAC PG
0%
2972 Devin Durrant 651 10.33 1985 1986 IND,PHO SF
0%
3135 Devin Ebanks 503 6.99 2011 2013 LAL SG,SF
0%
3924 Devin Gray 132 4.89 1997 2000 HOU,SAC,SAS SF,PF
0%
346 Devin Harris 22774 21.71 2005 2019 ATL,DAL,DEN,NJN,UTA SG,PG
0%
3851 Devon Dotson 149 5.32 2021 2023 CHI,WAS PG
0%
3676 Devontae Cacok 210 5.83 2020 2022 LAL,SAS C,PF
0%
3599 Devyn Marble 249 5.66 2015 2016 ORL SG
0%
3278 DeWayne Scales 403 8.22 1981 1984 NYK,WSB PF
0%
2947 Dexter Cambridge 683 12.89 1993 1993 DAL SF
0%
3609 Dexter Pittman 242 4.57 2011 2014 ATL,MEM,MIA C
0%
2694 Deyonta Davis 988 8.98 2017 2019 ATL,MEM C
0%
2877 Diante Garrett 758 8.42 2013 2014 PHO,UTA PG
0%
3480 Dick Atha 305 7.09 1956 1958 DET,NYK SG
0%
3834 Dick Bunt 154 5.70 1953 1953 BLB,NYK PG
0%
1981 Dick Cunningham 2878 7.48 1969 1975 HOU,MIL C
0%
3423 Dick Dickey 329 6.85 1952 1952 BOS PG
0%
3525 Dick Duckett 282 8.29 1958 1958 CIN PG
0%
1961 Dick Farley 2969 12.74 1955 1959 DET,SYR SG
0%
3366 Dick Fitzgerald 357 5.85 1947 1948 PRO,TRH
0%
1014 Dick Garmaker 10089 22.83 1956 1961 MNL,NYK SG,PG
0%
1374 Dick Garrett 6573 18.01 1970 1974 BUF,LAL,MIL,NYK PG,SG
0%
1951 Dick Gibbs 3016 8.77 1972 1976 BUF,HOU,KCO,SEA,WSB SF
0%
3104 Dick Groat 533 20.50 1953 1953 FTW PG
0%
2294 Dick Hemric 1826 12.77 1956 1957 BOS PF
0%
3031 Dick Holub 604 11.84 1948 1948 NYK
0%
497 Dick McGuire 18620 23.25 1950 1960 DET,NYK PG
0%
1838 Dick Mehen 3580 18.27 1950 1952 BLB,BOS,FTW,MLH,WAT PF
0%
2489 Dick O'Keefe 1349 7.29 1948 1951 WSC
0%
1698 Dick Ricketts 4234 19.79 1956 1958 CIN,ROC,STL PF,C
0%
2431 Dick Rosenthal 1449 15.09 1955 1957 FTW SF
0%
1504 Dick Schnittker 5659 14.18 1951 1958 MNL,WSC SF
0%
2311 Dick Schulz 1767 7.68 1947 1950 BLB,CLR,SHE,TRH,TRI,WSC
0%
3389 Dick Surhoff 346 5.58 1953 1954 MLH,NYK PF,SF
0%
3109 Dick Triptow 530 8.98 1949 1950 BLB,FTW
0%
1543 Dike Eddleman 5366 19.23 1950 1953 FTW,MLH,TRI SF
0%
2247 Dillard Crocker 1977 12.84 1949 1953 DNN,FTW,INO,MLH PF
0%
3228 Dillon Jones 436 6.71 2025 2025 OKC SF
0%
2699 Dino Martin 980 10.65 1947 1948 PRO
0%
1333 Dino Radja 6926 30.38 1994 1997 BOS PF,C
0%
1661 Dion Glover 4512 15.35 2000 2005 ATL,SAS,TOR SG
0%
3931 Dionte Christmas 130 4.19 2014 2014 PHO SF
0%
1856 Dirk Minniefield 3514 14.58 1986 1988 BOS,CLE,GSW,HOU PG
0%
2628 D.J. Mbenga 1096 4.17 2005 2011 DAL,GSW,LAL,NOH C
0%
3752 D.J. Strawberry 180 5.29 2008 2008 PHO SG
0%
2429 D.J. Wilson 1454 9.32 2018 2024 HOU,MIL,PHI,TOR PF
0%
2713 Dominick Barlow 950 9.79 2023 2025 ATL,SAS SF,PF
0%
1892 Dominic McGuire 3298 9.56 2008 2013 CHA,GSW,IND,NOH,SAC,TOR,WAS SF,PF,SG
0%
2941 Dominique Jones 687 8.59 2011 2013 DAL SG,PG
0%
3994 Don Ackerman 112 3.50 1954 1954 NYK PG
0%
1078 Don Adams 9415 18.50 1971 1977 ATL,BUF,DET,HOU,SDR SF
0%
2071 Donald Hodge 2552 10.25 1992 1996 CHH,DAL C,PF
0%
1434 Donald Royal 6138 11.37 1990 1998 CHH,GSW,MIN,ORL,SAS SF
0%
3242 Donald Smith 430 7.96 1975 1975 PHI SG
0%
3815 Donald Whiteside 159 5.30 1997 1998 ATL,TOR PG
0%
1826 Donatas Motiejunas 3638 13.89 2013 2019 HOU,NOP,SAS PF
0%
1413 Don Barksdale 6261 22.77 1952 1955 BLB,BOS PF,SF
0%
1926 Don Boven 3145 15.49 1950 1953 BLB,FTW,MLH,WAT SF,SG
0%
2098 Don Carlson 2449 11.61 1947 1951 BLB,CHS,MNL
0%
716 Don Chaney 14218 17.51 1969 1980 BOS,LAL SG
0%
1532 Don Collins 5424 17.44 1981 1987 ATL,GSW,MIL,WSB SF,SG
0%
3007 Donell Taylor 623 6.17 2006 2007 WAS SG
0%
1359 Don Ford 6758 13.68 1976 1982 CLE,LAL SF,PF
0%
2068 Don Henriksen 2559 17.90 1953 1955 BLB,ROC C,PF
0%
564 Don Kojis 17149 20.74 1964 1975 BAL,CHI,DET,KCO,SDR,SEA SF
0%
2082 Don Lofgran 2520 11.89 1951 1954 INO,MLH,PHW,SYR SF
0%
3133 Don Martin 507 3.50 1947 1949 BLB,STB
0%
1523 Don May 5555 14.13 1969 1975 ATL,BUF,KCO,NYK,PHI SF
0%
2091 Donnell Harvey 2476 12.08 2001 2005 DAL,DEN,NJN,ORL,PHO PF,SF
0%
373 Don Nelson 21978 18.27 1963 1976 BOS,CHZ,LAL SF,PF
0%
3833 Donnie Boyce 154 4.97 1996 1997 ATL SG
0%
1810 Donnie Butcher 3687 13.22 1962 1966 DET,NYK PG,SG
0%
3373 Donnie Forman 354 6.68 1949 1949 MNL
0%
2536 Donnie Freeman 1279 19.98 1968 1976 LAL SG
0%
3107 Donny Marshall 531 4.18 1996 2003 CLE,NJN SF
0%
463 Don Ohl 19414 25.08 1961 1970 ATL,BAL,DET,STL SG,PG
0%
1759 Don Otten 3933 17.56 1950 1953 BLB,FTW,MLH,TRI,WSC C
0%
2544 Donovan Clingan 1261 18.82 2025 2025 POR C
0%
2353 Don Putman 1662 7.29 1947 1950 STB
0%
3138 Don Ray 502 7.84 1950 1950 TRI
0%
2447 Don Rehfeldt 1422 14.51 1951 1952 BLB,MLH SF
0%
1868 Don Reid 3438 8.22 1996 2003 DET,ORL,WAS PF
0%
3989 Don Savage 113 6.65 1952 1957 SYR
0%
2370 Don Sunderlage 1603 14.19 1954 1955 MLH,MNL SG
0%
3529 Donta Hall 280 11.20 2020 2021 BRK,DET,ORL C,PF
0%
3353 Donta Smith 363 5.95 2005 2006 ATL SG
0%
2020 Donte Greene 2734 10.81 2009 2012 SAC SF,PF
0%
2708 Dontonio Wingfield 963 7.89 1995 1998 POR,SEA SF
0%
375 Donyell Marshall 21950 21.86 1995 2009 CHI,CLE,GSW,MIN,PHI,SEA,TOR,UTA PF,SF
0%
1089 Dorell Wright 9232 16.22 2005 2015 GSW,MIA,PHI,POR SF
0%
1797 Dorie Murrey 3758 10.05 1967 1972 BAL,DET,POR,SEA PF,C
0%
3014 Doron Lamb 615 6.15 2013 2014 MIL,ORL SG
0%
785 Doug Collins 13212 29.56 1974 1981 PHI SG
0%
3113 Doug Edwards 521 6.06 1994 1996 ATL,VAN PF
0%
3493 Doug Lee 299 3.99 1992 1995 NJN,SAC SG
0%
1565 Doug Overton 5204 10.43 1993 2004 BOS,CHH,DEN,LAC,NJN,ORL,PHI,WSB PG
0%
3566 Doug Roth 262 6.24 1990 1990 WSB C
0%
1620 Doug Smith 4764 16.09 1992 1996 BOS,DAL PF
0%
910 Doug West 11431 16.84 1990 2001 MIN,VAN SG
0%
3451 Doyle Parrack 317 4.88 1947 1947 CHS
0%
2128 Dragan Bender 2368 12.66 2017 2020 GSW,MIL,PHO PF,C
0%
3458 Dragan Tarlac 313 7.28 2001 2001 CHI C
0%
3214 Drew Barry 445 7.18 1998 2000 ATL,GSW,SEA PG,SG
0%
1575 Drew Eubanks 5105 13.06 2019 2025 LAC,PHO,POR,SAS,UTA C,PF
0%
3874 Drew Peterson 143 5.11 2024 2025 BOS PF
0%
3660 Drew Timme 219 24.33 2025 2025 BRK PF
0%
3259 Dru Smith 415 10.92 2023 2025 BRK,MIA SG
0%
1392 Duane Causwell 6422 11.70 1991 2001 MIA,SAC C
0%
2981 Duane Cooper 646 7.18 1993 1994 LAL,PHO PG
0%
1372 Duane Ferrell 6602 10.70 1989 1999 ATL,GSW,IND SF
0%
2418 Duane Klueh 1479 12.64 1950 1951 DNN,FTW
0%
3780 Duane Washington 169 8.89 1988 1993 LAC,NJN SG
0%
2586 Duane Washington Jr. 1171 14.82 2022 2023 IND,PHO PG,SG
0%
2631 Duck Williams 1089 14.14 1980 1980 UTA PG
0%
1249 Dudley Bradley 7787 12.36 1980 1989 ATL,CHI,IND,MIL,NJN,PHO,WSB SG
0%
2437 Duop Reath 1436 12.60 2024 2025 POR C
0%
2051 Dwayne Bacon 2610 12.61 2018 2021 CHO,ORL SG
0%
3314 Dwayne Jones 382 4.20 2006 2010 BOS,CHA,CLE,PHO,GSW PF
0%
3355 Dwayne McClain 363 8.07 1986 1986 IND SF
0%
3511 Dwayne Morton 287 7.00 1995 1995 GSW PG
0%
2397 Dwayne Schintzius 1525 6.87 1991 1999 BOS,IND,LAC,NJN,SAC,SAS C
0%
3047 Dwight Buycks 584 11.92 2014 2018 DET,LAL,TOR PG
0%
1394 Dwight Davis 6378 18.17 1973 1977 CLE,GSW PF
0%
744 Dwight Jones 13789 17.39 1974 1983 ATL,CHI,HOU,LAL PF,C
0%
2892 Dylan Windler 738 7.31 2021 2024 ATL,CLE,LAL,NYK SF
0%
3218 Dzanan Musa 442 8.19 2019 2020 BRK SG,SF
0%
2497 Earl Barron 1334 9.46 2006 2015 GSW,MIA,MIL,NYK,PHO,POR,WAS C
0%
2080 Earl Clark 2523 9.14 2010 2015 BRK,CLE,LAL,NYK,ORL,PHO PF,SF
0%
1086 Earl Cureton 9263 12.72 1981 1997 CHH,CHI,DET,HOU,LAC,PHI,TOR C,PF
0%
3441 Earl Evans 321 8.92 1980 1980 DET PF
0%
3923 Earl Gardner 133 2.33 1949 1949 MNL
0%
960 Earl Lloyd 10687 17.69 1951 1960 DET,SYR,WSC SF
0%
2402 Earl Shannon 1510 11.27 1947 1949 BOS,PRO
0%
1599 Earl Tatum 4906 17.97 1977 1980 BOS,CLE,DET,IND,LAL SG
0%
2287 Earl Williams 1854 12.70 1975 1979 BOS,DET,NYN,PHO C
0%
2513 Easy Parham 1313 9.73 1949 1951 PHW,STB
0%
1439 E.C. Coleman 6095 17.07 1974 1979 GSW,HOU,NOJ PF
0%
3522 Ed Bartels 283 8.84 1950 1951 DNN,NYK,WSC
0%
1066 Ed Conlin 9589 18.40 1956 1962 DET,PHW,SYR SG,SF
0%
931 Ed Davis 11207 14.84 2011 2022 BRK,CLE,LAL,MEM,MIN,POR,TOR,UTA C,PF
0%
2477 Eddie Gill 1369 6.98 2001 2009 IND,MEM,MIL,NJN,POR,SEA PG
0%
1587 Eddie Griffin 5010 16.53 2002 2007 HOU,MIN PF,C
0%
1046 Eddie House 9788 12.50 2001 2011 BOS,CHA,LAC,MIA,MIL,NJN,NYK,PHO,SAC PG,SG
0%
2857 Eddie Hughes 783 7.53 1988 1990 DEN,UTA PG
0%
1176 Eddie Jordan 8366 19.59 1978 1984 CLE,LAL,NJN,POR PG
0%
1982 Eddie Lee Wilkins 2876 8.53 1985 1993 NYK,PHI C,PF
0%
441 Eddie L. Johnson 20262 28.46 1978 1987 ATL,CLE,SEA SG
0%
2935 Eddie Mast 692 5.41 1971 1973 ATL,NYK PF
0%
826 Eddie Miles 12596 20.15 1964 1972 BAL,DET,NYK SG,PG
0%
1921 Eddie Miller 3157 21.92 1953 1954 BLB,MLH C
0%
3429 Eddie Phillips 327 6.54 1983 1983 NJN SF
0%
1816 Eddie Robinson 3667 12.56 2000 2004 CHH,CHI SF
0%
964 Eddy Curry 10658 20.22 2002 2013 CHI,DAL,MIA,NYK C,PF
0%
1556 Ed Fleming 5282 17.32 1956 1960 MNL,ROC SF,SG
0%
1376 Edgar Jones 6562 17.36 1981 1986 CLE,DET,NJN,SAS PF
0%
3959 Ed Gayda 121 8.07 1951 1951 TRI
0%
2984 Ed Gray 645 9.49 1998 1999 ATL SG
0%
3356 Ed Horton 362 8.04 1990 1990 WSB PF
0%
1865 Ed Kalafat 3464 15.46 1955 1957 MNL PF,SF
0%
2398 Ed Leede 1524 12.39 1950 1951 BOS
0%
1924 Ed Manning 3147 11.00 1968 1976 BAL,CHI,POR PF,SF
0%
3371 Ed Melvin 355 6.23 1947 1947 PIT
0%
1746 Ed Mikan 4003 11.99 1949 1954 BOS,CHS,INO,PHW,ROC,WSC C
0%
2313 Edmond Sumner 1766 10.51 2018 2023 BRK,IND SG,PG
0%
1651 Ed Nealy 4561 7.96 1983 1993 CHI,GSW,KCK,PHO,SAS PF
0%
2547 Ed O'Bannon 1250 9.77 1996 1997 DAL,NJN SF,SG
0%
2495 Ed Peterson 1336 10.60 1950 1951 SYR,TRI
0%
854 Ed Pinckney 12195 14.82 1986 1997 BOS,MIA,MIL,PHI,PHO,SAC,TOR PF,SF
0%
3039 Ed Rains 594 6.53 1982 1983 SAS SF
0%
1357 Ed Ratleff 6768 19.56 1974 1978 HOU SF
0%
1643 Ed Sadowski 4591 19.37 1947 1950 BLB,BOS,CLR,PHW,TRH
0%
2528 Ed Sherod 1292 18.46 1983 1983 NJN,NYK PG
0%
2808 Ed Stanczak 836 9.95 1950 1951 AND,BOS
0%
1269 Eduardo Najera 7533 11.11 2001 2012 CHA,DAL,DEN,GSW,NJN PF,SF
0%
1834 Ekpe Udoh 3611 9.03 2011 2019 GSW,LAC,MIL,UTA C,PF
0%
1839 Eldridge Recasner 3577 11.43 1995 2002 ATL,CHH,DEN,HOU,LAC SG,PG
0%
2542 Elie Okobo 1262 11.69 2019 2020 PHO PG
0%
3481 Elijah Hughes 304 5.63 2021 2022 POR,UTA SG,SF
0%
2912 Elijah Millsap 716 10.38 2015 2017 PHO,UTA SG
0%
1178 Elliot Perry 8358 14.71 1992 2002 CHH,LAC,MEM,MIL,NJN,ORL,PHO PG
0%
2726 Elliot Williams 937 8.60 2012 2016 MEM,NOP,PHI,POR,UTA PG,SG
0%
3992 Elmer Bennett 112 5.33 1995 1997 CLE,DEN,HOU,PHI PG
0%
573 Elmore Smith 17009 29.58 1972 1979 BUF,CLE,LAL,MIL C
0%
2268 Elmore Spencer 1920 12.00 1993 1997 DEN,LAC,POR,SEA C
0%
1370 Elston Turner 6624 12.09 1982 1989 CHI,DAL,DEN SF,SG
0%
2079 Emanual Davis 2528 11.19 1997 2003 ATL,HOU,SEA PG,SG
0%
1096 Em Bryant 9197 15.51 1965 1972 BOS,BUF,NYK PG
0%
1353 Emmanuel Mudiay 6796 22.28 2016 2022 DEN,NYK,SAC,UTA PG
0%
3887 Emoni Bates 140 5.60 2024 2025 CLE SF
0%
572 Enes Freedom 17014 21.08 2012 2022 BOS,NYK,OKC,POR,UTA C
0%
1336 Ennis Whatley 6921 16.64 1984 1997 ATL,CHI,CLE,LAC,POR,SAS,WSB PG
0%
2579 Eric Fernsten 1187 4.99 1976 1984 BOS,CHI,CLE,NYK PF,C
0%
3637 Eric Johnson 229 4.67 1990 1990 UTA PG
0%
3709 Erick Barkley 198 7.33 2001 2002 POR PG
0%
506 Erick Dampier 18465 17.62 1997 2012 ATL,DAL,GSW,IND,MIA C
0%
3501 Erick Green 293 5.63 2015 2016 DEN,UTA PG
0%
1213 Erick Strickland 8138 15.62 1997 2005 BOS,DAL,IND,MIL,NYK,VAN PG,SG
0%
1758 Eric Leckner 3933 8.63 1989 1997 CHH,DET,PHI,SAC,UTA,VAN C
0%
1880 Eric Maynor 3378 11.65 2010 2014 OKC,PHI,POR,UTA,WAS PG,SG
0%
3822 Eric McWilliams 156 3.55 1973 1973 HOU PF
0%
2689 Eric Mobley 993 8.79 1995 1997 MIL,VAN C
0%
977 Eric Money 10411 23.34 1975 1980 DET,NJN,PHI SG,PG
0%
1574 Eric Montross 5106 10.62 1995 2002 BOS,DAL,DET,NJN,PHI,TOR C
0%
2884 Eric Moreland 746 8.20 2015 2019 DET,PHO,SAC,TOR PF
0%
839 Eric Murdock 12331 23.90 1992 2000 DEN,LAC,MIA,MIL,NJN,UTA,VAN PG
0%
1044 Eric Piatkowski 9793 12.15 1995 2008 CHI,HOU,LAC,PHO SG,SF
0%
2484 Eric Riley 1359 7.31 1994 1999 BOS,DAL,HOU,LAC,MIN C
0%
2540 Eric Washington 1269 12.20 1998 1999 DEN SG
0%
3100 Eric White 541 9.84 1988 1989 LAC,UTA SF
0%
957 Eric Williams 10741 15.70 1996 2007 BOS,CHA,CLE,DEN,NJN,SAS,TOR SF,SG
0%
2412 Ernie Barrett 1490 10.64 1954 1956 BOS SG
0%
1564 Ernie Beck 5214 13.20 1954 1961 PHW,STL,SYR SG
0%
1932 Ernie Calverley 3105 18.82 1947 1949 PRO
0%
933 Ernie Grunfeld 11147 15.17 1978 1986 KCK,MIL,NYK SF,SG
0%
1605 Ernie Vandeweghe 4874 18.25 1950 1956 NYK SF,SG
0%
873 Ervin Johnson 11881 12.89 1994 2006 DEN,MIL,MIN,SEA C
0%
1299 Erwin Mueller 7197 16.28 1967 1974 CHI,DET,LAL,SEA C,PF
0%
3901 Essie Hollis 138 5.52 1979 1979 DET SF
0%
3385 Esteban Batista 346 4.94 2006 2007 ATL PF
0%
1554 Etan Thomas 5298 12.41 2002 2011 ATL,OKC,WAS C,PF
0%
2952 Eugene Jeter 680 10.97 2011 2011 SAC PG
0%
2759 Eugene Omoruyi 888 10.21 2022 2024 DAL,DET,OKC,WAS SF
0%
2483 Evan Eschmeyer 1362 8.46 2000 2003 DAL,NJN C
0%
3738 Everette Stephens 185 4.87 1989 1991 IND,MIL PG
0%
3986 Evers Burns 113 4.91 1994 1994 SAC PF
0%
2142 Facundo Campazzo 2328 15.32 2021 2023 DAL,DEN PG
0%
2563 Fatty Taylor 1229 15.36 1970 1977 DEN PG
0%
1993 Felipe Lopez 2829 11.05 1999 2002 MIN,VAN,WAS PG,SG
0%
2180 Festus Ezeli 2178 9.68 2013 2016 GSW C
0%
3008 Floyd Volker 621 11.50 1950 1950 DNN,INO
0%
872 Flynn Robinson 12007 23.05 1967 1974 BAL,CHI,CIN,LAL,MIL SG,PG
0%
772 Foots Walker 13472 19.81 1975 1984 CLE,NJN PG
0%
1649 Francisco Elson 4572 9.11 2004 2012 DEN,MIL,PHI,SAS,SEA,UTA C
0%
1204 Francisco Garcia 8187 14.54 2006 2015 HOU,SAC SF,SG
0%
2743 Fran Curran 915 7.09 1949 1950 ROC
0%
678 Frank Brickowski 14874 19.37 1985 1997 BOS,CHH,LAL,MIL,SAS,SEA PF,C
0%
3824 Frank Fucarino 156 5.57 1947 1947 TRH
0%
3126 Frank Gates 512 7.21 1950 1950 AND
0%
2891 Frankie Baumholtz 739 16.42 1947 1947 CLR
0%
1095 Frankie Brian 9199 19.12 1950 1956 AND,FTW,TRI SG,PG
0%
2927 Frankie Sanders 700 8.97 1979 1981 BOS,KCK,SAS SF
0%
857 Frank Johnson 12156 18.70 1982 1994 HOU,PHO,WSB PG
0%
3882 Frank Kendrick 142 5.92 1975 1975 GSW SF
0%
3377 Frank Kornet 350 3.85 1990 1991 MIL PF
0%
1917 Frank Kudelka 3169 13.72 1950 1953 BLB,BOS,CHS,PHW,WSC SF,SG
0%
1737 Franklin Edwards 4059 12.80 1982 1988 LAC,PHI,SAC PG
0%
2775 Frank Oleynick 868 8.51 1976 1977 SEA SG,PG
0%
3837 Frank Radovich 153 3.92 1962 1962 PHW
0%
613 Frank Ramsey 16183 22.45 1955 1964 BOS SF,SG
0%
3958 Frank Russell 121 5.26 1973 1973 CHI SG
0%
828 Frank Selvy 12569 20.37 1955 1964 BLB,LAL,MLH,MNL,NYK,STL,SYR SG,SF
0%
2887 Frank Williams 741 8.23 2003 2005 CHI,NYK SG,PG
0%
571 Fred Carter 17056 26.69 1970 1977 BAL,MIL,PHI SG,PG
0%
3256 Fred Cofield 417 8.34 1986 1987 CHI,NYK PG
0%
1529 Freddie Boyd 5502 16.83 1973 1978 NOJ,PHI SG,PG
0%
1663 Freddie Crawford 4498 13.55 1967 1971 BUF,LAL,MIL,NYK,PHI SG
0%
3406 Freddie Gillespie 338 11.66 2021 2022 ORL,TOR PF
0%
2940 Freddie Lewis 688 10.27 1967 1977 CIN,IND PG
0%
2623 Frederick Lewis 1106 11.29 1949 1950 BLB,INJ,PHW
0%
1365 Fred Foster 6675 12.62 1969 1977 BUF,CIN,CLE,DET,PHI SF
0%
1150 Fred Hetzel 8657 19.20 1966 1971 CIN,LAL,MIL,PHI,SFW SF,PF
0%
2315 Fred Hilton 1765 14.71 1972 1973 BUF SG
0%
1345 Fred Hoiberg 6834 12.10 1996 2005 CHI,IND,MIN SG
0%
2244 Fred LaCour 1986 13.33 1961 1963 SFW,STL SF,PG
0%
896 Fred Roberts 11585 13.09 1984 1997 BOS,CLE,DAL,LAL,MIL,SAS,UTA PF,SF,C
0%
2132 Fred Saunders 2358 10.77 1975 1978 BOS,NOJ,PHO SF
0%
1221 Fred Schaus 8043 22.66 1950 1954 FTW,NYK SF
0%
987 Fred Scolari 10310 17.93 1947 1955 BLB,BOS,FTW,SYR,WSC PG
0%
1378 Freeman Williams 6545 20.20 1979 1986 ATL,SDC,UTA,WSB SG
0%
3893 Frido Frey 140 5.00 1947 1947 NYK
0%
3304 Fritz Nagy 389 7.78 1949 1949 INJ
0%
3361 Furkan Aldemir 358 8.73 2015 2015 PHI PF
0%
1724 Furkan Korkmaz 4133 11.45 2018 2024 PHI SG
0%
3470 Gabe Pruitt 308 4.67 2008 2009 BOS PG,SG
0%
1628 Gabe Vincent 4704 14.04 2020 2025 LAL,MIA PG
0%
3666 Gabriel Deck 215 12.65 2021 2022 OKC PF
0%
2955 Gale Bishop 673 11.60 1949 1949 PHW
0%
3558 Gal Mekel 266 7.60 2014 2015 DAL,NOP PG
0%
3411 Garfield Smith 337 5.03 1971 1973 BOS C,PF
0%
1897 Garrison Mathews 3281 10.25 2020 2025 ATL,HOU,WAS SG
0%
3482 Garry Witts 304 6.08 1982 1982 WSB SF
0%
2995 Gary Alcorn 638 8.18 1960 1961 DET,LAL C
0%
3516 Gary Bradds 284 6.31 1965 1971 BAL SF
0%
1726 Gary Brokaw 4127 16.71 1975 1978 BUF,CLE,MIL SG
0%
2612 Gary Forbes 1127 10.06 2011 2012 DEN,TOR SF,SG
0%
3395 Gary Freeman 343 6.60 1971 1971 CLE,MIL SF
0%
2825 Gary Garland 820 10.51 1980 1980 DEN PG
0%
817 Gary Grant 12745 22.40 1989 2001 LAC,MIA,NYK,POR PG
0%
3753 Gary Gray 180 4.09 1968 1968 CIN SG
0%
1479 Gary Gregor 5879 19.40 1969 1974 ATL,MIL,PHO,POR SF,PF
0%
2870 Gary Hill 770 8.75 1964 1965 BAL,SFW SG
0%
2197 Gary Melchionni 2109 15.39 1974 1975 PHO PG,SG
0%
1448 Gary Neal 6053 15.25 2011 2017 ATL,CHA,CHO,MIL,MIN,SAS,WAS SG
0%
1815 Gary Payton II 3668 11.99 2017 2025 GSW,LAL,MIL,POR,WAS PG,SG,SF
0%
1626 Gary Phillips 4727 12.95 1962 1966 BOS,SFW PG,SG
0%
2668 Gary Plummer 1024 8.13 1985 1993 DEN,GSW PF
0%
1203 Gary Trent 8195 15.35 1996 2004 DAL,MIN,POR,TOR PF,SF,C
0%
3163 Gary Zeller 484 5.20 1971 1972 BAL SG
0%
879 Gene Banks 11813 23.86 1982 1987 CHI,SAS SF,PF
0%
1577 Gene Conley 5096 13.27 1953 1964 BOS,NYK PF
0%
3200 Gene Englund 455 9.48 1950 1950 BOS,TRI
0%
2815 Gene Guarilia 830 5.89 1960 1963 BOS SF
0%
2999 Gene James 635 6.90 1949 1951 BLB,NYK
0%
2988 Gene Rhodes 643 9.60 1953 1953 INO SG
0%
3803 Gene Short 163 4.79 1976 1976 NYK,SEA SF
0%
473 Gene Shue 19105 26.14 1955 1964 BAL,DET,FTW,NYK,PHW PG,SG
0%
2671 Gene Stump 1021 6.76 1948 1950 BOS,MNL,WAT
0%
1956 Gene Tormohlen 2993 10.08 1963 1970 ATL,STL C
0%
2089 Gene Vance 2481 13.41 1948 1952 CHS,MLH,TRI
0%
1673 Gene Wiley 4431 13.55 1963 1968 LAL C
0%
3428 Geoff Crompton 327 3.99 1979 1984 CLE,DEN,MIL,POR,SAS C
0%
974 Geoff Huston 10445 21.06 1980 1987 CLE,DAL,GSW,LAC,NYK PG
0%
3607 George Blaney 243 6.75 1962 1962 NYK PG
0%
1680 George Dempsey 4360 12.82 1955 1959 PHW,SYR SG,PG
0%
3143 George E. Johnson 500 6.25 1971 1974 BAL,HOU C
0%
3892 George Glamack 140 12.73 1949 1949 INJ
0%
644 George Johnson 15506 16.10 1973 1986 ATL,BUF,GSW,NJN,SAS,SEA C
0%
1957 George Kaftan 2993 12.85 1949 1953 BLB,BOS,NYK SF
0%
962 George King 10678 23.73 1952 1958 CIN,SYR PG
0%
1704 George Lee 4210 13.24 1961 1968 DET,SFW SF,SG
0%
3131 George Lehmann 510 7.61 1968 1974 ATL,STL PG
0%
1094 George L. Johnson 9206 19.55 1979 1986 DEN,IND,MIL,PHI,WSB PF,SF
0%
777 George Lynch 13353 15.97 1994 2005 CHH,LAL,NOH,PHI,VAN SF,SG
0%
3105 George Mearns 533 6.58 1947 1948 PRO
0%
3070 George Munroe 565 6.57 1947 1948 BOS,STB
0%
2170 George Nostrand 2211 9.87 1947 1950 BOS,CHS,CLR,PRO,TRH,TRI
0%
3847 George Pastushok 151 3.87 1947 1947 PRO
0%
3311 George Patterson 384 6.40 1968 1968 DET C
0%
3963 George Pearcy 120 3.24 1947 1947 DTF
0%
1320 George Ratkovicz 7080 19.29 1950 1955 BLB,MLH,SYR PF
0%
1235 George Senesky 7882 15.33 1947 1954 PHW PG
0%
1301 Georges Niang 7188 11.94 2017 2025 ATL,CLE,IND,PHI,UTA PF
0%
2415 George Thompson 1483 20.32 1970 1975 MIL SG
0%
1424 George Trapp 6192 15.10 1972 1977 ATL,DET PF
0%
1582 George Wilson 5059 11.99 1965 1971 BUF,CHI,CIN,PHI,PHO,SEA PF,C
0%
2817 George Zidek 829 6.14 1996 1998 CHH,DEN,SEA C
0%
3115 Georgi Glouchkov 517 10.55 1986 1986 PHO PF
0%
3872 Georgios Kalaitzakis 144 11.08 2022 2022 MIL,OKC SF
0%
3333 Georgios Papagiannis 371 9.51 2017 2018 POR,SAC C
0%
3770 Gerald Brown 172 5.06 1999 1999 PHO SG
0%
3725 Gerald Fitch 192 10.67 2006 2006 MIA PG
0%
1988 Gerald Glass 2849 14.17 1991 1996 CHH,DET,MIN,NJN SF
0%
968 Gerald Henderson Jr. 10494 19.08 2010 2017 CHA,CHO,PHI,POR SG
0%
529 Gerald Henderson Sr. 17856 18.62 1980 1992 BOS,DET,HOU,MIL,NYK,PHI,SEA PG
0%
3568 Gerald Madkins 261 5.44 1994 1998 CLE,GSW SG
0%
2552 Gerald Paddio 1245 9.02 1991 1994 CLE,IND,NYK,SEA,WSB SF
0%
364 Gerald Wilkins 22197 23.24 1986 1999 CLE,NYK,ORL,VAN SF,SG
0%
2568 Gerard King 1215 9.07 1999 2001 SAS,WAS SF
0%
2702 Gerry Calabrese 977 8.88 1951 1952 SYR SG
0%
2474 Gerry Ward 1371 7.49 1964 1967 BOS,CHI,PHI,STL SG
0%
2434 GG Jackson II 1444 18.51 2024 2025 MEM PF
0%
2885 Giff Roux 744 4.68 1947 1949 PRO,STB
0%
3433 Gigi Datome 326 5.62 2014 2015 BOS,DET SF
0%
3370 Gil McGregor 355 8.45 1972 1972 CIN PF
0%
1385 Glen Gondrezick 6470 14.38 1978 1983 DEN,NYK SF,PF
0%
2626 Glenn Hansen 1098 9.80 1976 1978 CHI,KCK SG
0%
2597 Glenn McDonald 1152 6.98 1975 1977 BOS,MIL SF
0%
3621 Glenn Mosley 236 6.74 1978 1979 PHI,SAS PF
0%
3856 God Shammgod 148 7.40 1998 1998 WAS PG
0%
1687 Goga Bitadze 4323 13.22 2020 2025 IND,ORL C
0%
3800 Goo Kennedy 164 4.32 1972 1977 HOU SF
0%
1397 Gordan Giricek 6354 15.38 2003 2008 MEM,ORL,PHI,PHO,UTA SG,SF
0%
2226 Gradey Dick 2038 17.88 2024 2025 TOR SG
0%
2625 Grady Lewis 1100 7.33 1947 1949 BLB,DTF,STB
0%
2768 Grant Gondrezick 873 9.59 1987 1989 LAC,PHO SG
0%
2356 Granville Waiters 1648 6.29 1984 1988 CHI,HOU,IND C
0%
930 Greg Anderson 11214 16.09 1988 1998 ATL,DEN,DET,MIL,NJN,SAS PF,C
0%
431 Greg Ballard 20490 23.63 1978 1989 GSW,SEA,WSB SF
0%
3055 Greg Brown III 578 8.26 2022 2024 DAL,POR PF,SF
0%
1352 Greg Buckner 6799 11.18 2000 2009 DAL,DEN,MEM,MIN,PHI SG,SF
0%
3891 Greg Butler 140 2.55 1989 1991 LAC,NYK C
0%
2040 Greg Dreiling 2660 5.51 1987 1997 CLE,DAL,IND C
0%
3538 Greg Fillmore 276 4.84 1971 1972 NYK C
0%
1500 Greg Foster 5671 7.84 1991 2003 ATL,CHI,LAL,MIL,MIN,SEA,TOR,UTA,WSB PF,C
0%
2328 Greg Graham 1730 8.12 1994 1998 CLE,NJN,PHI,SEA SG
0%
2014 Greg Grant 2749 9.68 1990 1996 CHH,DEN,NYK,PHI,PHO,WSB PG
0%
3421 Greg Griffin 330 8.68 1978 1978 PHO SF
0%
2985 Greg Howard 645 7.01 1971 1972 CLE,PHO PF
0%
2800 Greg Hyder 845 10.97 1971 1971 CIN SF
0%
3174 Greg Jackson 475 9.69 1975 1975 NYK,PHO SG
0%
1514 Greg Kelser 5596 18.05 1980 1985 DET,IND,SDC,SEA SF
0%
1485 Greg Kite 5806 7.84 1984 1995 BOS,CHH,IND,LAC,NYK,ORL,SAC C
0%
1829 Greg Minor 3631 12.92 1995 1999 BOS SG,SF
0%
1025 Greg Smith 9949 18.16 1969 1976 HOU,MIL,POR SF,PF
0%
2250 Greg Stiemsma 1963 8.80 2012 2015 BOS,MIN,NOP,TOR C
0%
3474 Greg Stokes 307 6.27 1986 1990 PHI,SAC PF
0%
2369 Greg Sutton 1603 9.27 1992 1996 CHH,PHI,SAS PG
0%
1106 Greivis Vasquez 9121 21.46 2011 2017 BRK,MEM,MIL,NOH,SAC,TOR PG
0%
2262 Guerschon Yabusele 1941 12.13 2018 2025 BOS,PHI PF,C
0%
2822 Gui Santos 824 9.05 2024 2025 GSW PF
0%
2585 Gus Bailey 1172 7.56 1975 1980 HOU,NOJ,WSB SG
0%
1933 Gus Gerard 3102 10.77 1975 1981 BUF,DEN,DET,KCK,SAS SF
0%
404 Gus Johnson 21339 34.70 1964 1973 BAL,PHO PF,SF
0%
2323 Gustavo Ayon 1747 12.66 2012 2014 ATL,MIL,NOH,ORL C,PF
0%
2179 Guy Sparrow 2179 14.53 1958 1960 NYK,PHW SF,PF
0%
3932 Guy Williams 129 4.96 1985 1986 GSW,WSB PF,SF
0%
1184 Hakim Warrick 8278 15.56 2006 2013 CHA,CHI,MEM,MIL,NOH,PHO PF
0%
2871 Hal Tidrick 769 12.02 1949 1949 BLB,INJ
0%
3782 Hal Uplinger 169 7.35 1954 1954 BLB SG
0%
2721 Hamed Haddadi 942 5.74 2009 2013 MEM,PHO C
0%
1713 Hamidou Diallo 4171 15.56 2019 2024 DET,OKC,WAS SF,SG
0%
2642 Hank Beenders 1072 8.72 1947 1949 BOS,PHW,PRO
0%
1465 Hank Finkel 5951 10.19 1967 1975 BOS,LAL,SDR C
0%
2487 Hank McDowell 1350 6.11 1982 1987 GSW,HOU,MIL,POR,SDC PF
0%
3202 Hank Rosenstein 454 7.57 1947 1947 NYK,PRO
0%
2479 Hanno Mottola 1366 8.81 2001 2002 ATL SF,C
0%
312 Happy Hairston 23812 28.18 1965 1975 CIN,DET,LAL PF,SF
0%
3396 Harold Brown 342 6.33 1947 1947 DTF
0%
2413 Harold Ellis 1486 10.25 1994 1998 DEN,LAC SF
0%
3807 Harold Jamison 161 4.35 2000 2002 LAC,MIA PF
0%
3707 Harold Kottman 199 3.75 1947 1947 BOS
0%
1490 Harold Pressley 5760 19.26 1987 1990 SAC SF,PF
0%
2326 Harry Boykoff 1743 15.99 1950 1951 BOS,TRI,WAT
0%
3488 Harry Davis 301 6.84 1979 1980 CLE,SAS SF
0%
3419 Harry Donovan 331 6.90 1950 1950 NYK
0%
461 Harry Gallatin 19503 26.14 1949 1958 DET,NYK PF,SF
0%
2261 Harry Giles 1943 11.70 2019 2024 BRK,LAL,POR,SAC C,PF
0%
3622 Harry Miller 236 4.45 1947 1947 TRH
0%
3246 Harry Zeller 424 8.83 1947 1947 PIT
0%
2161 Harthorne Wingo 2258 10.13 1973 1976 NYK PF
0%
1118 Harvey Catchings 9003 11.57 1975 1985 LAC,MIL,NJN,PHI C,PF
0%
676 Harvey Grant 14880 18.55 1989 1999 PHI,POR,WAS,WSB PF,SF
0%
3145 Harvey Marlatt 499 8.18 1971 1973 DET SG
0%
3436 Hassan Adams 323 4.09 2007 2009 NJN,TOR SG
0%
3974 Hassani Gravett 117 14.63 2022 2022 ORL PG
0%
2852 Hawkeye Whitney 790 11.29 1981 1982 KCK SG
0%
1364 Haywoode Workman 6680 16.70 1990 2000 ATL,IND,MIL,TOR,WSB PG
0%
1980 Haywood Highsmith 2881 11.21 2019 2025 MIA,PHI SF,PF
0%
3066 Henry Akin 570 6.48 1967 1969 NYK,SEA PF,C
0%
750 Henry Bibby 13725 18.37 1973 1981 NOJ,NYK,PHI,SDC PG
0%
3993 Henry Dickerson 112 4.00 1976 1977 ATL,DET PG,SG
0%
2279 Henry James 1875 8.22 1991 1998 ATL,CLE,HOU,LAC,SAC,UTA PF,SF
0%
3294 Henry Turner 393 5.95 1990 1995 SAC PF
0%
2251 Henry Walker 1959 10.37 2009 2015 BOS,MIA,NYK SF,SG
0%
3879 Henry Ward 143 5.11 1976 1977 SAS SG
0%
3620 Herb Scherer 237 7.41 1951 1952 NYK,TRI C
0%
3634 Herb White 232 6.11 1971 1971 ATL PG
0%
286 Herb Williams 24675 21.29 1982 1999 DAL,IND,NYK,TOR C,PF
0%
3831 Herm Fuetsch 155 3.04 1948 1948 BLB
0%
739 Herm Gilliam 13893 22.63 1970 1977 ATL,BUF,CIN,POR,SEA PG,SG
0%
2248 Herm Schaefer 1977 13.63 1949 1950 MNL
0%
3766 Herschel Baltimore 174 2.85 1947 1947 STB
0%
2176 Hilton Armstrong 2197 6.89 2007 2014 ATL,GSW,HOU,NOH,NOK,SAC,WAS C,PF
0%
2754 Hollis Copeland 895 9.62 1980 1982 NYK SF
0%
3596 Hoot Gibson 250 7.81 1950 1950 BOS,WAT
0%
2658 Horace Walker 1042 16.03 1962 1962 CHP SF
0%
3952 Horacio Llamas 123 4.39 1997 1998 PHO C
0%
1148 Hot Rod Hundley 8688 17.95 1958 1963 LAL,MNL PG
0%
358 Hot Rod Williams 22464 23.80 1987 1999 CLE,DAL,PHO PF,C
0%
2976 Howard Carter 649 9.14 1984 1985 DAL,DEN SG
0%
757 Howard Eisley 13664 15.63 1995 2006 DAL,DEN,LAC,MIN,NYK,PHO,SAS,UTA SG,PG
0%
646 Howard Komives 15448 20.54 1965 1974 BUF,DET,KCO,NYK PG
0%
1278 Howard Porter 7433 15.08 1972 1978 CHI,DET,NJN,NYK SF,PF
0%
3613 Howard Wood 241 5.74 1982 1982 UTA SF
0%
3947 Howard Wright 124 6.53 1991 1993 ATL,DAL,ORL PF
0%
3437 Howie Carl 323 10.42 1962 1962 CHP PG
0%
2119 Howie Dallmar 2403 14.05 1947 1949 PHW
0%
2517 Howie Jolliff 1305 8.64 1961 1963 LAL PF
0%
3580 Howie Montgomery 255 12.75 1963 1963 SFW SF
0%
2263 Howie Schultz 1937 10.25 1950 1953 AND,FTW,MNL PF
0%
2267 Howie Shannon 1921 15.75 1949 1950 BOS,PRO
0%
1053 Hubert Davis 9718 13.24 1993 2004 DAL,DET,NJN,NYK,TOR,WAS SG,PG
0%
3425 Hubie White 328 6.31 1963 1971 PHI,SFW SG
0%
1450 Hub Reed 6043 12.09 1959 1965 CIN,DET,LAL,STL PF,C
0%
3413 Hunter Tyson 336 4.36 2024 2025 DEN PF
0%
1830 Ian Clark 3620 9.76 2014 2019 DEN,GSW,NOP,UTA SG
0%
1229 Ian Mahinmi 7922 11.56 2008 2020 DAL,IND,SAS,WAS C
0%
3913 Ibou Badji 134 6.09 2024 2024 POR C
0%
3056 Ignas Brazdeikis 577 9.02 2020 2022 NYK,ORL,PHI SF
0%
3798 Igor Rakocevic 165 3.93 2003 2003 MIN PG
0%
2156 Ike Diogu 2276 10.12 2006 2012 GSW,IND,LAC,POR,SAC,SAS PF
0%
1739 Ira Newble 4050 10.33 2001 2008 ATL,CLE,LAL,SAS,SEA SF,SG
0%
2290 Ira Terrell 1847 14.43 1977 1979 NOJ,PHO,POR SF
0%
2439 Irv Bemoras 1435 10.71 1954 1957 MLH,STL SF
0%
3771 Irv Kiffin 172 6.62 1980 1980 SAS SF
0%
2742 Irv Rothenberg 917 6.46 1947 1949 BLB,CLR,NYK,STB,WSC
0%
2543 Irv Torgoff 1262 8.14 1947 1949 BLB,PHW,WSC
0%
1317 Isaac Austin 7089 15.68 1992 2002 LAC,MEM,MIA,ORL,PHI,UTA,VAN,WAS C
0%
2617 Isaac Bonga 1115 7.48 2019 2022 LAL,TOR,WAS PG,SF
0%
3623 Isaac Jones 235 5.73 2025 2025 SAC PF
0%
3285 Isaiah Briscoe 397 10.18 2019 2019 ORL PG
0%
1862 Isaiah Canaan 3477 14.61 2014 2019 CHI,HOU,MIL,MIN,PHI,PHO SG,PG
0%
2295 Isaiah Collier 1824 25.69 2025 2025 UTA PG
0%
3734 Isaiah Hicks 186 8.86 2018 2019 NYK PF
0%
1683 Isaiah Joe 4339 11.86 2021 2025 OKC,PHI SG
0%
2627 Isaiah Livers 1097 11.67 2022 2024 DET SF,PF
0%
3918 Isaiah Mobley 133 5.78 2023 2025 CLE,PHI PF
0%
2101 Isaiah Roby 2442 16.17 2020 2023 OKC,SAS PF
0%
2678 Isaiah Taylor 1013 13.69 2017 2018 ATL,HOU PG
0%
2480 Isaiah Whitehead 1365 15.34 2017 2018 BRK PG
0%
3496 Isaiah Wilson 296 6.17 1972 1973 DET SG
0%
3651 Isaiah Wong 221 10.05 2024 2025 CHO,IND SG
0%
2792 Ish Wainright 851 6.60 2022 2024 PHO,POR PF,SF
0%
2341 Ivan Johnson 1689 12.42 2012 2013 ATL PF
0%
2897 Ivano Newbill 734 5.36 1995 1998 ATL,DET,VAN PF,SF
0%
2640 Ivan Rabb 1077 12.67 2018 2019 MEM PF
0%
3364 Jabari Brown 357 18.79 2015 2015 LAL SG
0%
2919 Jabari Smith 711 6.18 2001 2005 NJN,PHI,SAC PF,C
0%
2107 Jabari Walker 2427 12.91 2023 2025 POR SF
0%
2681 Jack Burmaster 1008 15.75 1950 1950 SHE
0%
568 Jack Coleman 17089 24.55 1950 1958 ROC,STL PF
0%
3867 Jack Cooley 146 6.35 2015 2018 SAC,UTA PF,C
0%
3274 Jack Cotton 406 7.52 1950 1950 DNN
0%
3067 Jack Dwan 570 8.14 1949 1949 MNL
0%
2863 Jack Garfinkel 780 8.21 1947 1949 BOS
0%
861 Jack George 12138 22.99 1954 1961 NYK,PHW PG,SG
0%
2231 Jack Givens 2011 11.90 1979 1980 ATL SF
0%
2112 Jack Haley 2421 6.82 1989 1998 CHI,LAL,NJN,SAS PF,C
0%
2965 Jackie Butler 659 9.55 2005 2007 NYK,SAS C
0%
2769 Jackie Moore 873 6.15 1955 1957 MLH,PHW,SYR SF
0%
1524 Jackie Moreland 5524 15.26 1961 1970 DET PF
0%
1607 Jack Kerris 4857 17.22 1950 1953 BLB,FTW,TRI PF
0%
3469 Jack Kiley 309 5.72 1952 1953 FTW SG
0%
967 Jack McMahon 10533 18.38 1953 1960 ROC,STL PG,SG
0%
2928 Jack Molinas 700 21.88 1954 1954 FTW SF
0%
941 Jack Nichols 10954 19.70 1949 1958 BOS,MLH,TRI,WSC PF
0%
2991 Jack Parr 642 9.73 1959 1959 CIN C
0%
3369 Jack Phelan 356 6.14 1950 1950 SHE,WAT
0%
2506 Jack Smiley 1324 11.22 1949 1950 AND,FTW,WAT
0%
2914 Jackson Vroman 715 8.22 2005 2006 NOH,NOK,PHO C,PF
0%
2366 Jack Stephens 1614 20.43 1956 1956 STL SG
0%
2621 Jack Toomay 1109 8.40 1948 1950 BLB,CHS,DNN,PRO,WSC
0%
3033 Jack Turner 603 9.00 1955 1955 NYK SF
0%
3415 Jacky Dorsey 334 5.48 1978 1981 DEN,HOU,POR,SEA SF
0%
3315 Jacob Evans 381 5.77 2019 2020 GSW,MIN SG
0%
3084 Jacob Gilyard 555 13.21 2023 2024 BRK,MEM PG
0%
2090 Jaden Hardy 2480 12.53 2023 2025 DAL SG
0%
2873 Jaden Springer 763 6.20 2022 2025 BOS,PHI,UTA SG,PG
0%
1662 Jahidi White 4498 13.47 1999 2005 CHA,PHO,WAS C,PF
0%
3600 Jahmi'us Ramsey 248 6.36 2021 2024 SAC,TOR SG
0%
3693 JaJuan Johnson 203 5.64 2012 2012 BOS PF
0%
3175 Jake Bornheimer 474 6.00 1949 1950 PHW
0%
3870 Jake Carter 146 4.56 1950 1950 AND,DNN
0%
3023 Jake Fendley 607 5.78 1952 1953 FTW SG,PG
0%
3665 Jake Ford 216 6.97 1971 1972 SEA PG
0%
3941 Jake Jones 126 7.41 1972 1972 CIN,PHI SG
0%
2232 Jake LaRavia 2008 14.76 2023 2025 MEM,SAC PF
0%
2740 Jake Pelkington 918 16.11 1949 1949 BLB,FTW
0%
1890 Jake Tsakalidis 3318 10.21 2001 2007 HOU,MEM,PHO C
0%
1703 Jake Voskuhl 4211 9.23 2001 2009 CHA,CHI,MIL,PHO,TOR C
0%
3749 Jake Weber 181 3.62 1947 1947 NYK,PRO
0%
2820 Ja'Kobe Walter 824 15.85 2025 2025 TOR SG
0%
3818 Jalen Harris 156 12.00 2021 2021 TOR SG
0%
3557 Jalen Jones 266 8.31 2018 2019 CLE,DAL,NOP SF
0%
1870 Jalen McDaniels 3429 13.09 2020 2025 CHO,PHI,TOR,WAS SF
0%
2973 Jalen Pickett 650 7.47 2024 2025 DEN SG
0%
2302 Jalen Wilson 1804 14.79 2024 2025 BRK PF
0%
894 Jamaal Magloire 11598 15.98 2001 2012 CHH,DAL,MIA,MIL,NJN,NOH,POR,TOR C
0%
2917 Jamal Cain 712 8.79 2023 2025 MIA,NOP PF,SF
0%
3171 Jamal Sampson 477 6.63 2003 2007 CHA,DEN,LAL,MIL,SAC PF,C
0%
2490 Jamal Shead 1348 17.97 2025 2025 TOR PG
0%
3866 Jamaree Bouyea 146 7.68 2023 2025 MIA,MIL,POR,SAS,WAS PG
0%
1697 Jamario Moon 4247 13.92 2008 2012 CHA,CLE,LAC,MIA,TOR SF
0%
3819 Jamel Artis 156 10.40 2018 2018 ORL SG
0%
1005 James Bailey 10159 16.68 1980 1988 HOU,NJN,NYK,PHO,SEA PF
0%
2936 James Bouknight 691 8.75 2022 2024 CHO SG
0%
1796 James Hardy 3765 15.12 1979 1982 NOJ,UTA SF,PF
0%
2882 James Michael McAdoo 748 5.46 2015 2018 GSW,PHI PF
0%
3767 James Nunnally 173 4.68 2014 2021 ATL,HOU,MIN,NOP,PHI SF
0%
595 James Posey 16560 17.83 2000 2011 BOS,DEN,HOU,IND,MEM,MIA,NOH PF,SF,SG
0%
2842 James Ray 799 7.47 1981 1983 DEN PF
0%
1550 James Robinson 5329 13.49 1994 2001 LAC,MIN,ORL,POR PG
0%
1090 James Silas 9228 24.03 1973 1982 CLE,SAS SG,PG
0%
2144 James Singleton 2324 8.97 2006 2012 DAL,LAC,WAS PF,SF
0%
3844 James Thomas 151 4.58 2005 2006 ATL,CHI,PHI,POR PF
0%
3365 James White 357 4.70 2007 2013 HOU,NYK,SAS SF,SG
0%
2615 James Wilkes 1122 9.67 1981 1983 CHI,DET SF
0%
3239 James Young 430 3.98 2015 2018 BOS,PHI SG
0%
1990 Jamie Feick 2833 14.09 1997 2001 CHH,MIL,NJN,SAS C,PF
0%
2831 Jamie Watson 810 7.57 1995 1999 DAL,MIA,UTA SF
0%
3774 Jamil Wilson 170 11.33 2018 2018 LAC SF
0%
2921 Jamison Battle 710 12.03 2025 2025 TOR SF
0%
3531 Jamison Brewer 279 4.98 2002 2005 IND,NYK SG,PG
0%
1375 Jannero Pargo 6567 12.16 2003 2015 ATL,CHA,CHI,CHO,LAL,NOH,NOK,TOR,WAS PG,SG
0%
1358 Jan van Breda Kolff 6760 15.43 1975 1983 NJN,NYN SF
0%
2394 Jan Vesely 1535 9.48 2012 2014 DEN,WAS PF
0%
2469 Jarace Walker 1378 10.60 2024 2025 IND PF
0%
2182 Jared Butler 2164 14.52 2022 2025 OKC,PHI,UTA,WAS PG,SG
0%
3372 Jared Cunningham 354 4.21 2013 2016 ATL,CLE,DAL,LAC,MIL,SAC SG
0%
1187 Jared Jeffries 8262 12.63 2003 2013 HOU,NYK,POR,WAS SF,PF
0%
3098 Jared McCain 543 23.61 2025 2025 PHI SG
0%
3668 Jared Reiner 215 4.39 2005 2007 CHI,MIL C
0%
3196 Jared Rhoden 459 10.20 2023 2025 CHO,DET,TOR SG
0%
3907 Jarell Eddie 136 4.00 2016 2018 BOS,CHI,PHO,WAS SF
0%
2222 Jarell Martin 2048 10.67 2016 2019 MEM,ORL PF
0%
3919 Jarnell Stokes 133 4.75 2015 2017 DEN,MEM,MIA C,PF
0%
3587 Jaron Blossomgame 253 9.37 2019 2019 CLE SF
0%
3590 Jarrell Brantley 252 5.60 2020 2023 UTA PF
0%
2286 Jarrett Culver 1854 12.61 2020 2023 ATL,MEM,MIN SF,SG
0%
411 Jarrett Jack 21155 23.74 2006 2018 BRK,CLE,GSW,IND,NOH,NOP,NYK,POR,TOR PG,SG
0%
3991 Jarrod Uthoff 112 7.00 2017 2020 DAL,MEM,WAS PF
0%
1602 Jarron Collins 4888 8.46 2002 2011 LAC,PHO,POR,UTA C
0%
1405 Jarvis Hayes 6287 14.22 2004 2010 DET,NJN,WAS SF,SG
0%
3588 Jarvis Varnado 253 6.84 2013 2014 BOS,CHI,MIA,PHI PF
0%
2430 Jason Collier 1454 9.63 2001 2005 ATL,HOU C
0%
1207 Jason Collins 8159 9.83 2002 2014 ATL,BOS,BRK,MEM,MIN,NJN,WAS C,PF
0%
1730 Jason Hart 4098 11.26 2001 2010 CHA,DEN,LAC,MIL,MIN,NOH,SAC,SAS,UTA PG
0%
1259 Jason Maxiell 7681 11.76 2006 2015 CHO,DET,ORL PF,C
0%
3746 Jason Preston 183 8.32 2023 2024 LAC,UTA PG
0%
2493 Javaris Crittenton 1340 11.86 2008 2009 LAL,MEM,WAS SG,PG
0%
3449 Javon Freeman-Liberty 317 14.41 2024 2024 TOR PG
0%
1947 Javonte Green 3029 10.94 2020 2025 BOS,CHI,CLE,NOP SG,SF
0%
3977 Javonte Smart 116 6.44 2022 2024 MIA,MIL,PHI PG
0%
3015 Jawad Williams 615 6.61 2009 2011 CLE SF,PG
0%
1784 Jawann Oldham 3832 11.47 1981 1991 CHI,DEN,HOU,IND,LAL,NYK,ORL,SAC C
0%
3037 Jawun Evans 598 10.68 2018 2019 LAC,OKC,PHO PG
0%
1588 Jaxson Hayes 5004 12.96 2020 2025 LAL,NOP C
0%
2765 Jay Arnette 877 7.13 1964 1966 CIN PG,SG
0%
3808 Jay Carty 161 5.19 1969 1969 LAL PF
0%
3555 Jay Guidinger 267 3.93 1993 1994 CLE C
0%
2763 Jay Huff 882 9.00 2022 2025 DEN,LAL,MEM,WAS C
0%
389 Jay Humphries 21595 26.05 1985 1995 BOS,MIL,PHO,UTA PG,SG
0%
3400 Jaylen Adams 340 7.73 2019 2021 ATL,MIL,POR PG
0%
3424 Jaylen Clark 328 7.29 2025 2025 MIN SG
0%
3045 Jaylen Hoard 587 13.98 2020 2022 OKC,POR SF,PF
0%
3796 Jaylen Martin 165 10.31 2025 2025 BRK,WAS SF
0%
1911 Jaylen Nowell 3209 15.07 2020 2025 DET,MEM,MIN,NOP SG
0%
2452 Jaylen Wells 1413 17.89 2025 2025 MEM SG
0%
2048 Jaylin Williams 2620 13.51 2023 2025 OKC C,PF
0%
3260 Jaylon Tyson 415 8.14 2025 2025 CLE SG
0%
3461 Jay Murphy 312 4.66 1985 1988 LAC,WSB PF,SF
0%
3786 Jay Scrubb 167 5.57 2021 2023 LAC,ORL SG
0%
1193 Jayson Williams 8229 17.00 1991 1999 NJN,PHI PF,C
0%
642 Jay Vincent 15521 25.28 1982 1990 DAL,DEN,LAL,PHI,SAS,WSB PF,SF
0%
2332 Jay Williams 1712 22.83 2003 2003 CHI PG
0%
3723 JD Davison 193 4.83 2023 2025 BOS SG,PG
0%
3476 Jeenathan Williams 306 6.12 2023 2025 HOU,POR SG
0%
2339 Jeff Adrien 1697 11.09 2011 2015 CHA,GSW,HOU,MIL,MIN PF
0%
2327 Jeff Ayres 1735 6.31 2010 2016 IND,LAC,POR,SAS C,PF
0%
1288 Jeff Cook 7365 13.44 1980 1988 CLE,PHO,SAS,UTA PF,C,SF
0%
2757 Jeff Dowtin Jr. 892 10.25 2022 2025 GSW,MIL,ORL,PHI,TOR PG
0%
878 Jeff Foster 11843 14.50 2000 2012 IND C
0%
1418 Jeff Grayer 6229 13.90 1989 1998 CHH,GSW,MIL,PHI,SAC SG,SF
0%
2723 Jeff Halliburton 939 10.10 1972 1973 ATL,PHI SG
0%
2041 Jeff Judkins 2660 9.53 1979 1983 BOS,DET,POR,UTA SF
0%
2046 Jeff Lamp 2638 8.71 1982 1989 LAL,MIL,POR,SAS SF
0%
2374 Jeff Martin 1589 11.11 1990 1991 LAC SG,PG
0%
868 Jeff McInnis 12070 20.70 1997 2008 CHA,CLE,DEN,LAC,NJN,POR,WAS PG,SG
0%
2472 Jeff M. Taylor 1377 10.43 2013 2015 CHA,CHO SF
0%
842 Jeff Ruland 12298 35.24 1982 1993 DET,PHI,WSB C,PF
0%
3498 Jeff Sanders 294 5.07 1990 1993 ATL,CHH,CHI SF,PF
0%
3096 Jeff Taylor 545 9.73 1983 1987 DET,HOU SG
0%
3708 Jeff Trepagnier 198 6.39 2002 2004 CLE,DEN SG
0%
1279 Jeff Turner 7430 11.68 1985 1996 NJN,ORL PF,SF
0%
3444 Jeff Webb 320 3.81 1971 1972 MIL,PHO SG
0%
1239 Jeff Wilkins 7870 16.46 1981 1986 SAS,UTA C
0%
2392 Jeff Withey 1537 7.32 2014 2018 DAL,NOP,UTA C
0%
2035 Jelani McCoy 2673 10.16 1999 2008 ATL,CLE,DEN,LAL,SEA,TOR C
0%
3955 Jemerrio Jones 122 15.25 2019 2022 LAL SF
0%
3156 Jerald Honeycutt 488 8.13 1998 1999 MIL,PHI PF
0%
3732 Jeremiah Martin 187 8.90 2020 2021 BRK,CLE PG
0%
2057 Jeremiah Robinson-Earl 2586 12.99 2022 2025 NOP,OKC PF,C
0%
2798 Jeremy Pargo 846 9.84 2012 2020 CLE,GSW,MEM,PHI PG,SG
0%
3935 Jeremy Richardson 127 2.59 2007 2009 ATL,MEM,ORL,POR,SAS SG,SF
0%
2878 Jeremy Tyler 757 7.28 2012 2014 ATL,GSW,NYK C
0%
2367 Jericho Sims 1610 8.01 2022 2025 MIL,NYK C,PF
0%
2806 Jermaine Jackson 837 5.94 2000 2006 ATL,DET,MIL,NYK,TOR SG,PG
0%
3046 Jermaine Taylor 587 9.03 2010 2011 HOU,SAC SG
0%
3457 Jermareo Davidson 313 6.02 2008 2009 CHA,GSW SF
0%
2737 Jerome Allen 922 7.88 1996 1997 DEN,IND,MIN SG
0%
3696 Jerome Anderson 203 3.83 1976 1977 BOS,IND SG
0%
3911 Jerome Dyson 135 15.00 2012 2012 NOH PG
0%
1823 Jerome James 3649 9.73 1999 2009 NYK,SAC,SEA C
0%
3313 Jerome Jordan 382 5.70 2012 2015 BRK,NYK C
0%
1906 Jerome Lane 3255 14.66 1989 1993 CLE,DEN,IND,MIL PF
0%
2665 Jerome Moiso 1026 6.89 2001 2005 BOS,CHH,CLE,NJN,NOH,TOR C,PF
0%
2596 Jerome Robinson 1152 8.23 2019 2024 GSW,LAC,WAS SG
0%
1129 Jerome Whitehead 8936 12.97 1979 1989 CLE,DAL,GSW,SAS,SDC,UTA C
0%
2407 Jerrod Mustaf 1498 7.93 1991 1994 NYK,PHO PF
0%
1923 Jerry Chambers 3151 12.45 1967 1974 ATL,BUF,LAL,PHO SF
0%
975 Jerryd Bayless 10427 16.93 2009 2019 BOS,MEM,MIL,MIN,NOH,PHI,POR,TOR PG,SG
0%
2131 Jerry Eaves 2359 13.18 1983 1987 ATL,SAC,UTA PG
0%
2037 Jerry Fleishman 2670 9.40 1947 1953 NYK,PHW SG
0%
3640 Jerry Greenspan 227 9.08 1964 1965 PHI SG
0%
3483 Jerry Kelly 304 6.61 1947 1948 BOS,PRO
0%
1222 Jerry Reynolds 8000 17.35 1986 1996 MIL,ORL,SEA SF,SG
0%
3245 Jerry Rullo 426 4.10 1947 1950 BLB,PHW
0%
3032 Jeryl Sasser 603 6.85 2002 2003 ORL SG
0%
3376 Jesse Arnelle 353 11.39 1956 1956 FTW PF
0%
3528 Jesse Dark 281 5.73 1975 1975 NYK SG
0%
3118 Jett Howard 515 6.28 2024 2025 ORL SF
0%
2193 Jim Ard 2118 8.86 1971 1978 BOS,CHI C
0%
1495 Jim Baechtold 5727 17.35 1953 1957 BLB,NYK SF
0%
1244 Jim Barnes 7827 16.83 1965 1971 BAL,BOS,CHI,LAL,NYK PF,C
0%
624 Jim Barnett 15973 20.96 1967 1977 BOS,GSW,NOJ,NYK,PHI,POR,SDR SG,PG
0%
3881 Jim Brasco 143 7.15 1953 1953 MLH,SYR
0%
2492 Jim Brogan 1342 11.09 1982 1983 SDC SG
0%
761 Jim Cleamons 13611 20.05 1972 1980 CLE,LAL,NYK,WSB PG
0%
2422 Jim Eakins 1468 12.44 1969 1978 KCK,MIL,SAS C
0%
2583 Jim Farmer 1179 8.36 1988 1994 DAL,DEN,PHI,SEA,UTA SG
0%
640 Jim Fox 15548 20.11 1968 1977 CHI,CIN,DET,MIL,NYN,PHO,SEA C
0%
2903 Jim Fritsche 729 8.68 1954 1955 BLB,FTW,MNL PF
0%
3829 Jim Grandholm 155 5.96 1991 1991 DAL PF
0%
2147 Jim Holstein 2305 8.97 1953 1956 FTW,MNL SF
0%
1029 Jim King 9913 14.58 1964 1973 CHI,CIN,LAL,SFW PG,SG
0%
1128 Jim Krebs 8946 15.50 1958 1964 LAL,MNL C
0%
1819 Jim Les 3657 11.29 1989 1995 ATL,LAC,SAC,UTA PG
0%
1282 Jim Loscutoff 7393 12.99 1956 1964 BOS SF
0%
3742 Jim Luisi 184 5.94 1954 1954 BLB PG
0%
3564 Jim Marsh 263 6.74 1972 1972 POR SF
0%
2177 Jim McDaniels 2194 11.92 1972 1978 BUF,LAL,SEA C
0%
1173 Jim McElroy 8396 19.85 1976 1982 ATL,DET,NOJ PG
0%
1875 Jim McIlvaine 3399 8.25 1995 2001 NJN,SEA,WSB C
0%
547 Jim McMillian 17572 25.00 1971 1979 BUF,LAL,NYK,POR SF
0%
3540 Jim Mooney 275 15.28 1953 1953 PHW SF
0%
3393 Jimmy Darden 345 13.27 1950 1950 DNN
0%
2190 Jimmy Jones 2123 13.44 1968 1977 WSB PG
0%
3019 Jimmy King 614 9.59 1996 1997 DEN,TOR SG
0%
3088 Jimmy Oliver 551 7.06 1992 1999 BOS,CLE,PHO,TOR,WAS SG
0%
2860 Jim Neal 782 8.59 1954 1955 BLB,SYR C
0%
3317 Jim Owens 380 6.55 1974 1975 PHO SF
0%
466 Jim Paxson 19312 23.07 1980 1990 BOS,POR SG,PG
0%
2163 Jim Paxson Sr. 2246 15.49 1957 1958 CIN,MNL SG,SF
0%
1240 Jim Petersen 7857 14.63 1985 1992 GSW,HOU,SAC C,PF
0%
803 Jim Pollard 12985 25.46 1949 1955 MNL SF
0%
892 Jim Price 11619 21.80 1973 1979 BUF,DEN,DET,LAL,MIL PG
0%
3608 Jim Riffey 243 6.94 1951 1951 FTW
0%
1971 Jim Seminoff 2923 11.83 1947 1950 BOS,CHS
0%
3392 Jim Slaughter 345 12.32 1952 1952 BLB C
0%
3063 Jim Smith 571 7.51 1982 1983 DET,SDC PF
0%
1642 Jim Spanarkel 4592 17.39 1980 1984 DAL,PHI SF,SG
0%
2034 Jim Thomas 2681 16.65 1984 1991 IND,LAC,MIN SG
0%
2709 Jim Tucker 962 8.44 1955 1957 SYR PF
0%
3430 Jim Ware 327 4.95 1967 1969 CIN,SDR PF
0%
524 Jim Washington 17983 22.04 1966 1976 ATL,BUF,CHI,PHI,STL PF,C,SF
0%
1922 Jiri Welsch 3152 12.36 2003 2006 BOS,CLE,GSW,MIL SG,SF
0%
2379 J.J. Anderson 1572 9.70 1983 1985 PHI,UTA SF
0%
995 J.J. Hickson 10251 18.81 2009 2016 CLE,DEN,POR,SAC,WAS C,PF
0%
3040 Joby Wright 593 7.70 1973 1976 SEA PF
0%
2061 Jock Landale 2583 11.28 2022 2025 HOU,PHO,SAS C
0%
1236 Jodie Meeks 7881 13.75 2010 2019 DET,LAL,MIL,ORL,PHI,TOR,WAS SG
0%
3103 Joe Alexander 536 8.00 2009 2010 CHI,MIL SF
0%
3816 Joe Bradley 159 3.46 1950 1950 CHS
0%
956 Joe Bryant 10748 16.90 1976 1983 HOU,PHI,SDC SF,PF
0%
2853 Joe Buckhalter 790 11.45 1962 1963 CIN PF
0%
791 Joe Caldwell 13177 25.69 1965 1975 ATL,DET,STL SG,SF
0%
3950 Joe Colone 124 6.53 1949 1949 NYK
0%
3013 Joe Cooke 616 8.44 1971 1971 CLE SG
0%
3537 Joe Cooper 276 11.50 1982 1985 LAL,NJN,SDC,SEA,WSB C
0%
3139 Joe Courtney 501 5.22 1993 1997 CHI,CLE,GSW,MIL,PHI,PHO,SAS PF
0%
3862 Joe Crispin 147 7.00 2002 2002 LAL,PHO PG
0%
2784 Joe Dolhon 860 11.17 1950 1951 BLB
0%
1100 Joe Ellis 9162 16.30 1967 1974 GSW,SFW SF,PF
0%
475 Joe Graboski 19089 21.57 1949 1962 CHP,CHS,INO,PHW,STL,SYR PF,C
0%
1960 Joe Hassett 2971 9.65 1978 1983 DAL,GSW,IND,SEA SG
0%
2122 Joe Holland 2395 12.22 1950 1952 INO SF
0%
2019 Joe Holup 2737 13.22 1957 1959 DET,SYR SF
0%
2844 Joe Hutton 796 5.73 1951 1952 MNL SG
0%
2794 Joe Kennedy 849 9.87 1969 1971 SEA SF
0%
952 Joe Kleine 10834 10.67 1986 2000 BOS,CHI,LAL,NJN,PHO,POR,SAC C
0%
2677 Joe Kopicki 1014 7.92 1983 1985 DEN,WSB PF
0%
1799 Joel Anthony 3744 6.73 2008 2017 BOS,DET,MIA,SAS C,PF
0%
2564 Joel Freeland 1228 7.58 2013 2015 POR PF,C
0%
1885 Joel Kramer 3337 9.37 1979 1983 PHO PF,C
0%
1266 Joel Przybilla 7578 12.57 2001 2013 ATL,CHA,MIL,POR C
0%
2904 Joe McNamee 729 5.56 1951 1952 BLB,ROC SF
0%
889 Joe Meriweather 11639 17.12 1976 1985 ATL,HOU,KCK,NOJ,NYK C,PF
0%
3917 Joe Mullaney 134 3.62 1950 1950 BOS
0%
3052 Joe Pace 583 6.63 1977 1978 WSB C
0%
2139 Joe Roberts 2336 12.29 1961 1968 SYR SF,PF
0%
2843 Joe Ruklick 796 6.63 1960 1962 PHW PF
0%
3431 Joe Smyth 327 8.18 1954 1954 BLB,NYK SF
0%
3827 Joe Stephens 155 7.05 1997 2000 HOU,VAN PF,SF
0%
1603 Joe Strawder 4888 20.62 1966 1968 DET C
0%
3964 Joe Wieskamp 119 3.13 2022 2023 SAS,TOR SG,SF
0%
1451 Joe Wolf 6036 9.96 1988 1999 BOS,CHH,DEN,LAC,MIL,ORL,POR C,PF
0%
2633 Joey Dorsey 1087 7.99 2009 2015 HOU,SAC,TOR PF,C
0%
1749 Joey Graham 3969 10.20 2006 2011 CLE,DEN,TOR SF
0%
2801 Joe Young 843 6.39 2016 2018 IND PG
0%
2105 Joffrey Lauvergne 2433 11.48 2015 2018 CHI,DEN,OKC,SAS C,PF
0%
1585 Johan Petro 5031 10.16 2006 2013 ATL,DEN,NJN,OKC,SEA C
0%
3024 John Abramovic 607 10.84 1947 1948 BLB,PIT,STB
0%
1899 John Amaechi 3277 10.89 1996 2003 CLE,ORL,UTA PF,C
0%
3277 Johnathan Motley 404 8.78 2018 2020 DAL,LAC PF
0%
3238 Johnathan Williams 431 11.05 2019 2020 LAL,WAS C,PF
0%
580 John Bagley 16837 24.62 1983 1994 ATL,BOS,CLE,NJN PG
0%
1274 John Barnhill 7491 16.76 1963 1972 BAL,DET,SDR,STL PG,SG
0%
3279 John Barr 403 6.95 1947 1947 STB
0%
1067 John Battle 9585 14.37 1986 1995 ATL,CLE SG
0%
797 John Block 13086 21.17 1967 1976 CHI,KCO,LAL,MIL,NOJ,PHI,SDR PF,C
0%
2086 John Brisker 2490 19.76 1970 1975 SEA SF,SG
0%
4000 John Chaney 110 6.88 1950 1950 SHE,TRI
0%
3970 John Coughran 119 4.96 1980 1980 GSW SF
0%
1618 John Crotty 4780 9.32 1993 2003 CLE,DEN,DET,MIA,POR,SEA,UTA PG
0%
2755 John Douglas 894 13.34 1982 1983 SDC SG
0%
2280 John Duren 1875 9.33 1981 1983 IND,UTA PG
0%
3938 John Fairchild 127 4.23 1966 1970 LAL SF
0%
3331 John F. Turner 373 8.88 1962 1962 CHP SG
0%
3610 John Garris 242 7.33 1984 1984 CLE PF
0%
994 John Gianelli 10257 17.93 1973 1980 BUF,MIL,NYK,UTA C
0%
2569 John Hargis 1211 12.48 1950 1951 AND,FTW,TRI
0%
1248 John Henson 7794 16.98 2013 2020 CLE,DET,MIL C,PF
0%
1568 John Hummer 5171 15.39 1971 1976 BUF,CHI,SEA C,PF
0%
2809 John Janisch 836 11.94 1947 1948 BOS,DTF,PRO
0%
2433 John Jenkins 1447 8.08 2013 2019 ATL,DAL,NYK,PHO,WAS SG
0%
275 John Johnson 24945 26.48 1971 1982 CLE,HOU,POR,SEA SF
0%
2530 John Kuester 1288 9.54 1978 1980 DEN,IND,KCK PG
0%
1715 John Lambert 4166 8.79 1976 1982 CLE,KCK,SAS PF
0%
2453 John Laskowski 1412 11.97 1976 1977 CHI SG
0%
1584 John Logan 5032 18.78 1947 1951 STB,TRI
0%
460 John Long 19527 21.32 1979 1997 ATL,DET,IND,TOR SG
0%
216 John Lucas 27450 28.21 1977 1990 GSW,HOU,MIL,SAS,SEA,WSB PG,SG
0%
2158 John Lucas III 2267 9.10 2006 2017 CHI,DET,HOU,MIN,TOR,UTA PG
0%
1717 John Mahnken 4155 9.62 1947 1953 BLB,BOS,FTW,INJ,INO,TRI,WSC C
0%
3129 John Mandic 511 6.31 1949 1950 BLB,INJ,WSC
0%
958 John Mengelt 10728 16.38 1972 1981 CHI,CIN,DET,GSW,KCO SG
0%
2377 John Morton 1577 12.04 1990 1992 CLE,MIA SG,SF
0%
3783 Johnny Bach 169 4.97 1949 1949 BOS
0%
3162 Johnny Baum 484 7.22 1970 1974 CHI SF
0%
2864 Johnny C. Davis 779 6.96 2023 2025 WAS SG
0%
2606 Johnny Cox 1137 15.58 1963 1963 CHZ SG
0%
455 Johnny Davis 19631 24.76 1977 1986 ATL,CLE,IND,POR SG,PG
0%
883 Johnny Egan 11771 15.61 1962 1972 BAL,CLE,DET,HOU,LAL,NYK,SDR PG
0%
2478 Johnny Ezersky 1369 10.14 1948 1950 BLB,BOS,PRO
0%
3589 Johnny Furphy 252 4.13 2025 2025 IND SG
0%
290 Johnny Green 24555 22.80 1960 1973 BAL,CIN,KCO,NYK,PHI,SDR PF
0%
1809 Johnny High 3691 12.64 1980 1984 PHO PG,SG
0%
3302 Johnny Jones 390 6.96 1968 1969 BOS SF
0%
3731 Johnny Jorgensen 188 3.30 1948 1949 BLB,CHS,MNL
0%
2507 Johnny Juzang 1319 12.93 2023 2025 UTA SG
0%
2467 Johnny Macknowski 1388 10.68 1950 1951 SYR
0%
1384 Johnny McCarthy 6482 18.90 1957 1964 BOS,CIN,ROC,STL PG,SG
0%
2698 Johnny Neumann 983 11.04 1972 1978 BUF,IND,LAL SG
0%
2124 Johnny Norlander 2385 10.19 1947 1951 WSC
0%
2650 Johnny O'Bryant 1059 7.16 2015 2018 CHO,DEN,MIL PF
0%
3928 Johnny Orr 132 3.88 1950 1950 STB,WAT
0%
2508 Johnny Payak 1319 10.99 1950 1953 MLH,PHW,WAT SG
0%
3226 Johnny Rogers 437 6.33 1987 1988 CLE,SAC PF
0%
3327 Johnny Simmons 376 6.27 1947 1947 BOS
0%
3168 Johnny Taylor 480 8.89 1998 2000 DEN,ORL SF
0%
2340 John Oldham 1697 12.66 1950 1951 FTW
0%
2911 John Richter 719 9.72 1960 1960 BOS C
0%
1964 John Roche 2952 18.22 1972 1982 DEN,LAL PG,SG
0%
3213 John Rudd 446 7.69 1979 1979 NYK SF
0%
2471 John Rudometkin 1378 10.52 1963 1965 NYK,SFW SF
0%
583 John Salmons 16713 18.11 2003 2015 CHI,MIL,NOP,PHI,SAC,TOR SF,SG,PG
0%
3979 John Schweitz 116 5.27 1985 1987 DET,SEA SG
0%
2663 John Shasky 1028 7.56 1989 1991 DAL,GSW,MIA C
0%
1181 John Shumate 8331 25.25 1976 1981 BUF,DET,HOU,PHO,SAS,SEA PF
0%
3630 John Stroeder 233 4.96 1988 1989 GSW,MIL,SAS PF
0%
2545 John Thomas 1256 5.79 1998 2006 ATL,BOS,MEM,MIN,NJN,TOR C,PF
0%
3042 John Thompson 591 7.39 1965 1966 BOS PF,C
0%
1760 John Trapp 3926 13.58 1969 1973 LAL,PHI,SDR SF
0%
947 John Tresvant 10884 18.17 1965 1973 BAL,CIN,DET,LAL,SEA,STL PF
0%
2907 John Tschogl 726 6.26 1973 1975 ATL,PHI SF
0%
3041 John Vallely 593 5.93 1971 1972 ATL,HOU SG
0%
1598 John Wallace 4906 12.71 1997 2004 DET,MIA,NYK,PHO,TOR SF
0%
1814 John Warren 3673 11.73 1970 1974 CLE,NYK PG,SG
0%
1936 John Wetzel 3068 8.48 1968 1976 ATL,LAL,PHO SG,SF
0%
1152 John Williamson 8651 29.63 1974 1981 IND,NJN,NYN,WSB SG
0%
3320 Jo Jo English 379 6.65 1993 1995 CHI SG
0%
3062 Jonah Bolden 571 9.36 2019 2020 PHI,PHO PF,C
0%
1177 Jonas Jerebko 8360 12.24 2010 2019 BOS,DET,GSW,UTA PF
0%
2004 Jonathan Bender 2783 9.40 2000 2010 IND,NYK SF
0%
3627 Jonathan Gibson 233 11.10 2017 2018 BOS,DAL PG
0%
2635 Jonathan Mogbo 1081 17.16 2025 2025 TOR PF
0%
1694 Jonathon Simmons 4263 15.06 2016 2019 ORL,PHI,SAS SG,SF
0%
925 Jon Barry 11278 12.77 1993 2006 ATL,DEN,DET,GSW,HOU,LAL,MIL,SAC SG
0%
2730 Jon Brockman 932 6.21 2010 2012 MIL,SAC C,PF
0%
950 Jon Koncak 10858 12.97 1986 1996 ATL,ORL C
0%
1629 Jon Leuer 4702 12.06 2012 2019 CLE,DET,MEM,MIL,PHO C,PF
0%
1913 Jonny Flynn 3208 19.68 2010 2012 HOU,MIN,POR PG
0%
3283 Jontay Porter 399 10.78 2021 2024 MEM,TOR PF
0%
3692 Jordan Adams 204 5.67 2015 2016 MEM SG
0%
2271 Jordan Bell 1902 9.85 2018 2022 CHI,GSW,MEM,MIN,WAS C
0%
3843 Jordan Bone 151 6.29 2020 2021 DET,ORL PG
0%
1421 Jordan Crawford 6220 21.16 2011 2018 ATL,BOS,GSW,NOP,WAS SG,PG
0%
1124 Jordan Farmar 8967 15.54 2007 2017 LAC,LAL,MEM,NJN,SAC PG
0%
2100 Jordan Goodwin 2442 15.86 2022 2025 LAL,MEM,PHO,WAS PG,SG
0%
2344 Jordan Hamilton 1685 10.94 2012 2016 DEN,HOU,LAC,NOP SF
0%
2306 Jordan Hawkins 1787 14.18 2024 2025 NOP SG
0%
1843 Jordan McLaughlin 3561 11.75 2020 2025 MIN,SAC,SAS PG
0%
2411 Jordan McRae 1491 11.93 2016 2020 CLE,DEN,DET,PHO,WAS PG,SG
0%
3334 Jordan Mickey 371 5.46 2016 2018 BOS,MIA PF
0%
3405 Jordan Miller 338 7.04 2024 2025 LAC SF
0%
1989 Jordan Nwora 2835 12.95 2021 2024 IND,MIL,TOR SF
0%
3546 Jordan Walsh 270 3.91 2024 2025 BOS SF,PF
0%
3266 Jordan Williams 411 9.56 2012 2012 NJN C
0%
2534 Jorge Garbajosa 1286 17.38 2007 2008 TOR PF
0%
3352 Jorge Gutierrez 363 6.85 2014 2016 BRK,CHO,MIL PG
0%
1690 Jose Alvarado 4305 17.86 2022 2025 NOP PG
0%
3467 Jose Ortiz 310 4.84 1989 1990 UTA PF
0%
3221 Jose Slaughter 440 6.98 1983 1983 IND SG
0%
1915 Josh Boone 3190 11.90 2007 2010 NJN PF,C
0%
1293 Josh Childress 7257 18.23 2005 2014 ATL,BRK,NOP,PHO SG,SF
0%
2289 Josh Christopher 1849 12.16 2022 2025 HOU,MIA SG
0%
3417 Josh Davis 332 4.81 2004 2012 ATL,HOU,MEM,MIL,PHI,PHO PF
0%
3443 Josh Grant 320 5.93 1994 1994 GSW PF
0%
1714 Josh Green 4169 12.63 2021 2025 CHO,DAL SG
0%
3687 Josh Hall 206 9.81 2021 2021 OKC SF
0%
3004 Josh Harrellson 628 7.95 2012 2014 DET,MIA,NYK C,PF
0%
708 Josh Howard 14337 25.02 2004 2013 DAL,MIN,UTA,WAS SF
0%
3149 Josh Huestis 491 5.99 2016 2018 OKC PF
0%
3655 Josh Magette 220 8.46 2018 2020 ATL,ORL PG
0%
1382 Josh McRoberts 6506 14.21 2008 2018 CHA,DAL,IND,LAL,MIA,ORL,POR PF,C
0%
3206 Josh Minott 450 4.29 2023 2025 MIN SF
0%
2029 Josh Powell 2697 7.45 2006 2014 ATL,DAL,GSW,HOU,IND,LAC,LAL PF,C
0%
3751 Josh Selby 180 4.62 2012 2013 MEM PG
0%
2930 Joshua Primo 696 12.21 2022 2024 LAC,SAS SG,SF
0%
2455 J.R. Bremer 1409 12.81 2003 2004 BOS,CLE,GSW PG
0%
3797 J.R. Giddens 165 4.34 2009 2010 BOS,NYK SF
0%
3699 J.R. Henderson 201 6.70 1999 1999 VAN SF
0%
888 J.R. Reid 11643 16.19 1990 2001 CHH,CLE,LAL,MIL,NYK,SAS C,PF
0%
2531 JT Thor 1287 6.96 2022 2025 CHO,CLE,WAS PF
0%
2403 Juan Carlos Navarro 1509 18.40 2008 2008 MEM SG
0%
1852 Juancho Hernangomez 3520 10.06 2017 2023 BOS,DEN,MIN,SAS,TOR,UTA PF
0%
1369 Juan Dixon 6627 14.60 2003 2009 DET,POR,TOR,WAS PG,SG
0%
2106 Juan Toscano-Anderson 2431 11.15 2020 2024 GSW,LAL,SAC,UTA SG,SF
0%
3397 Juaquin Hawkins 341 5.88 2003 2003 HOU SG
0%
1528 Jud Buechler 5511 6.97 1991 2002 CHI,DET,GSW,NJN,ORL,PHO,SAS SF
0%
2524 Juju Smith 1293 8.34 2012 2016 DAL,HOU,MIN PF,C
0%
3905 Jules Bernard 136 7.16 2024 2024 WAS SG
0%
2026 Julian Champagnie 2713 15.68 2023 2025 PHI,SAS SF
0%
2807 Julian Phillips 836 6.97 2024 2025 CHI SF
0%
2448 Julian Strawther 1421 11.19 2024 2025 DEN SF,SG
0%
3946 Julian Washburn 124 6.89 2019 2019 MEM SF
0%
2198 Julian Wright 2108 8.57 2008 2011 NOH,TOR SF
0%
3384 Julyan Stone 346 4.68 2012 2018 CHO,DEN,TOR SG,PG
0%
1342 Jumaine Jones 6860 13.72 2000 2007 BOS,CHA,CLE,LAL,PHI,PHO SG,PF,SF
0%
3375 Junior Burrough 353 5.79 1996 1996 BOS PF
0%
2192 Junior Harrington 2121 15.15 2003 2007 DEN,MEM,NOH PG,SG
0%
2054 Justin Anderson 2598 10.11 2016 2022 ATL,BRK,CLE,DAL,IND,PHI SF,SG
0%
2393 Justin Champagnie 1535 12.58 2022 2025 BOS,TOR,WAS SF
0%
2847 Justin Edwards 792 18.00 2025 2025 PHI SF
0%
2457 Justin Hamilton 1406 12.44 2014 2017 BRK,CHA,MIA,MIN C
0%
3286 Justin James 396 5.50 2020 2021 SAC SF
0%
3542 Justin Minaya 274 4.81 2023 2025 POR SF
0%
3671 Justin Patton 213 9.68 2018 2021 HOU,MIN,OKC,PHI C
0%
2791 Justin Reed 852 6.00 2005 2007 BOS,MIN SF,PF
0%
3578 Justin Robinson 255 5.93 2020 2022 DET,MIL,OKC,SAC,WAS PG
0%
3349 Justin Williams 364 7.43 2007 2008 HOU,SAC C
0%
3638 Juwan Morgan 228 3.26 2020 2022 BOS,TOR,UTA PF
0%
3054 Kadeem Allen 579 12.32 2018 2020 BOS,NYK PG
0%
2830 Kai Jones 812 7.59 2022 2025 CHO,DAL,LAC C
0%
1766 Kareem Rush 3898 10.34 2003 2010 CHA,IND,LAC,LAL,PHI SG,PG
0%
2938 Karlo Matkovic 689 16.40 2025 2025 NOP PF
0%
3762 Kasib Powell 175 15.91 2008 2008 MIA SF
0%
3189 Kay Felder 467 8.05 2017 2018 CHI,CLE,DET PG
0%
3255 Keaton Wallace 417 13.45 2025 2025 ATL PG
0%
2578 Kedrick Brown 1187 8.02 2002 2005 BOS,CLE,PHI SF
0%
3347 Keifer Sykes 365 11.41 2022 2022 IND PG
0%
3602 Keion Brooks Jr. 246 17.57 2025 2025 NOP SF
0%
1895 Keita Bates-Diop 3285 11.37 2019 2024 BRK,DEN,MIN,PHO,SAS SF,PF
0%
1636 Keith Askins 4634 9.03 1991 1999 MIA SF
0%
1156 Keith Bogans 8607 12.17 2004 2014 BOS,BRK,CHA,CHI,HOU,MIL,NJN,ORL,SAS SG,SF
0%
3407 Keith Booth 338 7.51 1998 1999 CHI SF
0%
2594 Keith Closs 1153 8.87 1998 2000 LAC C
0%
2827 Keith Edmonson 816 9.27 1983 1984 ATL,DEN,SAS SG
0%
588 Keith Erickson 16654 19.52 1966 1977 CHI,LAL,PHO,SFW SF,SG
0%
2260 Keith Herron 1944 15.68 1979 1982 ATL,CLE,DET SG
0%
2010 Keith Jennings 2761 16.53 1993 1995 GSW PG
0%
2083 Keith Lee 2515 13.82 1986 1989 CLE,NJN PF
0%
2049 Keith McLeod 2617 13.09 2004 2007 GSW,IND,MIN,UTA PG
0%
3515 Keith Smith 284 6.76 1987 1987 MIL SG
0%
3702 Keith Tower 199 3.75 1994 1997 LAC,MIL,ORL C
0%
2704 Kelan Martin 971 9.91 2020 2022 BOS,IND,MIN SF
0%
2464 Kel'el Ware 1390 19.86 2025 2025 MIA C
0%
1803 Kelenna Azubuike 3714 17.27 2007 2012 DAL,GSW SG,SF
0%
3642 Keljin Blevins 226 4.52 2021 2022 POR SF
0%
1277 Kelvin Cato 7455 13.27 1998 2007 DET,HOU,NYK,ORL,POR C,PF
0%
871 Kelvin Ransey 12018 24.63 1981 1986 DAL,NJN,POR PG
0%
2450 Kelvin Upshaw 1421 11.55 1989 1991 BOS,DAL,GSW,MIA SG
0%
1998 Ken Bannister 2805 11.09 1985 1991 LAC,NYK PF
0%
1489 Ken Charles 5774 16.98 1974 1978 ATL,BUF SG
0%
2021 Kendall Marshall 2730 17.06 2013 2016 LAL,MIL,PHI,PHO PG
0%
2783 Ken Durrett 860 7.17 1972 1975 CIN,KCO,PHI SF
0%
3051 Ken Johnson 583 8.83 1986 1986 POR PF
0%
3761 Ken McBride 176 14.67 1955 1955 MLH SG
0%
1931 Ken Murray 3108 16.62 1951 1955 BLB,FTW,PHW SG
0%
2925 Kennard Winchester 703 5.62 1991 1993 HOU,NYK SF,SG
0%
3598 Kennedy Chandler 249 6.92 2023 2023 MEM PG
0%
3219 Kenneth Lofton Jr. 441 9.00 2023 2024 MEM,PHI,UTA PF
0%
592 Ken Norman 16638 25.25 1988 1997 ATL,LAC,MIL SF
0%
615 Kenny Carr 16140 22.76 1978 1987 CLE,DET,LAL,POR PF
0%
2813 Kenny Dennard 831 8.75 1982 1984 DEN,KCK PF
0%
2160 Kenny Fields 2260 11.53 1985 1988 LAC,MIL SF
0%
1230 Kenny Gattison 7908 15.60 1987 1996 CHH,PHO,VAN PF
0%
3254 Kenny Green 418 6.97 1986 1987 PHI,WSB SF
0%
1738 Kenny Higgs 4052 18.50 1979 1982 CLE,DEN PG
0%
2214 Kenny McIntosh 2064 11.66 1972 1975 CHI,SEA SF
0%
2773 Kenny Payne 868 5.90 1990 1993 PHI SF
0%
2373 Kenny Rollins 1596 8.97 1949 1953 BOS,CHS PG
0%
1567 Kenny Sailors 5185 18.65 1947 1951 BLB,BOS,CHS,CLR,DNN,PHW,PRO
0%
2824 Kenny Satterfield 822 10.96 2002 2003 DEN,PHI PG
0%
773 Kenny Thomas 13461 20.55 2000 2010 HOU,PHI,SAC PF
0%
2064 Kenny Williams 2568 9.27 1991 1994 IND PF,SF
0%
736 Kent Benson 13937 19.66 1978 1988 CLE,DET,MIL,UTA C
0%
1363 Keon Clark 6703 17.59 1999 2004 DEN,SAC,TOR,UTA C,PF
0%
2203 Keon Ellis 2087 13.38 2023 2025 SAC SG
0%
2065 Keon Johnson 2562 15.91 2022 2025 BRK,LAC,POR SG
0%
909 Kermit Washington 11450 22.19 1974 1988 BOS,GSW,LAL,POR,SDC PF
0%
733 Kerry Kittles 13974 24.91 1997 2005 LAC,NJN SG
0%
2466 Kessler Edwards 1388 7.38 2022 2025 BRK,DAL,SAC SF
0%
2945 Kevin Brooks 685 5.35 1992 1994 DEN SF
0%
3657 Kevin Burleson 220 5.64 2006 2006 CHA PG
0%
921 Kevin Gamble 11338 16.67 1988 1997 BOS,MIA,POR,SAC SF
0%
793 Kevin Grevey 13146 17.72 1976 1985 MIL,WSB SG,SF
0%
3792 Kevin Henderson 166 7.55 1987 1988 CLE,GSW SG,PG
0%
1752 Kevin Knox 3957 12.03 2019 2025 ATL,DET,GSW,NYK,POR SF,PF
0%
905 Kevin Kunnert 11539 19.96 1974 1982 BUF,HOU,POR,SDC C
0%
2350 Kevin Loder 1671 11.29 1982 1984 KCK,SDC SF
0%
440 Kevin Loughery 20306 25.45 1963 1973 BAL,DET,PHI SG,PG
0%
2920 Kevin Lynch 711 7.41 1992 1993 CHH SG
0%
2078 Kevin McKenna 2530 10.37 1982 1988 IND,LAL,NJN,WSB SG
0%
1311 Kevin Ollie 7118 10.11 1998 2010 CHI,CLE,DAL,IND,MIL,MIN,NJN,OKC,ORL,PHI,SAC,SEA PG,SG
0%
2224 Kevin O'Shea 2041 11.40 1951 1953 BLB,MLH,MNL PG,SG
0%
3985 Kevin Pangos 113 4.71 2022 2022 CLE PG
0%
2856 Kevin Pritchard 784 8.34 1991 1996 BOS,GSW,MIA,PHI,WSB PG
0%
1273 Kevin Restani 7494 13.41 1975 1982 CLE,KCK,MIL,SAS PF,SF
0%
3895 Kevin Salvadori 139 3.56 1997 1998 SAC C
0%
1591 Kevin Seraphin 4976 11.39 2011 2017 IND,NYK,WAS PF,C
0%
1840 Kevin Stacom 3573 9.58 1975 1982 BOS,IND,MIL SG
0%
2015 Kevin Williams 2741 9.75 1984 1989 CLE,LAC,NJN,SAS,SEA SG
0%
3544 Kevon Harris 273 7.58 2023 2024 ORL SG
0%
996 Keyon Dooling 10249 12.96 2001 2013 BOS,LAC,MEM,MIA,MIL,NJN,ORL SG,PG
0%
1735 Keyonte George 4079 28.73 2024 2025 UTA PG
0%
2895 Khalid El-Amin 735 14.70 2001 2001 CHI PG
0%
1616 Khalid Reeves 4785 17.27 1995 2000 CHH,CHI,DAL,DET,MIA,NJN PG
0%
1821 Khem Birch 3651 12.25 2018 2023 ORL,TOR C
0%
3445 Khyri Thomas 319 7.60 2019 2021 DET,HOU SG
0%
3335 Killian Tillie 370 6.85 2021 2022 MEM C
0%
3864 Kim Anderson 147 7.00 1979 1979 POR SF
0%
3639 Kim English 227 5.54 2013 2013 DET SG
0%
1772 Kim Hughes 3881 11.28 1976 1981 CLE,DEN,NJN,NYN C
0%
2456 Kira Lewis Jr. 1406 10.65 2021 2024 NOP,TOR,UTA PG
0%
2093 Kirk Snyder 2464 11.51 2005 2008 HOU,MIN,NOK,UTA SF,PF,SG
0%
3810 Kiwane Lemorris Garris 160 5.16 1998 2000 DEN,ORL SG
0%
1595 KJ Martin 4930 15.95 2021 2025 HOU,LAC,PHI,UTA SF,PF
0%
2416 K.J. McDaniels 1481 9.74 2015 2017 BRK,HOU,PHI SF,SG
0%
2966 KJ Simpson 655 18.19 2025 2025 CHO PG
0%
1705 Kleggie Hermsen 4205 13.39 1947 1953 BLB,BOS,CHS,CLR,INO,TRH,TRI,WSC
0%
3210 Kobe Brown 447 4.97 2024 2025 LAC PF
0%
3499 Kobe Bufkin 293 10.85 2024 2025 ATL SG
0%
3158 Kobi Simmons 485 11.55 2018 2024 CHO,CLE,MEM,TOR SG,PG
0%
2651 Kornel David 1053 9.66 1999 2001 CHI,CLE,DET,TOR SF
0%
1108 Kosta Koufos 9104 12.59 2009 2019 DEN,MEM,MIN,SAC,UTA C
0%
2954 Kostas Papanikolaou 674 8.75 2015 2016 DEN,HOU SF
0%
884 Kris Humphries 11729 14.27 2005 2017 ATL,BOS,BRK,DAL,NJN,PHO,TOR,UTA,WAS PF,SF
0%
2410 Kris Murray 1491 11.38 2024 2025 POR SF
0%
3760 Kurk Lee 177 3.69 1991 1991 NJN PG
0%
1161 Kurt Nimphius 8533 14.49 1982 1990 DAL,DET,LAC,PHI,SAS C,PF
0%
2868 Ky Bowman 772 17.16 2020 2020 GSW PG
0%
3383 Kyle Collinsworth 346 10.81 2018 2018 DAL SF
0%
2417 Kyle Filipowski 1480 20.56 2025 2025 UTA C
0%
3416 Kyle Guy 332 6.26 2020 2022 MIA,SAC SG,PG
0%
833 Kyle Macy 12450 20.92 1981 1987 CHI,IND,PHO PG
0%
1366 Kyle O'Quinn 6665 14.06 2013 2020 IND,NYK,ORL,PHI C,PF
0%
2788 Kyle Weaver 855 11.55 2009 2011 OKC,UTA SG
0%
2818 Kyrylo Fesenko 827 5.70 2008 2012 IND,UTA C
0%
2500 Kyshawn George 1331 19.57 2025 2025 WAS SG
0%
3122 KZ Okpala 513 5.13 2020 2023 MIA,SAC PF
0%
2104 LaBradford Smith 2434 13.30 1992 1994 SAC,WSB SG
0%
1611 Lamar Green 4814 13.15 1970 1975 NOJ,PHO C,PF
0%
3547 Lamar Patterson 270 6.14 2016 2017 ATL SG
0%
2141 Lamar Stevens 2333 10.32 2021 2025 BOS,CLE,MEM PF,SF
0%
704 Lamond Murray 14429 19.24 1995 2006 CLE,LAC,NJN,TOR SF
0%
3987 Lamont Strothers 113 8.69 1992 1993 DAL,POR SG
0%
3873 Lanard Copeland 144 3.89 1990 1992 LAC,PHI SG
0%
2187 Lancaster Gordon 2131 10.60 1985 1988 LAC SG
0%
2934 Lance Blanks 692 4.84 1991 1993 DET,MIN SG
0%
1367 Langston Galloway 6661 14.54 2015 2022 BRK,DET,MIL,NOP,NYK,PHO,SAC SG,PG
0%
686 LaPhonso Ellis 14702 22.97 1993 2003 ATL,DEN,MIA,MIN PF,SF
0%
2636 Laron Profit 1080 7.83 2000 2006 LAL,WAS SG,PG,SF
0%
3551 Larry Cannon 268 14.11 1970 1974 PHI SG
0%
480 Larry Costello 18956 25.01 1955 1968 PHI,PHW,SYR PG
0%
2188 Larry Demic 2131 10.25 1980 1982 NYK PF
0%
3713 Larry Drew II 197 8.95 2015 2018 NOP,PHI PG
0%
3329 Larry Friend 375 8.52 1958 1958 NYK SG
0%
3057 Larry Hennessy 576 7.48 1956 1957 PHW,SYR SG
0%
2318 Larry Jones 1763 17.63 1965 1974 PHI SG,PG
0%
1307 Larry Krystkowiak 7157 16.27 1987 1997 CHI,LAL,MIL,ORL,SAS,UTA PF
0%
1614 Larry McNeill 4798 15.53 1974 1979 BUF,DET,GSW,KCK,KCO,NYN PF
0%
2786 Larry Micheaux 858 8.25 1984 1985 HOU,KCK,MIL PF
0%
3321 Larry Mikan 379 7.15 1971 1971 CLE SF
0%
3961 Larry Owens 120 6.32 2011 2012 NJN,SAS,WAS SF
0%
2850 Larry Robinson 791 8.89 1991 2002 ATL,BOS,CLE,GSW,HOU,NYK,VAN,WSB PG,SG,SF
0%
810 Larry Siegfried 12902 20.51 1964 1972 ATL,BOS,HOU,SDR PG,SG
0%
548 Larry Smith 17551 19.20 1981 1993 GSW,HOU,SAS PF
0%
2196 Larry Spriggs 2109 10.60 1982 1986 CHI,HOU,LAL SF,PF
0%
1992 Larry Staverman 2831 10.41 1959 1964 BAL,CHZ,CIN,DET PF
0%
1743 Larry Stewart 4032 14.72 1992 1997 SEA,WSB SF,PF
0%
1348 Larry Wright 6817 17.39 1977 1982 DET,WSB PG
0%
3799 Lars Hansen 165 11.00 1979 1979 SEA C
0%
1908 LaRue Martin 3238 11.95 1973 1976 POR C
0%
3530 Lavor Postell 280 4.59 2001 2003 NYK SG
0%
1589 Lavoy Allen 4992 12.09 2012 2017 IND,PHI PF,C
0%
1786 Lawrence Funderburke 3824 11.12 1998 2005 CHI,SAC PF
0%
2459 Lawrence Moten 1401 11.77 1996 1998 VAN,WAS SG
0%
2867 Lawrence Roberts 773 8.89 2006 2007 MEM C,PF
0%
3281 Lazar Hayward 400 5.19 2011 2013 MIN,OKC SF
0%
3832 Lazaro Borrell 154 8.11 2000 2000 SEA SF
0%
3739 Leaky Black 184 7.08 2024 2024 CHO SF
0%
3768 Leandro Bolmaro 172 3.51 2022 2023 MIN,UTA SF
0%
1270 Ledell Eackles 7522 17.06 1989 1998 MIA,WAS,WSB SG
0%
2424 Lee Knorek 1461 10.08 1947 1950 BLB,NYK
0%
1312 Lee Mayberry 7117 14.35 1993 1999 MIL,VAN PG
0%
1672 Lee Nailon 4448 14.12 2001 2006 ATL,CHH,CLE,NOH,NYK,ORL,PHI PF,SF
0%
3567 Lee Robbins 262 5.57 1948 1949 PRO
0%
1546 Lee Shaffer 5354 25.62 1962 1964 PHI,SYR SF
0%
1461 Lee Winfield 5957 14.53 1970 1976 BUF,KCK,SEA PG
0%
1039 Len Chappell 9824 16.03 1963 1972 ATL,CHI,CIN,CLE,DET,MIL,NYK,PHI,SYR PF,C,SF
0%
1412 Len Elmore 6263 12.14 1975 1984 IND,KCK,MIL,NJN,NYK C,PF
0%
3272 Len Kosmalski 406 4.95 1975 1976 KCK,KCO C
0%
3083 Lennie Rosenbluth 556 6.47 1958 1959 PHW SF
0%
1295 Leo Barnhorst 7225 20.24 1950 1954 BLB,CHS,FTW,INO SF
0%
3072 Leo Gottlieb 563 6.40 1947 1948 NYK
0%
2862 Leo Katkaveck 781 6.62 1949 1950 WSC
0%
2590 Leo Klier 1163 10.11 1949 1950 FTW
0%
2620 Leo Kubiak 1112 17.94 1950 1950 WAT
0%
2017 Leo Mogus 2739 11.71 1947 1951 BLB,CLR,FTW,INJ,PHW,TRH
0%
1581 Leonard Gray 5060 21.00 1975 1977 SEA,WSB PF
0%
3945 Leonard Miller 124 3.44 2024 2025 MIN SF
0%
2515 Leon Benbow 1308 11.18 1975 1976 CHI SG
0%
1199 Leon Douglas 8205 17.31 1977 1983 DET,KCK C
0%
1969 Leon Powe 2928 10.80 2007 2011 BOS,CLE,MEM C,PF,SF
0%
1753 Leon Wood 3952 13.92 1985 1991 ATL,NJN,PHI,SAC,SAS,WSB PG,SG
0%
3793 Leo Rautins 166 4.74 1984 1985 ATL,PHI SF
0%
3011 LeRon Ellis 617 6.71 1992 1996 CHH,LAC,MIA C
0%
3343 Leroy Chollet 368 4.72 1950 1951 SYR
0%
3298 Leroy Combs 391 8.15 1984 1984 IND SF
0%
340 Leroy Ellis 23006 20.69 1963 1976 BAL,LAL,PHI,POR C,PF
0%
3983 Les Hunter 114 4.75 1965 1973 BAL PF
0%
3915 Les Jepsen 134 2.58 1991 1992 GSW,SAC C
0%
2779 Les Pugh 862 7.43 1949 1950 BLB,PRO
0%
816 Lester Conner 12761 18.23 1983 1995 GSW,HOU,IND,LAC,LAL,MIL,NJN PG,SG
0%
3079 Lester Hudson 559 8.73 2010 2015 BOS,CLE,LAC,MEM,WAS PG,SG
0%
3147 Lester Quinones 497 9.04 2023 2025 GSW,NOP,PHI SG
0%
3712 Levi Fontaine 198 5.35 1971 1971 SFW SG
0%
1510 Lew Hitch 5632 12.49 1952 1957 MLH,MNL,PHW,ROC PF
0%
1041 Lewis Lloyd 9817 23.77 1982 1990 GSW,HOU,PHI SG
0%
1425 Linas Kleiza 6190 14.23 2006 2013 DEN,TOR PF,SF
0%
3593 Lindell Wigginton 250 8.62 2022 2024 MIL PG
0%
3094 Lindsay Hairston 547 11.64 1976 1976 DET SF
0%
2420 Lindy Waters III 1476 9.17 2022 2025 DET,GSW,OKC SG
0%
2482 Linton Johnson 1362 8.84 2004 2009 CHA,CHI,NJN,NOK,PHO,SAS,TOR PF,SF
0%
3181 Linton Townes 472 6.94 1983 1985 MIL,POR,SAS,SDC SF
0%
3575 Lionel Chalmers 257 7.14 2005 2005 LAC PG
0%
3319 Lionel Malamed 380 8.64 1949 1949 INJ,ROC
0%
2741 Litterial Green 917 6.20 1993 1999 CLE,DET,MIL,ORL PG
0%
2023 Lloyd Daniels 2726 12.86 1993 1998 LAL,NJN,PHI,SAC,SAS,TOR SG
0%
999 Lloyd Neal 10207 22.33 1973 1979 POR C,PF
0%
1617 Lloyd Walton 4785 13.33 1977 1981 KCK,MIL PG
0%
539 Lonnie Shelton 17735 24.46 1977 1986 CLE,NYK,SEA PF
0%
2529 Lonny Baxter 1290 7.96 2003 2006 CHA,CHI,HOU,NOH,TOR,WAS PF,C
0%
2475 Loren Meyer 1370 9.58 1996 1999 DAL,DEN,PHO C,PF
0%
2378 Loren Woods 1574 7.19 2002 2008 HOU,MIA,MIN,TOR C
0%
756 Lorenzen Wright 13664 17.23 1997 2009 ATL,CLE,LAC,MEM,SAC C
0%
2749 Lorenzo Brown 906 8.47 2014 2019 MIN,PHI,PHO,TOR PG
0%
3711 Lorenzo Charles 198 4.95 1986 1986 ATL SF
0%
1666 Lorenzo Romar 4491 14.77 1981 1985 DET,GSW,MIL PG
0%
1884 Lorenzo Williams 3341 13.05 1993 2000 BOS,CHH,DAL,ORL,WAS,WSB PF,C
0%
1723 Lou Amundson 4134 9.05 2007 2016 CHI,CLE,GSW,IND,MIN,NOH,NOP,NYK,PHI,PHO,UTA PF
0%
1864 Louie Dampier 3465 14.03 1968 1979 SAS PG
0%
1801 Louie Nelson 3735 16.67 1974 1978 CAP,KCK,NJN,NOJ,SAS SG,PG
0%
3614 Louis King 239 8.85 2020 2023 DET,PHI,SAC SF,PF
0%
993 Louis Orr 10259 17.36 1981 1988 IND,NYK SF,PF
0%
3506 Lou Roe 289 4.25 1996 1997 DET,GSW SF
0%
2184 Lou Tsioropoulos 2152 12.81 1957 1959 BOS SF
0%
2331 Lowes Moore 1719 15.35 1981 1983 CLE,NJN,SDC PG
0%
3357 Loy Petersen 362 5.25 1969 1970 CHI SG
0%
725 Loy Vaught 14080 20.00 1991 2001 DAL,DET,LAC,WAS PF
0%
2560 Lucas Nogueira 1237 8.03 2015 2018 TOR C
0%
927 Lucious Harris 11236 13.16 1994 2005 CLE,DAL,NJN,PHI SG,PG
0%
821 Lucious Jackson 12656 21.90 1965 1972 PHI PF,C
0%
456 Lucius Allen 19628 26.35 1970 1979 KCK,LAL,MIL,SEA PG
0%
2886 Luka Samanic 742 8.63 2020 2024 SAS,UTA PF
0%
1904 Luke Babbitt 3259 8.51 2011 2018 ATL,MIA,NOP,POR SF,PF
0%
3073 Luke Harangody 562 8.03 2011 2012 BOS,CLE PF
0%
3146 Luke Jackson 498 6.55 2005 2008 CLE,LAC,MIA,TOR SF
0%
1660 Luke Kornet 4523 11.39 2018 2025 BOS,CHI,CLE,MIL,NYK C
0%
509 Luke Ridnour 18416 21.62 2004 2015 CHA,MIL,MIN,ORL,SEA PG,SG
0%
3853 Luke Schenscher 149 4.38 2006 2007 CHI,POR C
0%
2722 Luke Witte 940 7.52 1974 1976 CLE C
0%
1519 Luther Head 5567 15.46 2006 2011 HOU,IND,MIA,SAC SG,PG
0%
2044 Luther Rackley 2650 11.42 1970 1974 CIN,CLE,NYK,PHI C
0%
3447 Lynn Greer 318 7.76 2007 2007 MIL SG
0%
3835 Maalik Wayns 153 5.28 2013 2014 LAC,PHI PG
0%
3053 Maceo Baston 581 5.48 2003 2009 IND,TOR PF
0%
3253 Maciej Lampe 419 6.55 2004 2006 HOU,NOH,NOK,PHO C
0%
1893 Mack Calvin 3295 13.73 1970 1981 CLE,DEN,LAL,SAS,UTA PG
0%
3670 Mac Otten 214 3.63 1950 1950 STB,TRI
0%
1788 Major Jones 3815 9.71 1980 1985 DET,HOU PF
0%
3414 Malachi Richardson 334 4.77 2017 2019 SAC,TOR SG
0%
2027 Malaki Branham 2708 14.40 2023 2025 SAS SG,PG
0%
2320 Malcolm Delaney 1754 13.70 2017 2018 ATL PG
0%
3883 Malcolm Hill 141 5.88 2022 2023 ATL,CHI SG,SF
0%
3409 Malcolm Lee 337 9.36 2012 2015 MIN,PHI SG
0%
3690 Malcolm Miller 205 3.20 2018 2020 TOR SF
0%
3656 Malcolm Thomas 220 5.12 2012 2015 CHI,GSW,PHI,SAS,UTA PF
0%
3021 Mal Graham 608 7.90 1968 1969 BOS PG
0%
1630 Malik Allen 4681 9.23 2002 2011 CHA,CHI,DAL,DEN,MIA,MIL,NJN,ORL PF
0%
3465 Malik Hairston 310 5.00 2009 2010 SAS SG
0%
1116 Malik Sealy 9014 17.78 1993 2000 DET,IND,LAC,MIN SF,SG
0%
2734 Mal McMullen 927 8.06 1950 1951 INO
0%
3275 Mamadi Diakite 405 6.14 2021 2024 CLE,MIL,NYK,OKC,SAS C,PF
0%
3049 Mamadou N'Diaye 584 8.46 2001 2005 ATL,DAL,LAC,TOR C
0%
2600 Manny Harris 1148 12.34 2011 2017 CLE,DAL,LAL SG
0%
2143 Manny Leaks 2328 16.99 1969 1974 CAP,PHI C
0%
2733 Marcelo Huertas 927 12.20 2016 2017 LAL PG
0%
1466 Marc Iavaroni 5949 10.36 1983 1989 PHI,SAS,UTA PF
0%
1476 Marc Jackson 5895 14.77 2001 2007 GSW,MIN,NJN,NOK,PHI C,PF
0%
3756 Marcus Bagley 178 17.80 2025 2025 PHI SF
0%
1669 Marcus Banks 4468 12.38 2004 2011 BOS,MIA,MIN,PHO,TOR PG
0%
3777 Marcus Brown 170 6.30 1997 2000 DET,POR SG,PG
0%
1583 Marcus Fizer 5041 17.44 2001 2006 CHI,MIL,NOK PF,SF
0%
3951 Marcus Garrett 123 7.69 2022 2025 CHO,MIA SG
0%
3939 Marcus Georges-Hunt 126 2.57 2017 2018 MIN,ORL SG
0%
3093 Marcus Haislip 547 5.95 2003 2010 IND,MIL,SAS PF,SF
0%
1833 Marcus Liberty 3617 13.55 1991 1994 DEN,DET SF
0%
2238 Marcus Sasser 1990 15.55 2024 2025 DET PG
0%
1119 Marcus Thornton 9001 18.26 2010 2017 BOS,BRK,HOU,NOH,PHO,SAC,WAS SG
0%
1999 Marcus Williams 2797 13.01 2007 2010 GSW,MEM,NJN PG
0%
2283 Mardy Collins 1864 9.86 2007 2010 LAC,NYK PG,SG,SF
0%
3064 Mario Bennett 570 7.70 1996 2000 CHI,LAC,LAL,PHO PF,SF
0%
1657 Mario Hezonja 4525 13.47 2016 2020 NYK,ORL,POR SF,PF
0%
3232 Mario Kasun 434 5.95 2005 2006 ORL C
0%
3165 Mario West 482 2.59 2008 2011 ATL,NJN SG
0%
2659 MarJon Beauchamp 1035 7.29 2023 2025 LAC,MIL,NYK SF
0%
1844 Mark Acres 3549 9.01 1988 1993 BOS,HOU,ORL,WSB C
0%
1653 Mark Alarie 4554 13.84 1987 1991 DEN,WSB PF
0%
1040 Mark Blount 9818 15.66 2001 2009 BOS,DEN,MIA,MIN C
0%
3845 Mark Bradtke 151 4.19 1997 1997 PHI C
0%
1081 Mark Bryant 9343 10.67 1989 2003 BOS,CHI,CLE,DAL,DEN,HOU,PHI,PHO,POR,SAS PF,C
0%
3922 Mark Crow 133 8.87 1978 1978 NJN SF
0%
2577 Markel Brown 1188 10.33 2015 2018 BRK,HOU SG
0%
3680 Mark G. Davis 210 6.36 1989 1989 MIL,PHO SF
0%
2760 Mark Hendrickson 888 7.79 1997 2000 CLE,NJN,PHI,SAC PF
0%
1445 Mark Landsberger 6084 12.73 1978 1984 ATL,CHI,LAL PF,C
0%
1881 Mark Macon 3377 13.45 1992 1999 DEN,DET SG,PG
0%
1966 Mark Madsen 2947 5.87 2001 2009 LAL,MIN PF,C
0%
2220 Mark McNamara 2050 7.17 1983 1991 KCK,LAL,ORL,PHI,SAS C
0%
3367 Marko Guduric 356 8.09 2020 2020 MEM SG
0%
1183 Marko Jaric 8304 18.58 2003 2009 LAC,MEM,MIN SF,PG,SG
0%
481 Mark Olberding 18929 20.76 1976 1987 CHI,KCK,SAC,SAS PF,SF
0%
3736 Marko Milic 186 4.04 1998 1999 PHO SF,SG
0%
2846 Mark Pope 794 4.78 1998 2005 DEN,IND,MIL PF,SF
0%
2839 Mark Radford 801 8.26 1982 1983 SEA SG
0%
2989 Mark Randall 642 4.98 1992 1995 CHI,DEN,DET,MIN PF
0%
2088 Mark Strickland 2488 8.55 1995 2003 ATL,DAL,DEN,IND,MIA,NJN SF,PF
0%
3307 Markus Howard 386 5.01 2021 2022 DEN SG
0%
655 Mark West 15324 12.93 1984 2000 ATL,CLE,DAL,DET,IND,MIL,PHO C
0%
2022 Mark Williams 2728 25.74 2023 2025 CHO C
0%
2924 Mark Workman 704 8.91 1953 1954 BLB,MLH,PHW PF
0%
3981 Marlon Garnett 114 4.75 1999 1999 BOS PG
0%
2706 Marlon Maxey 964 9.84 1993 1994 MIN PF
0%
2770 Marlon Redmond 871 11.17 1979 1980 KCK,PHI SG
0%
3592 Marques Bragg 251 4.74 1996 1996 MIN PF
0%
1123 Marquis Daniels 8995 14.67 2004 2013 BOS,DAL,IND,MIL SF,SG
0%
2974 Marquis Teague 650 6.57 2013 2018 BRK,CHI,MEM SG,PG
0%
969 Marreese Speights 10490 13.71 2009 2018 CLE,GSW,LAC,MEM,ORL,PHI C,PF
0%
3584 Marshall Hawkins 254 6.20 1950 1950 INO
0%
3826 Marshall Plumlee 155 5.34 2017 2018 MIL,NYK C
0%
3871 Marshall Rogers 145 5.37 1977 1977 GSW PG
0%
2009 MarShon Brooks 2761 13.34 2012 2019 BOS,BRK,GSW,LAL,MEM,NJN SG
0%
1147 Martell Webster 8691 14.53 2006 2015 MIN,POR,WAS SF
0%
3840 Martin Lewis 152 6.08 1996 1997 TOR SF
0%
2893 Martin Muursepp 736 8.87 1997 1998 DAL,MIA PF
0%
3747 Martin Nessley 182 4.14 1988 1988 LAC,SAC C
0%
1944 Marty Byrnes 3044 11.40 1979 1983 DAL,IND,LAL,NOJ,PHO SF
0%
1621 Marty Conlon 4763 12.44 1992 2000 BOS,CHH,LAC,MIA,MIL,SAC,SEA,WSB C
0%
3683 Marty Passaglia 208 3.53 1947 1949 INJ,WSC
0%
1886 Marvin Barnes 3331 19.48 1975 1980 BOS,BUF,DET,SDC PF
0%
881 Marvin Webster 11800 18.82 1976 1987 DEN,MIL,NYK,SEA C
0%
3937 Marv Roberts 127 4.54 1972 1977 LAL SF
0%
3726 Marv Schatzman 191 5.62 1950 1950 BLB
0%
3220 Mason Jones 440 8.63 2021 2025 HOU,LAL,PHI,SAC SG
0%
2549 Matas Buzelis 1248 15.41 2025 2025 CHI SF
0%
1440 Matt Bullard 6091 9.37 1991 2002 ATL,CHH,HOU PF,SF
0%
1615 Matt Carroll 4792 10.33 2004 2013 CHA,DAL,POR,SAS SG
0%
3336 Matt Fish 370 7.40 1995 1997 DEN,LAC,MIA,NYK,WSB C
0%
3502 Matt Freije 291 6.93 2005 2007 ATL,NOH PF
0%
1016 Matt Geiger 10070 17.10 1993 2002 CHH,MIA,PHI C
0%
953 Matt Guokas 10814 13.60 1967 1976 BUF,CHI,CIN,HOU,KCK,KCO,PHI SG,SF
0%
718 Matt Harpring 14195 19.91 1999 2009 CLE,ORL,PHI,UTA SG,SF
0%
1586 Matt Maloney 5027 15.91 1997 2003 ATL,CHI,HOU PG
0%
3823 Matt Mazza 156 6.00 1950 1950 SHE
0%
2776 Matt Thomas 867 6.24 2020 2022 CHI,TOR,UTA SG
0%
3268 Matt Zunic 411 6.32 1949 1949 WSC
0%
3517 Maurice Ager 283 3.33 2007 2011 DAL,MIN,NJN SG
0%
1350 Maurice Evans 6804 11.01 2002 2012 ATL,DET,LAL,MIN,ORL,SAC,WAS SF,SG
0%
3009 Maurice King 620 16.32 1960 1963 BOS,CHZ PG
0%
3194 Maurice Martin 465 6.20 1987 1988 DEN SF
0%
3698 Maurice Ndour 201 6.28 2017 2017 NYK PF
0%
1004 Maurice Taylor 10168 18.86 1998 2007 HOU,LAC,NYK,SAC SF,PF,C
0%
2151 Max Christie 2290 11.57 2023 2025 DAL,LAL SG
0%
2556 Max Morris 1240 19.08 1950 1950 SHE
0%
1294 Max Strus 7249 19.33 2020 2025 CHI,CLE,MIA SF
0%
3577 Maxwell Lewis 255 4.05 2024 2025 BRK,LAL SF
0%
3648 McCoy Ingram 223 9.29 1958 1958 MNL PF
0%
1026 McCoy McLemore 9938 16.62 1965 1972 CHI,CLE,DET,HOU,MIL,PHO,SFW SF
0%
3487 McKinley Wright IV 301 9.41 2022 2023 DAL,MIN PG
0%
1699 Med Park 4228 12.47 1956 1960 CIN,STL SG,SF
0%
2555 Mel Bennett 1241 9.62 1976 1982 CLE,IND,UTA PF
0%
672 Mel Counts 15002 17.16 1965 1976 BAL,BOS,LAL,NOJ,PHI,PHO C,PF
0%
2154 Mel Davis 2277 11.56 1974 1977 NYK,NYN PF
0%
841 Mel Hutchins 12326 26.56 1952 1958 FTW,MLH,NYK PF,C
0%
3523 Mel McGaha 283 5.34 1949 1949 NYK
0%
3191 Mel Nowell 467 11.97 1963 1968 CHZ SG
0%
2537 Mel Payton 1279 11.03 1952 1953 INO,PHW SF
0%
2209 Mel Riebe 2072 13.63 1947 1949 BOS,CLR,PRO
0%
3354 Melvin Booker 363 11.34 1996 1997 DEN,GSW,HOU PG
0%
1736 Melvin Ely 4065 10.64 2003 2014 CHA,DEN,LAC,NOH,NOP,SAS PF,C
0%
3854 Melvin Frazier 148 4.23 2019 2022 OKC,ORL SG
0%
3497 Melvin Newbern 294 8.91 1993 1993 DET SG
0%
1505 Melvin Turpin 5656 15.20 1985 1990 CLE,UTA,WSB C
0%
3402 Mengke Bateer 340 7.39 2002 2004 DEN,SAS,TOR C
0%
3505 Mfiondu Kabengele 289 5.25 2020 2023 BOS,CLE,LAC PF,C
0%
3025 Micah Potter 606 9.47 2022 2025 DET,UTA C,PF
0%
388 Michael Adams 21650 32.17 1986 1996 CHH,DEN,SAC,WSB PG
0%
2982 Michael Anderson 646 17.94 1989 1989 SAS PG
0%
2285 Michael Ansley 1856 12.46 1990 1992 CHH,ORL,PHI SF
0%
800 Michael Beasley 13043 20.57 2009 2019 HOU,LAL,MIA,MIL,MIN,NYK,PHO PF,SF
0%
2496 Michael Bradley 1335 7.67 2002 2006 ATL,ORL,PHI,SAC,TOR C,PF
0%
1190 Michael Brooks 8245 25.53 1981 1988 DEN,IND,SDC SF
0%
3545 Michael Bytzura 272 4.53 1947 1947 PIT
0%
393 Michael Cage 21507 18.03 1985 2000 CLE,LAC,NJN,PHI,SEA C,PF
0%
1553 Michael Dickerson 5302 24.55 1999 2003 HOU,MEM,VAN SG
0%
1442 Michael Doleac 6087 9.85 1999 2008 CLE,DEN,MIA,MIN,NYK,ORL C
0%
3197 Michael Hawkins 459 5.96 1997 2001 BOS,CHH,CLE,SAC PG
0%
1625 Michael Holton 4737 14.18 1985 1990 CHH,CHI,PHO,POR PG,SG
0%
1883 Michael Ruffin 3373 7.77 2000 2009 CHI,MIL,PHI,POR,UTA,WAS PF,C
0%
2554 Michael Smith 1242 8.45 1990 1995 BOS,LAC PF
0%
2221 Michael Stewart 2049 7.07 1998 2005 ATL,BOS,CLE,SAC,TOR PF,C
0%
1258 Michael 'The Animal' Smith 7711 17.02 1995 2001 SAC,VAN,WAS PF,SF
0%
2608 Michael Wiley 1136 11.71 1981 1982 SAS,SDC PF
0%
3582 Michael Wilson 254 7.94 1984 1987 ATL,CLE,NJN,WSB PG,SG
0%
899 Micheal Williams 11561 26.95 1989 1999 CHH,DET,IND,MIN,PHO,TOR PG
0%
2511 Mickael Gelabale 1315 9.07 2007 2013 MIN,SEA SF,SG
0%
1151 Mickael Pietrus 8656 13.83 2004 2013 BOS,GSW,ORL,PHO,TOR SG,PG,SF
0%
3855 Mickell Gladness 148 5.69 2012 2012 GSW,MIA PF
0%
1925 Mickey Davis 3146 10.25 1972 1977 MIL SF
0%
3795 Mickey Dillard 166 5.03 1982 1982 CLE PG
0%
2799 Mickey Rottner 846 7.42 1947 1948 CHS
0%
533 Mike Bantom 17823 24.25 1974 1982 IND,NYN,PHI,PHO,SEA SF,PF
0%
2810 Mike Barr 835 11.44 1973 1977 KCK SG
0%
2751 Mike Batiste 900 12.00 2003 2003 MEM PF
0%
2828 Mike Bloom 816 8.41 1948 1949 BLB,BOS,CHS,MNL
0%
1019 Mike Bratz 10022 16.09 1978 1986 CHI,CLE,GSW,PHO,SAC,SAS PG
0%
3850 Mike Brittain 150 3.85 1986 1987 SAS C
0%
410 Mike Dunleavy Jr. 21196 20.82 2003 2017 ATL,CHI,CLE,GSW,IND,MIL SF,PF,SG
0%
1122 Mike Dunleavy Sr. 8998 17.82 1977 1990 HOU,MIL,PHI,SAS PG,SG
0%
1430 Mike Farmer 6146 13.72 1959 1966 CIN,NYK,STL SF
0%
2253 Mike Flynn 1956 13.58 1976 1978 IND SG,PG
0%
1022 Mike Gale 9991 20.77 1972 1982 GSW,POR,SAS PG,SG
0%
3570 Mike Gibson 259 4.05 1984 1986 DET,WSB PF
0%
1261 Mike Glenn 7641 12.42 1978 1987 ATL,BUF,MIL,NYK SG,PG
0%
368 Mike Gminski 22058 22.67 1981 1994 CHH,MIL,NJN,PHI C
0%
1592 Mike Green 4974 18.77 1974 1980 KCK,SAS,SEA C
0%
2473 Mike Harper 1371 11.06 1981 1982 POR PF
0%
3345 Mike Harris 367 6.44 2008 2014 HOU,UTA,WAS PF
0%
2092 Mike Iuzzolino 2467 20.22 1992 1993 DAL PG
0%
3562 Mike Lynn 264 5.08 1970 1971 BUF,LAL SF
0%
2861 Mike McCarron 782 11.50 1947 1950 BLB,STB,TRH
0%
3978 Mike Morrison 116 3.22 1990 1990 PHO SG
0%
1389 Mike Muscala 6434 11.04 2014 2024 ATL,BOS,DET,LAL,OKC,PHI,WAS PF,C
0%
3672 Mike Niles 213 4.63 1981 1981 PHO SF
0%
2835 Mike Novak 805 6.24 1949 1954 PHW,ROC,SYR PF
0%
1321 Mike O'Koren 7070 16.56 1981 1988 NJN,WSB SF
0%
3132 Mike Penberthy 509 9.09 2001 2002 LAL PG
0%
3187 Mike Peplowski 468 6.88 1994 1996 DET,MIL,SAC,WSB C
0%
2660 Mike P. James 1035 17.84 2018 2021 BRK,NOP,PHO PG
0%
2883 Mike Price 748 5.89 1971 1973 NYK,PHI SG
0%
3127 Mike Ratliff 511 8.52 1973 1974 KCO C
0%
831 Mike Riordan 12536 17.34 1969 1977 BAL,CAP,NYK,WSB SF,SG
0%
982 Mike Sanders 10347 14.47 1983 1993 CLE,IND,PHO,SAS SF
0%
3704 Mike Silliman 199 5.53 1971 1971 BUF SF
0%
2521 Mike Smrek 1296 6.03 1986 1992 CHI,GSW,LAC,LAL,SAS C,PF
0%
1869 Mike Sojourner 3433 17.97 1975 1977 ATL C,PF
0%
1920 Mike Sweetney 3159 12.95 2004 2007 CHI,NYK C,PF
0%
3006 Mike Taylor 624 12.24 2009 2009 LAC PG
0%
2025 Mike Todorovich 2719 20.29 1950 1951 STB,TRI
0%
2425 Mike Wilks 1458 6.10 2003 2010 ATL,CLE,DEN,HOU,MIN,OKC,SAS,SEA,WAS SG,PG
0%
526 Mike Woodson 17960 22.48 1981 1991 CLE,HOU,KCK,LAC,NJN,NYK,SAC SG
0%
1318 Mikki Moore 7085 12.03 1999 2012 ATL,BOS,DET,GSW,LAC,NJN,SAC,SEA,UTA C,PF
0%
1900 Miles McBride 3276 11.91 2022 2025 NYK PG
0%
2701 Milo Komenich 978 13.58 1950 1950 AND
0%
1482 Milt Palacio 5822 12.39 2000 2006 BOS,CLE,PHO,TOR,UTA,VAN PG,SG
0%
2814 Milt Schoon 831 7.84 1947 1950 DTF,SHE
0%
3236 Milt Wagner 432 7.45 1988 1991 LAL,MIA SG
0%
3075 Milt Williams 562 8.26 1971 1975 ATL,NYK,SEA PG
0%
2902 Mindaugas Kuzminskas 729 10.57 2017 2018 NYK SF
0%
3338 Miroslav Raduljica 369 6.96 2014 2015 MIL,MIN C
0%
1647 Mirza Teletovic 4574 13.34 2013 2018 BRK,MIL,PHO PF,SF
0%
1847 Mitchell Butler 3539 9.72 1994 2004 CLE,POR,WAS,WSB SG
0%
1304 Mitchell Wiggins 7177 17.17 1984 1992 CHI,HOU,PHI SG
0%
3170 Mitch McGary 479 9.21 2015 2016 OKC PF
0%
3337 Miye Oni 369 4.10 2020 2022 UTA SF,SG
0%
837 M.L. Carr 12369 18.43 1976 1985 BOS,DET SF
0%
1506 Mo Bamba 5651 15.40 2019 2025 LAC,LAL,NOP,ORL,PHI C
0%
3903 Moe Barr 137 4.42 1971 1971 CIN
0%
3650 Moe Becker 222 5.16 1947 1947 BOS,DTF,PIT
0%
3489 Mo Howard 300 9.38 1977 1977 CLE,NOJ SG
0%
1825 Mo Layton 3639 13.78 1972 1978 NYK,PHO,POR,SAS SG,PG
0%
1570 Monk Meineke 5128 13.93 1953 1958 CIN,FTW,ROC PF
0%
3358 Monte Towe 360 6.92 1976 1977 DEN PG
0%
1469 Moochie Norris 5946 13.30 1997 2006 HOU,NOK,NYK,SEA,VAN PG
0%
1929 Morlon Wiley 3123 10.59 1989 1995 ATL,DAL,MIA,ORL,SAS PG
0%
3691 Morris Almond 205 5.39 2008 2012 UTA,WAS SG
0%
771 Morris Peterson 13475 18.11 2001 2011 NOH,OKC,TOR SG,SF
0%
2288 Moses Brown 1852 11.36 2020 2025 BRK,CLE,DAL,IND,LAC,OKC,POR C
0%
1877 Moses Moody 3383 11.51 2022 2025 GSW SG
0%
3097 Mouhamed Gueye 544 12.95 2024 2025 ATL PF
0%
3689 Mouhamed Sene 206 4.38 2007 2009 NYK,OKC,SEA C
0%
2558 Moussa Diabate 1238 11.90 2023 2025 CHO,LAC C
0%
2969 Murray Wier 653 11.07 1950 1950 TRI
0%
3888 Mustafa Shakur 140 5.60 2011 2014 OKC,WAS PG
0%
2915 Mychal Mulder 714 8.30 2020 2022 GSW,MIA,ORL SF,PG
0%
3643 Myke Henry 226 11.30 2018 2018 MEM SF
0%
1512 Naji Marshall 5608 17.80 2021 2025 DAL,NOP SF
0%
2591 Nando De Colo 1158 9.26 2013 2014 SAS,TOR SG,SF
0%
2081 Nassir Little 2522 10.34 2020 2024 PHO,POR SF,PF
0%
2249 Nate Bowman 1968 7.24 1967 1972 BUF,CHI,NYK C
0%
3954 Nate DeLong 123 7.24 1952 1952 MLH
0%
2365 Nate Hawthorne 1615 8.97 1974 1976 LAL,PHO SG
0%
3825 Nate Hinton 155 4.08 2021 2024 DAL,HOU,IND SG
0%
815 Nate Williams 12783 19.91 1972 1979 CIN,GSW,KCO,NOJ SG,SF
0%
2613 Nate Wolters 1124 13.38 2014 2018 MIL,NOP,UTA PG
0%
3491 Nathan Jawai 299 6.64 2009 2010 MIN,TOR C,PF
0%
2869 Nathan Knight 771 6.53 2021 2023 ATL,MIN PF,C
0%
3906 Nathan Mensah 136 5.44 2024 2024 CHO C
0%
3426 Nat Militzok 328 5.75 1947 1947 NYK,TRH
0%
710 Neal Walk 14323 24.87 1970 1977 NOJ,NYK,PHO C
0%
2574 Neemias Queta 1195 10.21 2022 2025 BOS,SAC C
0%
1761 Negele Knight 3924 13.39 1991 1999 DET,PHO,POR,SAS,TOR PG
0%
2243 Neil Johnson 1986 9.46 1967 1973 NYK,PHO PF
0%
2097 Nelson Bobb 2449 10.51 1950 1953 PHW PG
0%
1214 Nenad Krstic 8124 18.17 2005 2011 BOS,NJN,OKC C,PF
0%
2309 Nick Calathes 1772 12.84 2014 2015 MEM SG
0%
743 Nick Collison 13830 13.82 2005 2018 OKC,SEA C,PF
0%
3617 Nick Fazekas 237 9.12 2008 2008 DAL,LAC PF
0%
3775 Nick Johnson 170 4.59 2015 2015 HOU SG
0%
2316 Nick Jones 1765 9.05 1968 1973 GSW,SDR,SFW SG,PG
0%
3128 Nick Mantis 511 9.83 1960 1963 CHZ,MNL,STL SG
0%
1747 Nick Richards 3994 15.48 2021 2025 CHO,PHO PF,C
0%
3456 Nick Shaback 315 5.63 1947 1947 CLR
0%
2390 Nick Smith Jr. 1541 13.88 2024 2025 CHO SG
0%
3003 Nick Vanos 629 9.25 1986 1987 PHO C
0%
3344 Nicolas Brussino 367 6.33 2017 2018 ATL,DAL SF,SG
0%
3930 Nicolas Laprovittola 130 7.22 2017 2017 SAS PG
0%
2589 Nicolo Melli 1164 10.78 2020 2021 DAL,NOP PF,C
0%
3432 Nico Mannion 326 10.87 2021 2021 GSW PG
0%
2199 Nikola Jovic 2105 16.84 2023 2025 MIA PF
0%
2604 Nikoloz Tskitishvili 1144 6.50 2003 2006 DEN,GSW,MIN,PHO SF,PF
0%
1695 Nik Stauskas 4255 11.95 2015 2022 BOS,BRK,CLE,MIA,PHI,POR,SAC SG
0%
2684 Noah Clowney 1000 14.49 2024 2025 BRK PF
0%
1679 Noah Vonleh 4363 11.70 2015 2023 BOS,BRK,CHI,CHO,DEN,MIN,NYK,POR C,PF
0%
1718 Noble Jorgensen 4154 14.47 1947 1953 PIT,SHE,SYR,TRI C
0%
3050 Nolan Smith 583 6.94 2012 2013 POR PG
0%
3948 Norm Cook 124 4.43 1977 1978 BOS,DEN SF
0%
3663 Norm Mager 217 9.04 1951 1951 BLB
0%
3507 Norm Swanson 289 4.19 1954 1954 ROC SF
0%
3535 Norris Coleman 277 9.55 1988 1988 LAC SF
0%
3601 Norvel Pelle 247 6.02 2020 2022 BRK,NYK,PHI,SAC,UTA C
0%
2672 Obinna Ekezie 1020 7.13 2000 2005 ATL,DAL,LAC,VAN,WAS C,PF
0%
1984 Ochai Agbaji 2874 14.30 2023 2025 TOR,UTA SG
0%
1250 Odie Spears 7787 15.24 1949 1957 CHS,FTW,ROC,STL SF
0%
3926 Odis Allison 132 3.67 1972 1972 GSW SF
0%
754 O.J. Mayo 13704 23.92 2009 2016 DAL,MEM,MIL SG
0%
3527 Okaro White 281 6.39 2017 2019 MIA,WAS PF
0%
501 Olden Polynice 18548 16.94 1988 2004 DET,LAC,SAC,SEA,UTA C
0%
2848 Oleksiy Pecherov 792 6.95 2008 2010 MIN,WAS C
0%
970 Oliver Miller 10486 19.35 1993 2004 DAL,DET,MIN,PHO,SAC,TOR C,PF
0%
3794 Oliver Robinson 166 4.74 1983 1983 SAS SG
0%
2929 Olivier-Maxence Prosper 699 7.36 2024 2025 DAL PF
0%
3188 Olivier Sarr 467 10.15 2022 2024 OKC C
0%
949 Ollie Johnson 10869 15.40 1973 1982 ATL,CHI,KCK,KCO,NOJ,PHI,POR SF
0%
2305 Ollie Mack 1791 13.99 1980 1982 CHI,DAL,LAL SG
0%
3293 Olumide Oyedeji 393 4.09 2001 2003 ORL,SEA C
0%
3813 Omar Cook 159 7.23 2004 2005 POR,TOR PG
0%
2486 Omari Spellman 1351 14.22 2019 2020 ATL,GSW PF,C
0%
1289 Omer Asık 7353 14.47 2011 2018 CHI,HOU,NOP C
0%
2481 Omer Yurtseven 1364 10.49 2022 2024 MIA,UTA C
0%
1134 Omri Casspi 8817 14.99 2010 2019 CLE,GSW,HOU,MEM,MIN,NOP,SAC SF,PF
0%
3877 Onuralp Bitim 143 6.22 2024 2024 CHI SG
0%
1361 Onyeka Okongwu 6740 19.77 2021 2025 ATL C
0%
2719 Orien Greene 944 7.21 2006 2011 BOS,IND,NJN,SAC PG,SG
0%
2931 Orlando Johnson 696 6.05 2013 2016 IND,NOP,PHO,SAC SG
0%
2520 Orlando Robinson 1298 11.49 2023 2025 MIA,SAC,TOR C
0%
2926 Oscar Torres 702 8.56 2002 2003 GSW,HOU SG
0%
3459 Oscar Tshiebwe 312 13.57 2024 2025 IND,UTA PF,C
0%
1935 Oshae Brissett 3088 12.60 2020 2025 BOS,IND,PHI,TOR SF,PF
0%
2953 Oso Ighodaro 676 11.08 2025 2025 PHO PF
0%
2970 Ossie Schectman 653 12.09 1947 1947 NYK
0%
1031 Othella Harrington 9891 13.42 1997 2008 CHA,CHI,HOU,NYK,VAN PF,C
0%
2329 Othell Wilson 1730 13.62 1985 1987 GSW,SAC PG
0%
3484 Othyus Jeffers 302 7.02 2010 2014 MIN,SAS,UTA,WAS SG
0%
3982 Otis Howard 114 8.14 1979 1979 DET,MIL PF
0%
742 Otto Moore 13839 20.29 1969 1977 DET,HOU,KCO,NOJ,PHO C
0%
3234 Otto Schnellbacher 433 9.62 1949 1949 PRO,STB
0%
2667 Ousmane Dieng 1024 8.33 2023 2025 OKC PF,C
0%
3703 Owen Wells 199 5.38 1975 1975 HOU SF
0%
2898 Ozell Jones 734 9.79 1985 1986 LAC,SAS C
0%
1835 Pablo Prigioni 3588 11.84 2013 2016 HOU,LAC,NYK PG
0%
2388 Pace Mannion 1545 6.90 1984 1989 ATL,DET,GSW,MIL,NJN,UTA SF
0%
3119 Pape Sow 515 6.78 2005 2007 TOR C
0%
2728 Pat Burke 934 6.72 2003 2007 ORL,PHO C
0%
813 Pat Cummings 12825 17.99 1980 1991 DAL,MIA,MIL,NYK,UTA C,PF
0%
3811 Pat Dunn 160 5.16 1958 1958 PHW SG
0%
3016 Pat Durham 615 9.61 1993 1995 GSW,MIN SF
0%
3543 Pat Frink 274 5.71 1969 1969 CIN SG
0%
1328 Pat Garrity 6957 12.16 1999 2008 ORL,PHO SF,PF
0%
2957 Patrick Baldwin Jr. 670 6.98 2023 2025 GSW,LAC,WAS SF
0%
3248 Patrick O'Bryant 421 4.68 2007 2010 BOS,GSW,TOR C
0%
3408 Pat Spencer 337 6.36 2024 2025 GSW PG
0%
3173 Paul Davis 476 5.80 2007 2010 LAC,WAS C,PF
0%
2997 Paul Dawkins 637 11.18 1980 1980 UTA SF
0%
1985 Paul Graham 2871 15.77 1992 1994 ATL SG
0%
1206 Paul Griffin 8170 16.67 1977 1983 NOJ,SAS PF,C
0%
1395 Paul Hoffman 6374 19.32 1948 1955 BLB,NYK,PHW SG,PG
0%
2705 Paul Hogue 966 14.86 1963 1964 BAL,NYK C
0%
3625 Paul Huston 235 4.61 1948 1948 CHS
0%
3211 Paul Long 447 6.21 1968 1971 BUF,DET SG
0%
3478 Paul McCracken 305 8.24 1973 1977 CHI,HOU SG
0%
3212 Paul McPherson 446 8.11 2001 2001 GSW,PHO PG
0%
1298 Paul Mokeski 7214 9.45 1980 1991 CLE,DET,GSW,HOU,MIL C
0%
1060 Paul Neumann 9655 20.11 1962 1967 PHI,SFW,SYR PG
0%
2638 Paul Noel 1079 4.86 1948 1952 NYK,ROC
0%
1867 Paul Reed 3453 11.59 2021 2025 DET,PHI C,PF
0%
3730 Paul Ruffner 188 3.48 1971 1976 BUF,CHI C
0%
767 Paul Seymour 13540 19.68 1948 1960 BLB,SYR SG,PG
0%
3804 Paul Stovall 163 6.52 1973 1974 PHO SF
0%
2053 Paul Thompson 2602 16.57 1984 1986 CLE,MIL,PHI SF
0%
1423 Paul Walther 6207 15.79 1950 1955 FTW,INO,MNL,PHW SG
0%
3374 Paul Watson 353 7.35 2020 2022 ATL,OKC,TOR SF
0%
1795 Pearl Washington 3767 19.42 1987 1989 MIA,NJN PG
0%
3089 Pelle Larsson 550 9.32 2025 2025 MIA SG
0%
3820 Pepe Sanchez 156 4.11 2001 2003 ATL,DET,PHI PG
0%
1638 Pep Saul 4616 10.66 1950 1955 BLB,MLH,MNL,ROC SG
0%
2380 Pero Antic 1569 11.62 2014 2015 ATL C
0%
2510 Perry Moss 1317 8.72 1986 1987 GSW,PHI,WSB PG
0%
1446 Pete Chilcutt 6082 10.05 1992 2000 CLE,DET,HOU,LAC,SAC,UTA,VAN PF
0%
1965 Pete Cross 2950 16.21 1971 1973 KCO,SEA C
0%
1635 Pete Myers 4639 11.57 1987 1998 CHH,CHI,MIA,NJN,NYK,PHI,SAS SG
0%
2875 Peter Thibeaux 762 8.19 1985 1986 GSW SF
0%
2186 Pete Verhoeven 2143 7.52 1982 1987 GSW,IND,KCK,POR PF
0%
3308 Pete Williams 386 6.23 1986 1987 DEN PF
0%
3674 Petey Rosenberg 212 3.53 1947 1947 PHW
0%
2307 Petur Guðmundsson 1776 10.83 1982 1989 LAL,POR,SAS C
0%
3868 Peyton Siva 146 6.08 2014 2014 DET SG
0%
2072 Peyton Watson 2543 12.72 2023 2025 DEN SG,SF
0%
3641 Phil Farbman 227 4.73 1949 1949 BOS,PHW
0%
3682 Phil Hankinson 208 5.94 1974 1975 BOS SF
0%
3477 Phil Hicks 306 5.28 1977 1979 CHI,DEN,HOU SF
0%
784 Phil Hubbard 13239 19.67 1980 1989 CLE,DET SF,PF
0%
1068 Phil Jordon 9583 20.92 1957 1963 CIN,DET,NYK,STL C,PF
0%
2731 Phil Lumpkin 930 9.39 1975 1976 PHO,POR PG
0%
2346 Phil Pressey 1682 11.21 2014 2016 BOS,PHI,PHO PG
0%
2172 Phil Rollins 2209 12.48 1959 1961 CIN,NYK,PHW,STL PG,SG
0%
3452 Phil Sellers 316 7.02 1977 1977 DET SG
0%
477 Phil Smith 19014 26.86 1975 1983 GSW,SDC,SEA SG
0%
3340 Phil Walker 369 8.39 1978 1978 WSB SG
0%
262 P.J. Brown 25442 21.29 1994 2008 BOS,CHH,CHI,MIA,NJN,NOH,NOK PF,C
0%
2359 PJ Dozier 1639 11.30 2018 2025 BOS,DEN,MIN,OKC,SAC SG,PG,SF
0%
3368 Plummer Lott 356 5.31 1968 1969 SEA SF
0%
515 Pooh Richardson 18265 28.32 1990 1999 IND,LAC,MIN PG
0%
1069 Popeye Jones 9560 17.87 1994 2004 BOS,DAL,DEN,GSW,TOR,WAS PF
0%
3299 Pop Goodwin 391 4.95 1947 1948 PRO
0%
3267 Pops Mensah-Bonsu 411 6.74 2007 2011 DAL,HOU,NOH,SAS,TOR PF
0%
3626 Porter Meriwether 234 7.55 1963 1963 SYR PG
0%
1770 Predrag Drobnjak 3882 13.81 2002 2005 ATL,LAC,SEA C
0%
3787 Predrag Savovic 167 6.19 2003 2003 DEN SG
0%
3604 Press Maravich 246 4.82 1947 1947 PIT
0%
2880 Price Brookfield 750 12.30 1949 1950 INJ,ROC
0%
3142 Priest Lauderdale 500 6.49 1997 1998 ATL,DEN C
0%
1681 Primoz Brezec 4353 12.58 2002 2010 CHA,DET,IND,MIL,PHI,TOR C
0%
1639 Quentin Grimes 4612 18.30 2022 2025 DAL,DET,NYK,PHI SG
0%
3208 Quenton Jackson 448 10.93 2023 2025 IND,WAS PG
0%
1849 Quincy Acy 3530 10.47 2013 2019 BRK,DAL,NYK,PHO,SAC,TOR PF,SF
0%
2686 Quincy Douby 997 6.97 2007 2009 SAC,TOR PG
0%
2602 Quincy Lewis 1146 6.70 2000 2004 MIN,UTA SF,SG
0%
3029 Quincy Miller 605 8.77 2013 2015 DEN,DET,SAC PF
0%
1891 Quincy Pondexter 3300 8.48 2011 2019 CHI,MEM,NOH,NOP,SAS SF,SG
0%
607 Quinn Buckner 16409 20.85 1977 1986 BOS,IND,MIL SG,PG
0%
2102 Quinn Cook 2442 10.71 2017 2021 CLE,DAL,GSW,LAL,NOP PG
0%
3740 Quinndary Weatherspoon 184 4.38 2020 2022 GSW,SAS SG
0%
2876 Quinten Post 758 13.78 2025 2025 GSW PF
0%
880 Quintin Dailey 11804 22.19 1983 1992 CHI,LAC,SEA SG
0%
1701 Quinton Ross 4221 8.98 2005 2011 DAL,LAC,MEM,NJN,WAS SF,SG
0%
2462 Qyntel Woods 1394 8.15 2003 2006 MIA,NYK,POR SF,PF
0%
3890 Radisav Curcic 140 7.00 1993 1993 DAL C
0%
863 Raef LaFrentz 12133 20.29 1999 2008 BOS,DAL,DEN,POR C,PF
0%
1763 Rafael Addison 3918 10.18 1987 1997 CHH,DET,NJN,PHO SF
0%
2711 Rafael Araujo 958 6.65 2005 2007 TOR,UTA C
0%
570 Rafer Alston 17061 23.47 2000 2010 HOU,MIA,MIL,NJN,ORL,TOR PG
0%
806 Raja Bell 12969 16.76 2001 2012 CHA,DAL,GSW,PHI,PHO,UTA SG
0%
3902 Rakeem Christmas 137 4.57 2016 2017 IND PF
0%
1841 Ralph Beard 3573 26.66 1950 1951 INO
0%
2150 Ralph Davis 2291 15.27 1961 1962 CHP,CIN SG
0%
3201 Ralph Hamilton 455 9.48 1949 1949 FTW,INJ
0%
1863 Ralph Johnson 3468 16.28 1950 1953 AND,FTW PG
0%
2761 Ralph Kaplowitz 884 6.91 1947 1948 NYK,PHW
0%
3205 Ralph Lewis 451 4.14 1988 1990 CHH,DET SF,SG
0%
2445 Ralph O'Brien 1427 11.70 1952 1953 BLB,FTW,INO PG,SG
0%
3207 Ralph Polson 450 9.18 1953 1953 NYK,PHW PF
0%
1818 Ralph Simpson 3659 15.57 1971 1980 DEN,DET,NJN,PHI SG
0%
3710 Randell Jackson 198 7.07 1999 2000 DAL,WAS PF
0%
2126 Randolph Keys 2382 9.84 1989 1996 CHH,CLE,LAL,MIL SF
0%
3512 Randolph Morris 286 3.58 2007 2010 ATL,NYK C,PF
0%
3169 Randy Allen 480 6.86 1989 1990 SAC SG
0%
3086 Randy Denton 553 12.29 1972 1977 ATL C
0%
691 Randy Foye 14626 18.78 2007 2017 BRK,DEN,LAC,MIN,OKC,UTA,WAS SG,PG
0%
2183 Randy Livingston 2159 9.81 1997 2007 ATL,CHI,GSW,HOU,LAC,NOH,PHO,SEA,UTA PG
0%
1179 Randy Wittman 8341 14.36 1984 1992 ATL,IND,SAC SG,SF
0%
2653 Randy Woods 1052 6.97 1993 1996 DEN,LAC PG
0%
1768 Rashad McCants 3891 15.63 2006 2009 MIN,SAC SG
0%
2826 Rashad Vaughn 819 5.77 2016 2018 BRK,MIL,ORL SG
0%
991 Rasual Butler 10276 12.06 2003 2016 CHI,IND,LAC,MIA,NOH,NOK,SAS,TOR,WAS SG,SF
0%
2281 Raul Lopez 1872 16.57 2004 2005 UTA PG
0%
3471 Rawle Marshall 308 4.89 2006 2007 DAL,IND SF,SG
0%
2950 Rayan Rupert 681 7.48 2024 2025 POR SG
0%
3244 Ray Blume 428 8.73 1982 1982 CHI SG
0%
2747 Ray Corley 909 8.42 1950 1953 BLB,FTW,SYR,TRI
0%
3662 Rayjon Tucker 217 4.34 2020 2022 DEN,MIL,PHI,UTA SG,PG
0%
3412 Ray Kuka 337 6.13 1948 1949 NYK
0%
1654 Ray Lumpp 4551 13.46 1949 1953 BLB,INJ,NYK PG,SG
0%
2211 Ray McCallum 2068 13.43 2014 2016 MEM,SAC,SAS PG
0%
2438 Raymond Townsend 1436 9.32 1979 1982 GSW,IND SG
0%
3276 Ray Owes 405 7.11 1997 1997 GSW PF
0%
3681 Ray Ragelis 209 3.87 1952 1952 ROC SF
0%
407 Ray Scott 21261 29.99 1962 1972 BAL,DET PF,C
0%
3894 Ray Spalding 139 8.69 2019 2021 DAL,HOU,PHO PF,C
0%
2234 Ray Tolbert 2000 7.52 1982 1989 ATL,DET,LAL,NJN,NYK,SEA PF
0%
3350 Ray Wertis 364 5.13 1947 1948 CLR,PRO,TRH
0%
355 Ray Williams 22476 32.34 1978 1987 ATL,BOS,KCK,NJN,NYK,SAS PG,SG
0%
1709 Red Holzman 4193 10.86 1949 1954 MLH,ROC PG
0%
2345 Red Morrison 1685 10.21 1955 1958 BOS,STL C
0%
2707 Red Owens 964 9.84 1950 1952 AND,BLB,MLH,TRI SG
0%
853 Red Rocha 12202 19.52 1948 1957 BLB,FTW,STB,SYR C
0%
2956 Red Wallace 672 11.02 1947 1947 BOS,TRH
0%
3500 Reece Beekman 293 8.14 2025 2025 BRK,GSW PG
0%
3495 Reece Gaines 296 4.17 2004 2006 HOU,MIL,ORL PG
0%
3117 Reed Sheppard 515 9.36 2025 2025 HOU PG
0%
2618 Reggie Carter 1115 8.20 1981 1982 NYK SG
0%
928 Reggie Evans 11224 13.14 2003 2015 BRK,DEN,LAC,PHI,SAC,SEA,TOR PF
0%
3035 Reggie Geary 599 5.55 1997 1998 CLE,SAS PG
0%
1676 Reggie Harding 4390 21.41 1964 1968 CHI,DET C
0%
1612 Reggie Johnson 4811 14.85 1981 1984 CLE,KCK,NJN,PHI,SAS PF,SF
0%
2449 Reggie Jordan 1421 7.18 1994 2000 ATL,LAL,MIN,POR,WAS PG,SG
0%
1101 Reggie King 9148 19.84 1980 1985 KCK,SEA PF,SF
0%
709 Reggie Lewis 14329 29.12 1988 1993 BOS SG,SF
0%
2000 Reggie L. Williams 2794 13.56 2010 2017 CHA,GSW,NOP,OKC,SAS SF
0%
3289 Reggie Perry 394 9.61 2021 2022 BRK,IND,POR PF
0%
2031 Reggie Slater 2687 10.22 1995 2003 ATL,DAL,DEN,MIN,NJN,POR,TOR PF
0%
698 Reggie Williams 14540 23.34 1988 1997 CLE,DEN,IND,LAC,NJN,SAS SF
0%
2171 Renaldo Balkman 2209 9.65 2007 2012 DEN,NYK PF,SF
0%
625 Rex Chapman 15968 23.52 1989 2000 CHH,MIA,PHO,WSB SG,PG
0%
3379 Rex Morgan 349 5.29 1971 1972 BOS SG
0%
1905 Rex Walters 3257 9.61 1994 2000 MIA,NJN,PHI SG,PG
0%
1551 Richard Anderson 5328 12.63 1983 1990 CHH,DEN,HOU,POR,SDC PF,C
0%
3802 Richard Coffey 163 3.13 1991 1991 MIN SF
0%
2165 Richard Dumas 2238 17.48 1993 1996 PHI,PHO PF,SF
0%
1315 Richard Washington 7107 19.63 1977 1982 CLE,DAL,KCK,MIL PF
0%
2764 Richie Frahm 879 6.28 2004 2008 HOU,LAC,MIN,POR,SEA SG,SF
0%
2592 Richie Niemiera 1154 9.38 1949 1950 AND,FTW
0%
1827 Richie Regan 3636 16.76 1956 1958 CIN,ROC SG,PG
0%
2836 Rich Johnson 804 8.12 1969 1971 BOS C
0%
2933 Rich Jones 695 20.44 1970 1977 NYN SF
0%
514 Rich Kelley 18282 21.28 1976 1986 DEN,NJN,NOJ,PHO,SAC,UTA C
0%
3563 Rich King 263 3.65 1992 1995 SEA C
0%
3427 Rich Manning 327 5.64 1996 1997 LAC,VAN PF
0%
3579 Rich Niemann 255 6.38 1969 1972 BOS,DET,MIL C
0%
2993 Rich Rinaldi 640 7.80 1972 1974 BAL,CAP SG
0%
1186 Rick Adelman 8269 17.12 1969 1975 CHI,KCO,NOJ,POR,SDR PG
0%
1850 Rick Brunson 3528 9.99 1998 2006 BOS,CHI,HOU,LAC,NYK,POR,SEA,TOR PG
0%
3233 Rick Calloway 434 6.78 1991 1991 SAC SG
0%
2648 Rick Carlisle 1063 5.32 1985 1990 BOS,NJN,NYK SG
0%
1916 Rickey Brown 3189 9.19 1981 1985 ATL,GSW C
0%
3519 Rickey Williams 283 6.43 1983 1983 UTA SG
0%
3836 Rick Hughes 153 7.29 2000 2000 DAL PF
0%
1140 Rick Roberson 8796 19.95 1970 1976 CLE,KCK,LAL,NOJ,POR PF,C
0%
1223 Rick Robey 7993 14.64 1979 1986 BOS,IND,PHO C
0%
3166 Rick Wilson 482 7.19 1979 1980 ATL SG
0%
2614 Ricky Berry 1122 17.53 1989 1989 SAC SG
0%
2550 Ricky Council IV 1245 11.86 2024 2025 PHI SG,SF
0%
505 Ricky Davis 18473 24.73 1999 2010 BOS,CHH,CLE,LAC,MIA,MIN SF,SG
0%
3714 Ricky Ledo 197 7.04 2014 2015 DAL,NYK SG
0%
3061 Ricky Marsh 572 9.53 1978 1978 GSW SG
0%
366 Ricky Sobers 22065 25.96 1976 1986 CHI,IND,PHO,SEA,WSB PG,SG
0%
3448 Ricky Wilson 318 12.23 1988 1988 NJN,SAS PG
0%
2133 R.J. Hampton 2357 13.86 2021 2024 DEN,DET,MIA,ORL SG,PG
0%
3574 R.J. Hunter 257 5.14 2016 2019 BOS,CHI,HOU SG
0%
2854 Robbie Hummel 788 8.04 2014 2015 MIN SF
0%
3130 Rob Dillingham 510 9.81 2025 2025 MIN PG
0%
3769 Robert Archibald 172 3.91 2003 2004 MEM,ORL,PHO,TOR PF,C
0%
858 Robert Pack 12152 20.77 1992 2004 DAL,DEN,MIN,NJN,NOH,POR,WSB PG
0%
2303 Robert Sacre 1801 9.43 2013 2016 LAL C
0%
2720 Robert Swift 944 9.73 2005 2009 OKC,SEA C
0%
3653 Robert Werdann 221 4.70 1993 1997 DEN,NJN C
0%
3884 Robert Whaley 141 6.13 2006 2006 UTA C
0%
2683 Robin Jones 1006 10.70 1977 1978 HOU,POR C
0%
3463 Rob Kurz 311 7.78 2009 2009 GSW PF
0%
1793 Rob Williams 3770 22.85 1983 1984 DEN PG
0%
2771 Rod Derline 869 7.43 1975 1976 SEA SG
0%
1943 Rod Foster 3051 13.50 1984 1986 PHO PG
0%
3700 Rod Freeman 201 5.74 1974 1974 PHI SF
0%
2363 Rodions Kurucs 1618 11.64 2019 2021 BRK,HOU,MIL SF,PF
0%
2042 Rodney Buford 2657 10.46 2000 2005 MEM,MIA,NJN,PHI,SAC SG,SF
0%
1967 Rodney Carney 2945 9.66 2007 2011 GSW,MEM,MIN,PHI SF,SG
0%
376 Rodney McCray 21931 26.94 1984 1993 CHI,DAL,HOU,SAC SF,PF
0%
1805 Rodney McGruder 3705 11.37 2017 2023 DET,LAC,MIA SG
0%
3632 Rodney Monroe 232 6.11 1992 1992 ATL SG
0%
3801 Rodney Purvis 163 10.19 2018 2018 ORL SG
0%
2841 Rodrick Rhodes 799 10.65 1998 2000 DAL,HOU,VAN SF,SG
0%
2056 Rodrigue Beaubois 2588 13.77 2010 2013 DAL PG
0%
1107 Rod Thorn 9119 18.80 1964 1971 BAL,DET,SEA,STL SG,PG
0%
1454 Roger Mason 6004 11.08 2003 2014 CHI,MIA,NOH,NYK,SAS,TOR,WAS SF,SG,PG
0%
1594 Roger Phegley 4936 13.75 1979 1984 CLE,DAL,NJN,SAS,WSB SG
0%
2859 Roko Ukic 782 9.20 2009 2010 MIL,TOR PG
0%
2603 Rollen Hans 1146 14.33 1954 1955 BLB SG
0%
3292 Rollie Seltz 394 11.59 1950 1950 AND
0%
2501 Romeo Langford 1330 8.69 2020 2023 BOS,SAS SG
0%
2576 Ronald Dupree 1190 6.96 2004 2011 CHI,DET,MIN,SEA,TOR SF
0%
1104 Ronald Murray 9129 17.16 2003 2010 ATL,CHA,CHI,CLE,DET,IND,MIL,SEA SG,PG
0%
2785 Ron Baker 858 8.94 2017 2019 NYK,WAS SG
0%
1166 Ron Behagen 8490 21.44 1974 1980 ATL,DET,HOU,IND,KCK,KCO,NOJ,NYK,WSB PF
0%
2944 Ron Bonham 686 8.07 1965 1968 BOS SF,SG
0%
1072 Ron Boone 9494 24.53 1969 1981 KCK,LAL,UTA SG
0%
1035 Ron Brewer 9849 19.05 1979 1986 CHI,CLE,GSW,NJN,POR,SAS SG
0%
3410 Ron Carter 337 5.52 1979 1980 IND,LAL SG
0%
3387 Ron Cavenall 346 5.97 1985 1989 NJN,NYK C
0%
2913 Ron Davis 716 9.18 1977 1982 ATL,SDC SF
0%
3065 Ron Grandison 570 5.33 1989 1996 ATL,BOS,CHH,MIA,NYK PF
0%
2695 Ron Holland 986 11.47 2025 2025 DET SF
0%
3697 Ron Horn 203 5.34 1962 1968 LAL,STL SF
0%
2738 Ron Knight 921 9.12 1971 1972 POR PF,SF
0%
1131 Ron Lee 8899 19.78 1977 1982 ATL,DET,NOJ,PHO PG
0%
2409 Ron Livingstone 1495 12.36 1950 1951 BLB,PHW
0%
1047 Ron Mercer 9777 22.07 1998 2005 BOS,CHI,DEN,IND,NJN,ORL,SAS SG,SF
0%
1182 Ronnie Brewer 8314 15.14 2007 2014 CHI,HOU,MEM,NYK,OKC,UTA SG,SF
0%
1641 Ronnie Lester 4594 17.40 1981 1986 CHI,LAL PG
0%
1562 Ronnie Price 5227 9.14 2006 2017 LAL,ORL,PHO,POR,SAC,UTA PG,SG
0%
3897 Ronnie Valentine 139 5.79 1981 1981 DEN SF
0%
1410 Ronny Turiaf 6266 12.05 2006 2015 GSW,LAC,LAL,MIA,MIN,NYK,WAS C
0%
2216 Ron Reed 2059 17.30 1966 1967 DET PF
0%
1779 Ron Riley 3852 14.16 1973 1976 HOU,KCO PF
0%
1930 Ron Sobie 3116 16.23 1957 1960 MNL,NYK PG,SG
0%
1020 Ron Williams 10000 18.25 1969 1976 GSW,LAL,MIL,SFW PG
0%
469 Rory Sparrow 19284 22.27 1981 1992 ATL,CHI,LAL,MIA,NJN,NYK,SAC PG
0%
1777 Rory White 3865 11.82 1983 1987 LAC,MIL,PHO,SDC PF,SF
0%
2423 Roshown McLeod 1461 12.28 1999 2001 ATL,PHI SF
0%
2130 Rowland Garrett 2360 8.37 1973 1977 CHI,CLE,MIL SF
0%
1851 Royal Ivey 3522 6.93 2005 2014 ATL,MIL,OKC,PHI PG,SG
0%
2762 Roy Hamilton 883 12.10 1980 1981 DET,POR PG
0%
798 Roy Hinson 13080 25.35 1984 1991 CLE,NJN,PHI SF,PF
0%
3475 Roy Hurley 307 6.67 1947 1947 TRH
0%
3957 Roy Marble 121 4.17 1990 1994 ATL,DEN SG,SF
0%
3920 Ruben Boumtje-Boumtje 133 3.02 2002 2004 POR C
0%
788 Ruben Patterson 13200 19.67 1999 2008 DEN,LAC,LAL,MIL,POR,SEA SG,SF
0%
3814 Ruben Wolkowyski 159 3.88 2001 2003 BOS,SEA PF
0%
1671 Rudy Fernandez 4454 16.68 2009 2012 DEN,POR SG
0%
2269 Rudy Macklin 1920 11.64 1982 1984 ATL,NYK SF
0%
2851 Rudy White 791 6.33 1976 1981 GSW,HOU,SEA SG
0%
1447 Rumeal Robinson 6056 17.20 1991 1997 ATL,CHH,LAL,NJN,PHO,POR PG
0%
3464 Russell Cross 311 6.91 1984 1984 GSW C
0%
3038 Russ Lee 595 5.51 1973 1975 MIL,NOJ SF
0%
1978 Russ Schoene 2888 9.26 1983 1989 IND,PHI,SEA PF
0%
3967 Russ Smith 119 4.10 2015 2016 MEM,NOP PG
0%
2662 Rusty LaRue 1028 10.08 1998 2004 CHI,GSW,UTA PG
0%
2058 Ryan Arcidiacono 2586 10.06 2018 2024 CHI,NYK,POR PG
0%
1874 Ryan Bowen 3417 6.47 2000 2010 DEN,HOU,NOH,OKC SF,SG,PF
0%
3243 Ryan Broekhoff 429 7.27 2019 2020 DAL SG,SF
0%
2703 Ryan Dunn 976 13.19 2025 2025 PHO SF
0%
1115 Ryan Gomes 9018 18.52 2006 2014 BOS,LAC,MIN,OKC PF,SF
0%
1774 Ryan Hollins 3878 7.00 2007 2016 BOS,CHA,CLE,DAL,LAC,MEM,MIN,SAC,WAS C,PF
0%
3192 Ryan Humphrey 465 5.28 2003 2005 MEM,ORL PF,SF
0%
2205 Ryan Kelly 2078 12.75 2014 2017 ATL,LAL PF
0%
3058 Ryan Lorthridge 574 15.51 1995 1995 GSW SG
0%
2756 Ryan Rollins 892 10.62 2023 2025 GSW,MIL,WAS PG
0%
3644 Ryan Stack 226 5.26 1999 2000 CLE PF
0%
2291 Saben Lee 1836 13.70 2021 2024 DET,PHI,PHO PG
0%
2235 Salah Mejri 1993 9.58 2016 2019 DAL C
0%
2275 Salim Stoudamire 1881 11.76 2006 2008 ATL SG,PG
0%
1493 Samaki Walker 5734 11.63 1997 2006 DAL,IND,LAL,MIA,SAS,WAS PF,C
0%
2584 Samardo Samuels 1173 10.76 2011 2013 CLE PF,C
0%
2178 Sam Dekker 2182 10.64 2016 2022 CLE,HOU,LAC,TOR,WAS PF
0%
1845 Sam Hauser 3545 11.62 2022 2025 BOS SF,PF
0%
3123 Sam H. Williams 513 7.54 1969 1970 MIL SG
0%
3185 Sam Jacobson 471 6.93 1999 2001 GSW,LAL,MIN PG
0%
162 Sam Lacey 30606 29.69 1971 1983 CIN,CLE,KCK,KCO,NJN C
0%
1853 Sam Mack 3518 13.08 1993 2002 GSW,HOU,MIA,SAS,VAN SF
0%
2167 Sam Merrill 2230 11.21 2021 2025 CLE,MEM,MIL SG
0%
2242 Sam Pellom 1987 9.89 1980 1983 ATL,MIL PF
0%
3764 Sam Ranzino 175 4.49 1952 1952 ROC SG
0%
3462 Sam Stith 312 9.75 1962 1962 NYK SG
0%
1246 Sam Vincent 7806 17.42 1986 1992 BOS,CHI,ORL,SEA SG,PG
0%
1828 Sam Williams 3635 13.67 1982 1985 GSW,PHI PF
0%
2968 Sam Worthen 654 9.34 1981 1982 CHI,UTA PG
0%
2007 Sam Young 2769 9.92 2010 2013 IND,MEM,PHI SG,SF
0%
2217 Sandro Mamukelashvili 2057 10.77 2022 2025 MIL,SAS PF,C
0%
2213 Sarunas Jasikevicius 2065 13.95 2006 2007 GSW,IND PG,SG
0%
1225 Sarunas Marciulionis 7974 20.98 1990 1997 DEN,GSW,SAC,SEA SG,SF
0%
2385 Sasha Danilovic 1553 19.91 1996 1997 DAL,MIA SG
0%
1511 Sasha Pavlovic 5622 9.08 2004 2013 BOS,CLE,DAL,MIN,NOH,POR,UTA SG,SF
0%
3295 Sasha Vezenkov 392 8.91 2024 2024 SAC PF
0%
3164 Saul Mariaschin 484 10.52 1948 1948 BOS
0%
3001 Scooter McCray 630 7.78 1984 1987 CLE,SEA PF
0%
1494 Scott Burrell 5731 14.12 1994 2001 CHH,CHI,GSW,NJN SF
0%
3788 Scott English 167 5.76 1973 1975 PHO SF
0%
3193 Scott Haffner 465 9.30 1990 1991 CHH,MIA PG
0%
3896 Scott Haskin 139 5.15 1994 1994 IND C
0%
1751 Scott Hastings 3967 6.38 1983 1993 ATL,DEN,DET,MIA,NYK PF,C
0%
1808 Scott Lloyd 3693 9.93 1977 1983 BUF,CHI,DAL,MIL,SDC C,PF
0%
3791 Scott Meents 166 4.05 1990 1991 SEA PF
0%
1702 Scott Padgett 4213 8.81 2000 2007 HOU,MEM,NJN,UTA PF
0%
2442 Scott Roth 1429 8.61 1988 1990 MIN,SAS,UTA SF
0%
2045 Scotty Pippen Jr. 2643 23.60 2023 2025 LAL,MEM PG
0%
3060 Sean Green 573 6.74 1992 1994 IND,PHI,UTA SG
0%
2138 Sean Higgins 2336 10.48 1991 1998 GSW,NJN,ORL,PHI,POR,SAS SF,PF
0%
2052 Sean Kilpatrick 2603 16.58 2015 2018 BRK,CHI,DEN,LAC,MIL,MIN SG
0%
3330 Sean Lampley 374 8.31 2003 2004 GSW,MIA SF
0%
2461 Sean Marks 1400 5.93 1999 2011 MIA,NOH,PHO,POR,SAS,TOR C,PF
0%
2361 Sean May 1632 13.71 2006 2010 CHA,SAC PF,C
0%
1052 Sean Rooks 9723 12.50 1993 2004 ATL,DAL,LAC,LAL,MIN,NOH,ORL C
0%
3721 Sean Singletary 194 5.24 2009 2009 CHA,PHO PG
0%
2485 Sean Williams 1357 9.76 2008 2012 BOS,DAL,NJN C,PF
0%
1073 Sebastian Telfair 9489 16.82 2005 2015 BOS,CLE,LAC,MIN,OKC,PHO,POR,TOR PG
0%
419 Sedale Threatt 20837 20.41 1984 1997 CHI,HOU,LAL,PHI,SEA PG,SG
0%
2657 Sedric Toney 1042 9.06 1986 1994 ATL,CLE,IND,NYK,PHO,SAC PG
0%
2682 Sekou Doumbouya 1007 10.49 2020 2022 DET,LAL PF
0%
3048 Semaj Christon 584 8.85 2017 2017 OKC PG
0%
3071 Semih Erden 564 8.17 2011 2012 BOS,CLE C
0%
2215 Semi Ojeleye 2062 6.38 2018 2022 BOS,LAC,MIL PF
0%
3755 Sergei Monia 179 6.88 2006 2006 POR,SAC SF
0%
2996 Sergey Karasev 637 6.71 2014 2016 BRK,CLE SG,SF
0%
1804 Shabazz Muhammad 3713 13.17 2014 2018 MIL,MIN SG,SF
0%
1560 Shabazz Napier 5237 14.79 2015 2020 BRK,MIA,MIN,ORL,POR,WAS PG
0%
1689 Shaedon Sharpe 4306 23.40 2023 2025 POR SG
0%
1468 Shake Milton 5947 14.90 2019 2025 BRK,DET,LAL,MIN,NYK,PHI SG
0%
2117 Shaler Halimon 2413 13.71 1969 1973 ATL,CHI,PHI,POR SF,SG
0%
1686 Shammond Williams 4336 12.75 1999 2007 ATL,BOS,DEN,LAL,NOH,ORL,SEA PG,SG
0%
937 Shandon Anderson 11054 13.94 1997 2006 HOU,MIA,NYK,UTA SF,SG
0%
3678 Shane Heal 210 4.12 1997 2004 MIN,SAS PG
0%
1802 Shane Larkin 3732 13.87 2014 2018 BOS,BRK,DAL,NYK PG
0%
1509 Shannon Brown 5646 12.19 2007 2015 CHA,CHI,CLE,LAL,MIA,NYK,PHO,SAS SG
0%
2146 Shaquille Harrison 2310 11.55 2018 2024 BRK,CHI,DEN,MEM,PHO,POR,UTA,LAL SG,PG
0%
1854 Sharone Wright 3518 17.33 1995 1998 PHI,TOR C
0%
2778 Shavlik Randolph 863 5.79 2006 2015 BOS,MIA,PHI,PHO,POR PF
0%
3136 Shawnelle Scott 502 4.44 1997 2002 CLE,DEN,SAS C
0%
3534 Shawn Long 277 15.39 2017 2017 PHI C
0%
2395 Shawn Respert 1529 8.89 1996 1999 DAL,MIL,PHO,TOR SG
0%
3908 Shayne Whittington 136 5.04 2015 2016 IND PF
0%
1775 Shelden Williams 3876 10.50 2007 2012 ATL,BOS,DEN,MIN,NJN,NYK,SAC PF,C
0%
3750 Sheldon Mac 180 4.86 2017 2017 WAS SG
0%
1650 Shellie McMillon 4567 16.79 1959 1962 DET,STL PF,SF
0%
3172 Shelton Jones 477 9.35 1989 1989 GSW,PHI,SAS SF
0%
1280 Shelvin Mack 7409 15.24 2012 2019 ATL,CHO,MEM,ORL,PHI,UTA,WAS PG,SG
0%
3921 Sherell Ford 133 4.75 1996 1996 SEA SF
0%
2055 Sidney Lowe 2595 13.45 1984 1990 ATL,CHH,DET,IND,MIN PG,SG
0%
2661 Sid Tanenbaum 1032 13.58 1948 1949 BLB,NYK
0%
3744 Sidy Cissoko 183 5.38 2024 2025 POR,SAS SF
0%
939 Si Green 11038 20.25 1957 1966 BAL,BOS,CHP,CHZ,CIN,ROC,STL PG,SG
0%
2066 Simone Fontecchio 2562 13.27 2023 2025 DET,UTA SF
0%
2714 Sindarius Thornwell 950 5.79 2018 2021 LAC,NOP,ORL SG,SF
0%
2175 Skal Labissiere 2199 14.19 2017 2025 POR,SAC PF,C
0%
3717 Skip Harlicka 196 7.26 1969 1969 ATL PG
0%
2675 Skylar Mays 1016 8.83 2021 2024 ATL,LAL,POR SG,PG
0%
528 Slater Martin 17861 21.34 1950 1960 MNL,NYK,STL PG
0%
1114 Slick Leonard 9029 19.63 1957 1963 CHP,CHZ,LAL,MNL PG
0%
1402 Sly Williams 6324 20.27 1980 1986 ATL,BOS,NYK SF,PF
0%
1561 Smush Parker 5237 18.31 2003 2008 CLE,DET,LAC,LAL,MIA,PHO PG
0%
3942 Solomon Alabi 125 4.81 2011 2012 TOR C
0%
2252 Solomon Jones 1956 6.59 2007 2014 ATL,IND,LAC,NOH,NYK,ORL PF,C
0%
3403 Sonny Dove 340 5.76 1968 1972 DET PF
0%
1692 Sonny Hertzberg 4295 13.81 1947 1951 BOS,NYK,WSC
0%
1109 Sonny Parker 9077 19.65 1977 1982 GSW SF,SG
0%
2169 Sonny Weems 2217 12.11 2009 2016 DEN,PHI,PHO,TOR SG,SF
0%
3763 Soumaila Samake 175 3.72 2001 2003 LAL,NJN C
0%
1260 Speedy Claxton 7678 21.09 2002 2009 ATL,GSW,NOH,NOK,PHI,SAS PG
0%
751 Spencer Hawes 13718 19.11 2008 2017 CHO,CLE,LAC,MIL,PHI,SAC PF,C
0%
596 Stacey Augmon 16532 15.34 1992 2006 ATL,CHH,DET,NOH,ORL,POR SG,SF
0%
3886 Stan Brown 141 4.15 1948 1952 PHW
0%
2008 Stanislav Medvedenko 2766 9.22 2001 2007 ATL,LAL C,PF
0%
1579 Stanley Roberts 5094 16.49 1992 2000 HOU,LAC,MIN,ORL,PHI C
0%
3550 Stanley Umude 268 5.70 2023 2025 DET,MIL SG
0%
1975 Stan Love 2899 12.39 1972 1975 BAL,LAL PF
0%
1463 Stan McKenzie 5956 14.78 1968 1974 BAL,HOU,PHO,POR SG,SF
0%
1455 Stan Miasek 5991 16.06 1947 1953 BLB,CHS,DTF,MLH PF,SF
0%
2819 Stan Noszka 825 7.30 1947 1949 BOS,PIT
0%
3167 Stan Patrick 481 8.59 1950 1950 SHE,WAT
0%
2777 Stan Pietkiewicz 864 9.00 1979 1981 DAL,SDC SG,PG
0%
2349 Stan Stutz 1677 9.47 1947 1949 BLB,NYK
0%
3900 Steffond Johnson 138 4.76 1987 1987 LAC PF
0%
3759 Stephane Lasme 177 11.06 2008 2008 GSW,MIA SF,PF
0%
2336 Stephen Graham 1703 7.07 2006 2011 CHA,CHI,CLE,HOU,IND,NJN,POR SG,SF
0%
2964 Stephen Howard 660 4.89 1993 1998 SAS,SEA,UTA SF
0%
1912 Sterling Brown 3209 10.99 2018 2023 DAL,HOU,LAL,MIL SG,SF
0%
2441 Steve Alford 1431 7.86 1988 1991 DAL,GSW PG
0%
3618 Steve Bardo 237 7.18 1992 1996 DAL,DET,SAS SG
0%
638 Steve Blake 15665 16.97 2004 2016 DEN,DET,GSW,LAC,LAL,MIL,POR,WAS PG
0%
2094 Steve Bracey 2460 12.49 1973 1975 ATL,GSW PG,SG
0%
2637 Steve Burtt 1079 9.90 1985 1993 GSW,LAC,PHO,WSB SG
0%
1191 Steve Colter 8244 14.99 1985 1995 CHI,CLE,PHI,POR,SAC,WSB PG
0%
3789 Steve Courtin 167 6.96 1965 1965 PHI SG
0%
3910 Steve Downing 136 4.86 1974 1975 BOS C
0%
2533 Steve Green 1287 8.41 1976 1979 IND SF
0%
3821 Steve Hamer 156 4.46 1997 1997 BOS C
0%
2833 Steve Hamilton 809 8.79 1959 1960 MNL SF
0%
2076 Steve Harris 2534 10.97 1986 1990 DET,GSW,HOU,LAC SG
0%
729 Steve Hawes 14032 19.49 1975 1984 ATL,HOU,POR,SEA PF,C
0%
2470 Steve Hayes 1378 6.47 1982 1986 CLE,DET,PHI,SAS,SEA,UTA C
0%
2241 Steve Henson 1988 8.15 1991 1999 ATL,CHH,DET,MIL,POR PG
0%
1383 Steve Kuberski 6488 10.50 1970 1978 BOS,BUF,MIL PF,SF,C
0%
3633 Steve Malovic 232 5.95 1980 1980 DET,SDC,WSB PF
0%
1780 Steven Hunter 3849 9.08 2002 2010 DEN,MEM,ORL,PHI,PHO C,PF
0%
1909 Steve Novak 3231 6.61 2007 2017 DAL,HOU,LAC,MIL,NYK,OKC,SAS,TOR,UTA SF,PF
0%
1696 Steve Patterson 4249 12.14 1972 1976 CHI,CLE C
0%
2975 Steve Scheffler 649 3.36 1991 1997 CHH,DEN,SAC,SEA C
0%
2932 Steve Sheppard 695 6.56 1978 1979 CHI,DET SF
0%
929 Steve Stipanovich 11221 27.57 1984 1988 IND C
0%
2866 Stewart Granger 774 9.68 1984 1987 ATL,CLE,NYK PG
0%
2509 Stojko Vrankovic 1317 7.61 1991 1999 BOS,LAC,MIN C
0%
1136 Stromile Swift 8807 15.90 2001 2009 HOU,MEM,NJN,PHO,VAN C,PF
0%
2103 Stuart Gray 2441 6.21 1985 1991 CHH,IND,NYK C
0%
860 Stu Lantz 12138 21.68 1969 1976 DET,HOU,LAL,NOJ,SDR SG,PG
0%
2572 Sundiata Gaines 1196 10.14 2010 2012 MIN,NJN,TOR,UTA PG,SG
0%
1765 Svi Mykhailiuk 3910 11.43 2019 2025 BOS,CHO,DET,LAL,NYK,OKC,TOR,UTA SF
0%
2228 Swede Halbrook 2032 13.46 1961 1962 SYR C
0%
749 Swen Nater 13735 27.14 1974 1984 BUF,LAL,MIL,SDC C
0%
2670 Sylvester Gray 1021 18.56 1989 1989 MIA SF
0%
3998 Sylvester Norris 110 6.47 1980 1980 SAS C
0%
1491 Talen Horton-Tucker 5743 18.35 2020 2025 CHI,LAL,UTA SG,PG
0%
2277 Tal Skinner 1879 11.74 1975 1976 SEA SF
0%
3391 Tamar Slay 345 4.42 2003 2005 CHA,NJN SG
0%
2804 Tarence Kinsey 840 7.12 2007 2009 CLE,MEM SG
0%
1855 Tari Eason 3516 20.93 2023 2025 HOU PF
0%
2074 Tarik Black 2538 11.18 2015 2018 HOU,LAL C
0%
1846 Tariq Abdul-Wahad 3544 14.23 1998 2003 DAL,DEN,ORL,SAC SG
0%
2951 Tate Armstrong 681 7.40 1978 1979 CHI SG
0%
2335 Tate George 1708 9.33 1991 1995 MIL,NJN SG,PG
0%
2992 Taylor Hendricks 641 14.91 2024 2025 UTA PF
0%
3223 Ted Luckenbill 439 4.82 1962 1963 PHW,SFW PF
0%
1953 Ted McClain 3004 14.80 1972 1979 BUF,DEN,PHI,PHO PG,SG
0%
1848 Tellis Frank 3537 13.40 1988 1994 GSW,MIA,MIN PF
0%
1303 Terance Mann 7185 15.65 2020 2025 ATL,LAC SG,SF
0%
1878 Terence Davis 3379 14.14 2020 2025 SAC,TOR SG
0%
2616 Terence Morris 1119 8.05 2002 2006 HOU,ORL SF
0%
2121 Terence Stansbury 2396 12.48 1985 1987 IND,SEA SG
0%
3559 Terrel Harris 266 5.78 2012 2013 MIA,NOH SG
0%
3536 Terrence Rencher 276 7.67 1996 1996 MIA,PHO PG
0%
3438 Terrence Shannon Jr. 322 7.85 2025 2025 MIN SG
0%
2087 Terrence Williams 2488 15.75 2010 2013 BOS,HOU,NJN,SAC SF,SG
0%
908 Terry Catledge 11454 21.45 1986 1993 ORL,PHI,WSB PF
0%
1346 Terry Davis 6826 14.22 1990 2001 DAL,DEN,MIA,WAS PF,C
0%
1433 Terry Dehere 6141 15.20 1994 1999 LAC,SAC,VAN PG,SG
0%
2085 Terry Driscoll 2498 9.61 1971 1975 BAL,DET,MIL PF,C
0%
2387 Terry Duerod 1550 10.13 1980 1983 BOS,DAL,DET,GSW SG,SF
0%
1627 Terry Furlow 4725 18.53 1977 1980 ATL,CLE,PHI,UTA SG
0%
762 Terry Mills 13586 19.55 1991 2001 DEN,DET,IND,MIA,NJN PF
0%
799 Terry Teagle 13057 17.84 1983 1993 DET,GSW,HOU,LAL SG,SF
0%
3940 Terry Thomas 126 3.94 1976 1976 DET PF
0%
523 Terry Tyler 18006 20.28 1979 1989 DAL,DET,SAC SF,PF
0%
2553 Tex Ritter 1245 7.59 1949 1951 NYK
0%
2598 Thanasis Antetokounmpo 1150 5.16 2016 2024 MIL,NYK SF,PF
0%
3695 Tharon Mayes 203 8.46 1992 1992 LAC,PHI SG
0%
1937 Theo Maledon 3063 17.31 2021 2024 CHO,OKC,PHO PG
0%
2772 Theo Pinson 868 6.68 2019 2023 BRK,DAL,NYK SG,SF
0%
3288 Theron Smith 396 7.47 2004 2005 CHA,MEM SF
0%
3533 Thomas Hamilton 278 8.42 1996 2000 BOS,HOU C
0%
1794 Thomas Robinson 3769 11.63 2013 2017 BRK,HOU,LAL,PHI,POR,SAC PF
0%
363 Thurl Bailey 22288 22.36 1984 1999 MIN,UTA PF,SF
0%
3044 Ticky Burden 590 9.37 1976 1978 NYK SG
0%
2821 Tidjane Salaun 824 13.73 2025 2025 CHO PF
0%
2525 Tierre Brown 1293 9.65 2002 2005 CLE,HOU,LAL,NOH PG,SG
0%
1791 Tim Bassett 3791 15.80 1974 1980 NJN,NYN,SAS PF
0%
3121 Tim Breaux 514 5.04 1995 1998 HOU,MIL SF
0%
3863 Tim James 147 3.42 2000 2002 CHH,MIA,PHI SF
0%
1970 Tim Kempton 2925 10.23 1987 1998 ATL,CHH,CLE,DEN,LAC,ORL,PHO,SAS,TOR PF
0%
1817 Tim Legler 3663 11.70 1990 2000 DAL,DEN,GSW,PHO,UTA,WAS,WSB SG
0%
1243 Tim McCormick 7840 15.74 1985 1992 ATL,HOU,NJN,NYK,PHI,SEA C
0%
1858 Timothe Luwawu-Cabarrot 3490 10.12 2017 2022 ATL,BRK,CHI,OKC,PHI SF
0%
1330 Tim Perry 6947 13.78 1989 1996 NJN,PHI,PHO PF,C
0%
3649 Tito Horford 222 3.42 1989 1994 MIL,WSB C
0%
2744 T.J. Leaf 914 6.05 2018 2021 IND,POR PF
0%
3150 Toby Bailey 491 6.29 1999 2000 PHO SG
0%
1145 Toby Kimball 8722 14.91 1967 1975 BOS,KCO,MIL,NOJ,PHI,SDR PF
0%
1420 Toby Knight 6223 21.53 1978 1982 NYK SF
0%
1032 Todd Day 9880 20.08 1993 2001 BOS,MIA,MIL,MIN,PHO SG
0%
2321 Todd Fuller 1751 7.45 1997 2001 CHH,GSW,MIA,UTA C
0%
1887 Todd Lichti 3330 13.88 1990 1994 BOS,DEN,GSW,ORL SG
0%
1927 Todd MacCulloch 3137 11.79 2000 2003 NJN,PHI C
0%
3629 Todd Mitchell 233 9.71 1989 1989 MIA,SAS SF
0%
2069 Tod Murphy 2557 13.39 1988 1994 DET,GSW,LAC,MIN PF,C
0%
1716 Togo Palazzi 4165 12.00 1955 1960 BOS,SYR SG,SF
0%
1750 Tom Abernethy 3968 11.95 1977 1981 GSW,IND,LAL PF,SF
0%
2458 Tom Barker 1404 14.33 1977 1979 ATL,BOS,HOU,NYK C
0%
2983 Tom Black 646 9.10 1971 1971 CIN,SEA C
0%
647 Tom Boerwinkle 15444 23.05 1969 1978 CHI C
0%
1428 Tom Boswell 6161 15.96 1976 1984 BOS,DEN,UTA PF
0%
1062 Tom Burleson 9638 20.91 1975 1981 ATL,KCK,SEA C
0%
1778 Tom Garrick 3854 15.35 1989 1992 DAL,LAC,MIN,SAS SG
0%
390 Tom Gugliotta 21585 27.85 1993 2005 ATL,BOS,GSW,MIN,PHO,UTA,WSB PF,SF
0%
1322 Tom Hammonds 7045 9.95 1990 2001 CHH,DEN,MIN,WSB PF
0%
699 Tom Hawkins 14537 16.90 1960 1969 CIN,LAL,MNL SF,PF
0%
597 Tom Henderson 16531 22.65 1975 1983 ATL,HOU,WSB PG,SG
0%
2753 Tom Hoover 896 8.62 1964 1969 LAL,NYK,STL C
0%
3548 Tom Ingelsby 270 5.63 1974 1976 ATL PG
0%
3359 Tom King 359 6.19 1947 1947 DTF
0%
2629 Tom Kozelko 1096 5.12 1974 1976 CAP,WSB PF
0%
3332 Tom Kropp 372 4.65 1976 1977 CHI,WSB SG
0%
1558 Tom LaGarde 5274 15.74 1978 1985 DAL,DEN,NJN,SEA PF,C
0%
2274 Tom Marshall 1888 10.91 1955 1959 CIN,DET,ROC SF
0%
936 Tom McMillen 11071 14.66 1976 1986 ATL,BUF,NYK,WSB C
0%
437 Tom Meschery 20400 24.97 1962 1971 PHW,SEA,SFW PF,SF
0%
2980 Tommie Green 647 10.97 1979 1979 NOJ PG
0%
2095 Tommy Byrnes 2455 9.03 1947 1951 BLB,INJ,NYK,TRI,WSC
0%
1991 Tommy Kron 2832 15.31 1967 1970 SEA,STL SG
0%
914 Tom Owens 11407 22.63 1972 1983 DET,HOU,IND,POR C,PF
0%
3645 Tom Payne 226 7.53 1972 1972 ATL C
0%
3227 Tom Riker 437 5.27 1973 1975 NYK C
0%
491 Tom Sanders 18772 17.95 1961 1973 BOS SF,PF
0%
3748 Tom Scheffler 182 4.33 1985 1985 POR C
0%
3962 Tom Sluby 120 3.87 1985 1985 DAL SG
0%
3841 Tom Stith 152 6.08 1963 1963 NYK SF
0%
2293 Tom Thacker 1835 7.37 1964 1971 BOS,CIN SG,PG
0%
1720 Tom Tolbert 4149 12.93 1989 1995 CHH,GSW,LAC,ORL SF,PF
0%
3772 Tom Workman 172 3.91 1968 1971 BAL,DET,STL
0%
1431 Toney Douglas 6145 15.02 2010 2017 GSW,HOU,MEM,MIA,NOP,NYK,SAC PG,SG
0%
867 Tony Battie 12098 13.55 1998 2012 BOS,CLE,DEN,NJN,ORL,PHI C,PF
0%
2210 Tony Bradley 2070 9.72 2018 2025 CHI,IND,OKC,PHI,UTA C
0%
1675 Tony Brown 4395 11.66 1985 1992 CHI,HOU,IND,LAC,LAL,MIL,NJN,SEA,UTA SG,SF
0%
1064 Tony Delk 9632 16.11 1997 2006 ATL,BOS,CHH,DAL,DET,GSW,PHO,SAC SG,PG
0%
2304 Tony Dumas 1794 11.50 1995 1998 CLE,DAL,PHO SG
0%
2619 Tony Farmer 1113 11.02 1998 2000 CHH,GSW C,PF
0%
3781 Tony Fuller 169 11.27 1981 1981 DET SG
0%
2200 Tony Jaros 2103 7.73 1947 1951 CHS,MNL
0%
3222 Tony Kappen 440 7.46 1947 1947 BOS,PIT
0%
2858 Tony Lavelli 783 8.90 1950 1951 BOS,NYK
0%
1174 Tony Massenburg 8385 12.01 1991 2005 BOS,CHH,GSW,HOU,LAC,MEM,NJN,PHI,SAC,SAS,TOR,UTA,VAN PF,C
0%
2845 Tony Robertson 795 10.32 1978 1979 ATL,GSW SG
0%
1522 Tony Smith 5563 11.49 1991 2001 ATL,CHH,LAL,MIA,MIL,PHO SG,PG
0%
3237 Tony White 432 8.82 1988 1988 CHI,GSW,NYK PG
0%
3865 Tony Windis 147 16.33 1960 1960 DET PG
0%
3889 Tornike Shengelia 140 3.11 2013 2014 BRK,CHI SF
0%
3975 Torraye Braggs 117 5.32 2004 2005 HOU,WAS PF
0%
1362 Torrey Craig 6704 12.41 2018 2025 BOS,CHI,DEN,IND,MIL,PHO SF,PF
0%
2894 Tosan Evbuomwan 735 16.33 2024 2025 BRK,DET,MEM SF
0%
1958 Toumani Camara 2991 20.21 2024 2025 POR PF
0%
3460 Toure' Murry 312 5.57 2014 2015 NYK,UTA,WAS PG,SG
0%
2527 Tracy Jackson 1293 10.02 1982 1984 BOS,CHI,IND SG
0%
2502 Tracy Moore 1328 11.16 1992 1997 DAL,DET,HOU SF,SG
0%
1093 Tracy Murray 9219 13.84 1993 2004 DEN,HOU,LAL,POR,TOR,WAS,WSB SF
0%
2582 Trajan Langdon 1180 9.92 2000 2002 CLE SG
0%
787 Travis Best 13201 17.12 1996 2005 CHI,DAL,IND,MIA,NJN PG
0%
2219 Travis Diener 2050 11.33 2006 2010 IND,ORL,POR PG
0%
3686 Travis Grant 207 5.45 1973 1976 LAL SF
0%
3594 Travis Hansen 250 6.10 2004 2004 ATL SF
0%
1888 Travis Knight 3326 8.36 1997 2003 BOS,LAL,NYK C
0%
2152 Travis Mays 2279 19.65 1991 1993 ATL,SAC PG
0%
1110 Travis Outlaw 9074 14.45 2004 2014 LAC,NJN,POR,SAC SF,PF
0%
3091 Travis Wear 547 8.04 2015 2018 LAL,NYK SF
0%
3394 Travis Williams 344 6.75 1998 1999 CHH SF
0%
2173 Trayce Jackson-Davis 2207 15.76 2024 2025 GSW PF,C
0%
663 T.R. Dunn 15132 14.16 1978 1991 DEN,PHO,POR SG,SF
0%
2937 Tremaine Fowlkes 690 6.70 2002 2005 DET,IND,LAC SF
0%
1910 Tre Mann 3228 17.74 2022 2025 CHO,OKC PG
0%
3280 Tremont Waters 401 8.91 2020 2022 BOS,TOR,WAS PG
0%
1860 Trendon Watford 3488 16.07 2022 2025 BRK,POR PF,SF
0%
2532 Trent Forrest 1287 8.30 2021 2024 ATL,UTA SG,PG
0%
1153 Trenton Hassell 8638 13.05 2002 2010 CHI,DAL,MIN,NJN SG,SF
0%
844 Trent Tucker 12294 14.96 1983 1993 CHI,NYK,SAS SG
0%
3076 Trevelin Queen 561 9.05 2022 2025 HOU,IND,ORL SG
0%
2276 Trevor Ruffin 1879 16.34 1995 1996 PHI,PHO PG
0%
2570 Trevor Wilson 1206 11.71 1991 1996 ATL,LAL,PHI,SAC PF
0%
2967 Trey Jemison 655 10.40 2024 2025 LAL,MEM,NOP,WAS C
0%
3956 Trey Johnson 121 4.65 2009 2012 CLE,LAL,NOH,TOR SG
0%
1459 Trey Murphy III 5960 22.41 2022 2025 NOP SF
0%
2647 Tristan Da Silva 1066 13.84 2025 2025 ORL SF
0%
2899 Tristan Vukcevic 731 16.24 2024 2025 WAS C
0%
1601 Troy Brown Jr. 4888 13.14 2019 2024 CHI,DET,LAL,MIN,WAS SF
0%
1903 Troy Daniels 3260 9.08 2014 2020 CHO,DEN,HOU,LAL,MEM,MIN,PHO SG
0%
1061 Troy Hudson 9652 18.18 1998 2008 GSW,LAC,MIN,ORL,UTA PG
0%
601 Troy Murphy 16523 22.51 2002 2013 BOS,DAL,GSW,IND,LAL,NJN PF
0%
2829 Troy Williams 813 10.56 2017 2019 HOU,MEM,NYK,SAC SF
0%
296 Truck Robinson 24350 28.78 1975 1985 ATL,NOJ,NYK,PHO,WSB PF
0%
1722 Ty Jerome 4134 17.37 2020 2025 CLE,GSW,OKC,PHO SG
0%
3287 Tyler Cavanaugh 396 7.92 2018 2019 ATL,UTA PF
0%
3177 Tyler Cook 473 7.17 2020 2022 BRK,CHI,CLE,DEN,DET PF,SF
0%
2541 Tyler Dorsey 1263 11.80 2018 2023 ATL,DAL,MEM SG,SF
0%
2278 Tyler Ennis 1878 10.04 2015 2018 HOU,LAL,MIL,PHO PG
0%
1349 Tyler Johnson 6811 18.11 2015 2022 BRK,MIA,PHI,PHO,SAS SG,PG
0%
3541 Tyler Kolek 274 6.23 2025 2025 NYK PG
0%
2109 Tyler Ulis 2425 18.23 2017 2019 CHI,PHO PG
0%
2646 Tyrese Martin 1067 14.04 2023 2025 ATL,BRK SG
0%
394 Tyrone Corbin 21506 18.77 1986 2001 ATL,CLE,MIA,MIN,PHO,SAC,SAS,TOR,UTA SF
0%
538 Tyrone Hill 17739 20.27 1991 2004 CLE,GSW,MIA,MIL,PHI PF,C
0%
1668 Tyrone Nesby 4469 17.53 1999 2002 LAC,WAS SF,SG
0%
2601 Tyrone Wallace 1147 10.06 2018 2022 ATL,LAC,NOP SG,PG
0%
1338 Tyrus Thomas 6905 16.32 2007 2015 CHA,CHI,MEM C,PF
0%
3381 Tyshawn Taylor 347 5.51 2013 2014 BRK PG
0%
3257 TyTy Washington Jr. 416 7.17 2023 2025 HOU,MIL,PHO PG
0%
1693 Tyus Edney 4265 18.38 1996 2001 BOS,IND,SAC PG
0%
741 Tyus Jones 13843 19.47 2016 2025 MEM,MIN,PHO,WAS PG
0%
3069 Udoka Azubuike 565 6.65 2021 2024 PHO,UTA C
0%
2724 Usman Garuba 938 8.85 2022 2024 GSW,HOU PF,C
0%
2548 Uwe Blab 1249 5.16 1986 1990 DAL,GSW,SAS C
0%
2337 Vasilije Micic 1701 16.84 2024 2025 CHO,OKC,PHO PG
0%
3757 Vassilis Spanoulis 178 5.56 2007 2007 HOU SG
0%
2155 Vern Gardner 2277 14.41 1950 1952 PHW SG
0%
2118 Vern Hatton 2409 10.43 1959 1962 CHP,CIN,PHW,STL SG,PG
0%
3860 Vernon Carey Jr. 147 3.87 2021 2023 CHO,WAS C
0%
3720 Viacheslav Kravtsov 194 4.31 2013 2014 DET,PHO C
0%
1619 Victor Alexander 4770 16.39 1992 2002 DET,GSW C
0%
3034 Victor Claver 599 7.30 2013 2015 POR SF
0%
2384 Viktor Khryapa 1553 10.86 2005 2008 CHI,POR PF,SF
0%
1478 Vince Boryla 5893 18.53 1950 1954 NYK SF
0%
1283 Vincent Askew 7391 14.30 1988 1998 DEN,GSW,IND,NJN,PHI,POR,SAC,SEA SG
0%
3878 Vincent Poirier 143 4.33 2020 2021 BOS,PHI C
0%
2739 Vincent Yarbrough 918 15.56 2003 2003 DEN SG
0%
3737 Vincenzo Esposito 185 6.17 1996 1996 TOR PG
0%
3624 Vince Taylor 235 7.58 1983 1983 NYK SG
0%
2324 Vince Williams Jr. 1744 17.62 2023 2025 MEM SG
0%
649 Vinny Del Negro 15390 18.65 1989 2002 GSW,MIL,PHO,SAC,SAS PG,SG
0%
1219 Vitaly Potapenko 8082 12.97 1997 2007 BOS,CLE,SAC,SEA C
0%
2312 Vit Krejci 1766 12.61 2022 2025 ATL,OKC PG,SG
0%
3348 Vitor Luiz Faverani 365 9.86 2014 2014 BOS C
0%
865 Vladimir Radmanovic 12114 15.45 2002 2013 ATL,CHA,CHI,GSW,LAC,LAL,SEA SF,PF
0%
2016 Vladimir Stepania 2740 10.15 1999 2004 MIA,NJN,POR,SEA C
0%
2639 Vlatko Cancar 1077 6.82 2020 2025 DEN PF
0%
1946 Vonteego Cummings 3030 15.15 2000 2002 GSW,PHI PG
0%
2299 Von Wafer 1819 8.38 2006 2012 BOS,DEN,HOU,LAC,LAL,ORL,POR SG,SF
0%
3199 Wade Baldwin 455 7.22 2017 2019 MEM,POR PG
0%
1996 Wah Wah Jones 2813 19.27 1950 1952 INO PF
0%
812 Wali Jones 12837 18.96 1965 1976 BAL,DET,MIL,PHI SG,PG
0%
2444 Walker Russell 1427 8.81 1983 1988 ATL,DET,IND PG
0%
3606 Walker Russell Jr. 245 8.75 2012 2012 DET PG
0%
2680 Wallace Bryant 1009 9.70 1984 1986 CHI,DAL,LAC C
0%
3571 Wally Anderzunas 259 5.89 1970 1970 CIN SF
0%
1754 Wally Osterkorn 3951 16.67 1952 1955 SYR SF,PF
0%
3936 Wally Rank 127 5.08 1981 1981 SDC SF
0%
1197 Wally Walker 8223 13.07 1977 1984 HOU,POR,SEA SF
0%
1798 Walt Budko 3746 14.46 1949 1952 BLB,PHW PF
0%
1842 Walt Davis 3567 10.31 1954 1958 PHW,STL PF,C
0%
1606 Walter Berry 4871 22.98 1987 1989 HOU,NJN,POR,SAS PF,SF
0%
2354 Walter Bond 1650 10.51 1993 1995 DAL,DET,UTA SG
0%
721 Walter Dukes 14185 24.12 1956 1963 DET,MNL,NYK C
0%
2498 Walter Herrmann 1333 8.33 2007 2009 CHA,DET PF,SF
0%
3858 Walter Jordan 148 4.93 1981 1981 CLE SF
0%
1339 Walter McCarty 6891 10.78 1997 2006 BOS,LAC,NYK,PHO SF,PF
0%
3694 Walter Palmer 203 4.06 1991 1993 DAL,UTA C
0%
3125 Walter Roger Brown 512 5.82 1973 1980 CHI,DET,LAL C
0%
3830 Walt Gilmore 155 5.74 1971 1971 POR PF
0%
454 Walt Hazzard 19713 25.21 1965 1974 ATL,BUF,GSW,LAL,SEA PG,SG
0%
2427 Walt Kirk 1456 12.03 1949 1952 AND,FTW,INJ,MLH,TRI PG
0%
3312 Walt Lautenbach 384 6.98 1950 1950 SHE
0%
3667 Walt Lemon Jr. 215 19.55 2018 2019 CHI,NOP PG
0%
1103 Walt Wesley 9130 15.27 1967 1976 CAP,CHI,CIN,CLE,LAL,MIL,PHI,PHO C
0%
627 Walt Williams 15927 21.44 1993 2003 DAL,HOU,MIA,POR,SAC,TOR SF
0%
2666 Wang Zhizhi 1026 6.71 2001 2005 DAL,LAC,MIA C
0%
3190 Wardell Jackson 467 8.34 1975 1975 SEA SF
0%
3322 Ward Williams 379 7.15 1949 1949 FTW
0%
3976 Warren Fenley 117 3.55 1947 1947 BOS
0%
3077 Warren Kidd 560 8.24 1994 1994 PHI PF
0%
2371 Warren Perkins 1602 12.52 1950 1951 TRI
0%
508 Wayne Cooper 18426 17.42 1979 1992 DAL,DEN,GSW,POR,UTA C,PF
0%
399 Wayne Embry 21454 24.19 1959 1969 BOS,CIN,MIL C
0%
1497 Wayne Hightower 5706 16.88 1963 1972 BAL,DET,SFW PF
0%
3261 Wayne Radford 415 7.98 1979 1979 IND SG
0%
2562 Wayne Robinson 1231 15.20 1981 1981 DET PF
0%
3716 Wayne Sappleton 196 5.94 1985 1985 NJN PF
0%
3028 Wayne See 606 9.93 1950 1950 WAT
0%
2351 Wayne Selden 1670 12.56 2017 2022 CHI,MEM,NOP,NYK SG
0%
3472 Wayne Simien 307 5.79 2006 2007 MIA PF
0%
3673 Wayne Yates 212 5.17 1962 1962 LAL C
0%
3111 Wendell Moore Jr. 525 5.36 2023 2025 CHO,DET,MIN SG
0%
2401 Wenyen Gabriel 1512 9.11 2020 2024 BRK,LAC,LAL,MEM,NOP,POR,SAC PF,C
0%
2174 Wes Iwundu 2200 9.32 2018 2022 ATL,DAL,NOP,ORL SF
0%
2987 Wesley Cox 643 8.69 1978 1979 GSW SF
0%
711 Wesley Person 14318 18.84 1995 2005 ATL,CLE,DEN,MEM,MIA,PHO,POR SG,SF
0%
1111 Wes Matthews 9054 18.00 1981 1990 ATL,CHI,LAL,PHI,SAS,WSB PG
0%
3303 Whitey Bell 389 10.81 1960 1961 NYK PG
0%
3722 Whitey Kachan 194 3.23 1949 1949 CHS,MNL
0%
3017 Whitey Martin 615 9.32 1962 1962 NYK SG
0%
1406 Whitey Skoog 6284 16.76 1952 1957 MNL SG
0%
3036 Whitey Von Nieda 599 10.15 1950 1950 BLB,TRI
0%
3380 Wilbert Kautz 349 5.92 1947 1947 CHS
0%
1324 Wilbur Holland 7025 25.18 1976 1979 ATL,CHI SG
0%
3179 Wiley Peck 473 8.76 1980 1980 SAS SF
0%
1872 Wil Jones 3421 21.52 1970 1978 BUF,IND PF
0%
1414 Will Bynum 6246 17.02 2006 2015 DET,GSW,WAS PG,SG
0%
2736 William Avery 923 6.41 2000 2002 MIN PG
0%
2239 William Bedford 1989 7.89 1987 1993 DET,PHO,SAS C
0%
3305 William Smith 388 12.93 1972 1973 POR C
0%
674 Willie Anderson 14932 24.60 1989 1997 MIA,NYK,SAS,TOR SG,SF
0%
1719 Willie Jones 4153 14.42 1961 1965 DET PG
0%
2206 Willie McCarter 2077 12.08 1970 1972 LAL,POR SG
0%
1467 Willie Norwood 5948 13.40 1972 1978 DET,POR,SEA SF
0%
2386 Willie Reed 1550 10.20 2016 2018 BRK,DET,LAC,MIA C
0%
2610 Willie Smith 1132 14.51 1977 1980 CHI,CLE,IND,POR PG
0%
2916 Willie White 713 7.43 1985 1986 DEN SG
0%
2512 Willie Wise 1315 15.84 1970 1978 DEN,SEA SF
0%
2557 Will Solomon 1239 10.77 2002 2009 MEM,SAC,TOR SG,PG
0%
1526 Willy Hernangomez 5517 15.99 2017 2023 CHO,NOP,NYK C
0%
2432 Wilson Washington 1448 14.48 1978 1979 NJN,PHI PF
0%
2111 Winford Boynes 2422 13.68 1979 1981 DAL,NJN SG
0%
2426 Winston Bennett 1458 10.34 1990 1992 CLE,MIA SF
0%
3719 Winston Crite 195 6.29 1988 1989 PHO SF
0%
850 Winston Garland 12229 23.03 1988 1995 DEN,GSW,HOU,LAC,MIN PG
0%
1740 Win Wilfong 4049 14.26 1958 1961 CIN,STL PG
0%
989 Woody Sauldsberry 10290 20.96 1958 1966 BOS,CHP,CHZ,PHW,STL PF,C
0%
3195 Wyndol Gray 463 6.91 1947 1948 BOS,PRO,STB
0%
2317 Xavier Henry 1764 9.54 2011 2015 LAL,MEM,NOH SF,SG
0%
3597 Xavier Moon 249 8.89 2022 2024 LAC SG
0%
3611 Xavier Munford 241 10.04 2016 2018 MEM,MIL SG
0%
1820 Xavier Tillman Sr. 3652 12.64 2021 2025 BOS,MEM PF,C
0%
2559 Yakhouba Diawara 1238 6.32 2007 2010 DEN,MIA SG,SF
0%
1707 Yi Jianlian 4196 15.37 2008 2012 DAL,MIL,NJN,WAS PF
0%
3030 Yinka Dare 604 5.49 1995 1998 NJN C
0%
3005 York Larese 626 9.21 1962 1962 CHP,PHW SG
0%
2300 Yuta Watanabe 1818 8.34 2019 2024 BRK,MEM,PHO,TOR SF
0%
2372 Yves Missi 1599 21.90 2025 2025 NOP C
0%
3560 Zabian Dowdell 265 11.04 2011 2011 PHO PG
0%
983 Zaid Abdul-Aziz 10343 19.78 1969 1978 BOS,BUF,CIN,HOU,MIL,SEA C,PF
0%
2033 Zan Tabak 2684 10.05 1995 2001 BOS,HOU,IND,TOR C
0%
2581 Zarko Cabarkapa 1180 7.87 2004 2006 GSW,PHO PF
0%
3925 Zarko Paspalj 132 4.71 1990 1990 SAS SF
0%
3576 Zavier Simpson 256 23.27 2022 2024 MEM,OKC PG
0%
2207 Zeke Nnaji 2075 7.63 2021 2025 DEN PF
0%
2127 Zeke Zawoluk 2380 13.15 1953 1955 INO,PHW PF,SF
0%
2113 Zeljko Rebraca 2419 10.66 2002 2006 ATL,DET,LAC C
0%
2580 Zendon Hamilton 1182 8.82 2001 2006 CLE,DEN,LAC,MIL,PHI,TOR C,PF
0%
1901 Ziaire Williams 3269 14.40 2022 2025 BRK,MEM SF
0%
2588 Zoran Planinic 1166 7.29 2004 2006 NJN SG,PG
0%
No matching quizzes found
Score Distribution
Percent of People with Each Score
Percentile by Number Answered
Your Score History
You have not taken this quiz